{"text_format":"3","workbook":"xlsx","n_sheets":14,"sheets":["Planilha Resumo","BDI Serviços","BDI Materiais ","CILT","Estimativa Materiais Limpeza","Mão de Obra","Insumos","Serv. Gerenc. Facilities","Manut. Prevent Sintét - Ar Cond","Manut. Prevent Analít - Ar Cond","Serv. Limpeza - Sintético","Serv. Limpeza - Analítico","Man. Predial Sinté-Mão de Obra","Man. Predial Analit-Mão de Obra"],"not_rendered":{"images":2,"defined_names":13},"read":"whole","date_system":"1900"}

{"sheet":"Planilha Resumo","index":0,"n_rows":13,"n_cols":9,"rows_kept":13,"merged":[[0,0,0,8],[1,0,1,8],[2,0,2,8],[10,0,10,7],[11,0,11,5],[12,0,12,8]]}
["ASSEMBLEIA LEGISLATIVA DO ESTADO DE RONDÔNIA"]
[" ORÇAMENTO ESTIMATIVO                                                                                                                              "]
["PLANILHA RESUMO DO VALOR ESTIMATIVO DE FACILITIES"]
["Descrição","Valor anual SEM BDI/CILT","Valor mensal SEM BDI/CILT","CILT (%)","BDI SERVIÇOS (%)","BDI MATERIAIS (%)","Qtd (meses)","Valor anual COM BDI/CILT","Valor mensal COM BDI/CILT"]
["Mão de obra (por demanda)",{"$f":"'Mão de Obra'!$J$20","v":{"v":41088.84,"d":"R$ 41,088.84"}},{"$f":"B5/12","v":{"v":3424.0699999999997,"d":"R$ 3,424.07"}},{"v":0.2907,"d":"29.07%"},"-","-",12,{"$f":"'Mão de Obra'!$J$20+'Mão de Obra'!$J$21","v":{"v":53023.36,"d":"R$ 53,023.36"}},{"$f":"H5/12","v":{"v":4418.613333333334,"d":"R$ 4,418.61"}}]
["Insumos (por demanda)",{"$f":"Insumos!$J$62","v":{"v":12324.53,"d":"R$ 12,324.53"}},{"$f":"B6/12","v":{"v":1027.0441666666668,"d":"R$ 1,027.04"}},"-","-",{"$f":"'BDI Materiais '!H25","v":{"v":0.1838,"d":"18.38%"}},12,{"$f":"Insumos!$J$62+Insumos!$J$63","v":{"v":14585.16,"d":"R$ 14,585.16"}},{"$f":"H6/12","v":{"v":1215.43,"d":"R$ 1,215.43"}}]
["Serviço de Manutenção Predial (por demanda)",{"$f":"'Man. Predial Sinté-Mão de Obra'!$J$74","v":{"v":33059.33,"d":"R$ 33,059.33"}},{"v":2754.9441666666667,"d":"R$ 2,754.94"},"-",{"$f":"'BDI Serviços'!$H$25","v":{"v":0.2619,"d":"26.19%"}},"-",12,{"$f":"'Man. Predial Sinté-Mão de Obra'!$J$74+'Man. Predial Sinté-Mão de Obra'!$J$75","v":{"v":41712.44,"d":"R$ 41,712.44"}},{"v":3476.036666666667,"d":"R$ 3,476.04"}]
["Serviço de Gerenciamento e Supervição de Facilities",{"$f":"'Serv. Gerenc. Facilities'!$J$15","v":{"v":5512.92,"d":"R$ 5,512.92"}},{"v":459.41,"d":"R$ 459.41"},"-",{"$f":"'BDI Serviços'!$H$25","v":{"v":0.2619,"d":"26.19%"}},"-",12,{"$f":"'Serv. Gerenc. Facilities'!$J$15+'Serv. Gerenc. Facilities'!$J$16","v":{"v":6956.64,"d":"R$ 6,956.64"}},{"v":579.72,"d":"R$ 579.72"}]
["Serviço de Manutenção Preventiva de Ar Condicionado",{"$f":"'Manut. Prevent Sintét - Ar Cond'!$J$10","v":{"v":2746.56,"d":"R$ 2,746.56"}},{"v":228.88,"d":"R$ 228.88"},"-",{"$f":"'BDI Serviços'!$H$25","v":{"v":0.2619,"d":"26.19%"}},"-",12,{"$f":"'Manut. Prevent Sintét - Ar Cond'!$J$10+'Manut. Prevent Sintét - Ar Cond'!$J$11","v":{"v":3465.84,"d":"R$ 3,465.84"}},{"v":288.82,"d":"R$ 288.82"}]
["Serviço de Limpeza e Conservação Predial",{"$f":"'Serv. Limpeza - Sintético'!$J$10","v":{"v":13982.16,"d":"R$ 13,982.16"}},{"v":1165.18,"d":"R$ 1,165.18"},"-",{"$f":"'BDI Serviços'!$H$25","v":{"v":0.2619,"d":"26.19%"}},"-",12,{"$f":"'Serv. Limpeza - Sintético'!$J$10+'Serv. Limpeza - Sintético'!$J$11","v":{"v":17644.08,"d":"R$ 17,644.08"}},{"v":1470.3400000000001,"d":"R$ 1,470.34"}]
["                                                                                 VALOR TOTAL MENSAL ESTIMADO",{"$nulls":7},{"$f":"SUM(I5:I10)","v":{"v":11448.960000000001,"d":"R$ 11,448.96"}}]
[" VALOR TOTAL ANUAL ESTIMADO",{"$nulls":6},{"$f":"SUM(H5:H10)","v":{"v":137387.52000000002,"d":"R$ 137,387.52"}}]
["Obs.: Os valores referentes ao Gerenciamento e Supervisão de Facilities, manutenção preventiva de ar condicionado e limpeza e conservação predial serão pagos de forma fixa, mediante prestação dos serviços. Os demais serviços e insumos são estimativos, em decorrência da imprevisibilidade inerente às atividades, e serão executados conforme demanda da ALE/RO, sendo pagos mediante prestação do serviço."]

{"sheet":"BDI Serviços","index":1,"n_rows":32,"n_cols":8,"rows_kept":32,"merged":[[0,0,0,8],[1,0,1,8],[2,0,2,8],[3,1,3,7],[4,1,4,7],[11,1,11,6],[12,7,13,7],[14,1,14,6],[20,1,20,6],[21,7,22,7],[23,1,23,3],[24,1,24,6],[27,0,27,8],[28,0,28,8]]}
["ASSEMBLEIA LEGISLATIVA DO ESTADO DE RONDÔNIA"]
[" ORÇAMENTO ESTIMATIVO"]
["PLANILHA DE COMPOSIÇÃO DE BONIFICAÇÕES E DESPESAS INDIRETAS (BDI) DE SERVIÇOS"]
[null,"OBJETO: Locação com facilities de imóvel em Brasília/DF para implantação de escritório de representação institucional da Assembleia Legislativa do Estado de Rondônia - ALE/RO"]
[null,"ENDEREÇO: Brasília/DF"]
[]
[null,"VALORES DE REFERÊNCIA - % ",null,null,"1º QUARTIL","MÉDIO","3º QUARTIL","VALOR ADOTADO"]
[null,"GRUPO","A","DESPESAS INDIRETAS"]
[null,null,"A.1","ADMINISTRAÇÃO CENTRAL",{"v":0.03,"d":"3.00%"},{"v":0.04,"d":"4.00%"},{"v":0.055,"d":"5.50%"},{"$f":"G9","v":{"v":0.055,"d":"5.50%"}}]
[null,null,"A.2","SEGURO + GARANTIA",{"v":0.008,"d":"0.80%"},{"v":0.008,"d":"0.80%"},{"v":0.01,"d":"1.00%"},{"$f":"G10","v":{"v":0.01,"d":"1.00%"}}]
[null,null,"A.3","RISCOS",{"v":0.0097,"d":"0.97%"},{"v":0.0127,"d":"1.27%"},{"v":0.0127,"d":"1.27%"},{"v":0.0127,"d":"1.27%"}]
[null,"TOTAL GRUPO A",{"$nulls":5},{"$f":"SUM(H8:H11)","v":{"v":0.0777,"d":"7.77%"}}]
[null,"GRUPO","B","BONIFICAÇÃO",{"$nulls":3},{"$f":"G14","v":{"v":0.0896,"d":"8.96%"}}]
[null,null,"B.1","LUCRO BRUTO",{"v":0.0616,"d":"6.16%"},{"v":0.074,"d":"7.40%"},{"v":0.0896,"d":"8.96%"}]
[null,"TOTAL GRUPO B",{"$nulls":5},{"$f":"SUM(H13)","v":{"v":0.0896,"d":"8.96%"}}]
[null,"GRUPO","C","IMPOSTOS"]
[null,null,"C.1","PIS",{"v":0.0065,"d":"0.65%"},{"v":0.0065,"d":"0.65%"},{"v":0.0065,"d":"0.65%"},{"$f":"G17","v":{"v":0.0065,"d":"0.65%"}}]
[null,null,"C.2","COFINS",{"v":0.03,"d":"3.00%"},{"v":0.03,"d":"3.00%"},{"v":0.03,"d":"3.00%"},{"$f":"G18","v":{"v":0.03,"d":"3.00%"}}]
[null,null,"C.3","ISSQN",{"v":0.02,"d":"2.00%"},{"v":0.02,"d":"2.00%"},{"v":0.02,"d":"2.00%"},{"v":0.02,"d":"2.00%"}]
[null,null,"C.4","CPRB",{"v":0,"d":"0.00%"},{"v":0,"d":"0.00%"},{"v":0,"d":"0.00%"},{"v":0,"d":"0.00%"}]
[null,"TOTAL GRUPO C",{"$nulls":5},{"$f":"SUM(H16:H20)","v":{"v":0.056499999999999995,"d":"5.65%"}}]
[null,"GRUPO","D","DESPESAS FINANCEIRAS (F)",{"$nulls":3},{"$f":"G23","v":{"v":0.0139,"d":"1.39%"}}]
[{"$nulls":3},"DESPESAS FINANCEIRAS",{"v":0.0059,"d":"0.59%"},{"v":0.0123,"d":"1.23%"},{"v":0.0139,"d":"1.39%"}]
[null,"TOTAL GRUPO D",{"$nulls":5},{"$f":"SUM(H22)","v":{"v":0.0139,"d":"1.39%"}}]
[null,"TOTAL BDI (SERVIÇOS)",{"$nulls":5},{"$f":"ROUND(((((1+H12)*(1+H24)*(1+H15))/(1-H21))-1),4)","v":{"v":0.2619,"d":"26.19%"}}]
[]
[]
["BDI (%) = (((1+A) x (1+D) x (1+B) ) - 1 )  x 100"]
["        (1- C)"]
[]
[]
[null,"FONTE:  ACÓRDÃO Nº 2622/2013 – TCU – Plenário"]

{"sheet":"BDI Materiais ","index":2,"n_rows":32,"n_cols":8,"rows_kept":32,"merged":[[0,0,0,8],[1,0,1,8],[2,0,2,8],[3,1,3,7],[4,1,4,7],[6,1,6,3],[11,1,11,6],[12,7,13,7],[14,1,14,6],[20,1,20,6],[21,7,22,7],[23,1,23,6],[24,1,24,6],[27,0,27,8],[28,0,28,8]]}
["ASSEMBLEIA LEGISLATIVA DO ESTADO DE RONDÔNIA"]
["                ORÇAMENTO ESTIMATIVO"]
["PLANILHA DE COMPOSIÇÃO DE BONIFICAÇÕES E DESPESAS INDIRETAS (BDI) DE MATERIAIS, PEÇAS E EQUIPAMENTOS"]
[null,"OBJETO: Locação com facilities de imóvel em Brasília/DF para implantação de escritório de representação institucional da Assembleia Legislativa do Estado de Rondônia - ALE/RO"]
[null,"LOCAL: Brasília/DF"]
[]
[null,"VALORES DE REFERÊNCIA - % ",null,null,"1º QUARTIL","MÉDIO","3º QUARTIL","VALOR ADOTADO"]
[null,"GRUPO","A","DESPESAS INDIRETAS"]
[null,null,"A.1","ADMINISTRAÇÃO CENTRAL",{"v":0.015,"d":"1.50%"},{"v":0.0345,"d":"3.45%"},{"v":0.0449,"d":"4.49%"},{"$f":"G9","v":{"v":0.0449,"d":"4.49%"}}]
[null,null,"A.2","SEGURO + GARANTIA",{"v":0.003,"d":"0.30%"},{"v":0.0048,"d":"0.48%"},{"v":0.0082,"d":"0.82%"},{"$f":"G10","v":{"v":0.0082,"d":"0.82%"}}]
[null,null,"A.3","RISCOS",{"v":0.0056,"d":"0.56%"},{"v":0.0085,"d":"0.85%"},{"v":0.0089,"d":"0.89%"},{"v":0.0089,"d":"0.89%"}]
[null,"TOTAL GRUPO A",{"$nulls":5},{"$f":"SUM(H9:H11)","v":{"v":0.062,"d":"6.20%"}}]
[null,"GRUPO","B","BONIFICAÇÃO",{"$nulls":3},{"$f":"G14","v":{"v":0.0622,"d":"6.22%"}}]
[null,null,"B.1","LUCRO BRUTO",{"v":0.035,"d":"3.50%"},{"v":0.0511,"d":"5.11%"},{"v":0.0622,"d":"6.22%"}]
[null,"TOTAL GRUPO B",{"$nulls":5},{"$f":"SUM(H13)","v":{"v":0.0622,"d":"6.22%"}}]
[null,"GRUPO","C","IMPOSTOS"]
[null,null,"C.1","PIS",{"v":0.0065,"d":"0.65%"},{"v":0.0065,"d":"0.65%"},{"v":0.0065,"d":"0.65%"},{"$f":"G17","v":{"v":0.0065,"d":"0.65%"}}]
[null,null,"C.2","COFINS",{"v":0.03,"d":"3.00%"},{"v":0.03,"d":"3.00%"},{"v":0.03,"d":"3.00%"},{"$f":"G18","v":{"v":0.03,"d":"3.00%"}}]
[null,null,"C.3","ISSQN",{"v":0,"d":"0.00%"},{"v":0,"d":"0.00%"},{"v":0,"d":"0.00%"},{"v":0,"d":"0.00%"}]
[null,null,"C.4","CPRB",{"v":0,"d":"0.00%"},{"v":0,"d":"0.00%"},{"v":0,"d":"0.00%"},{"v":0,"d":"0.00%"}]
[null,"TOTAL GRUPO C",{"$nulls":5},{"$f":"SUM(H17:H20)","v":{"v":0.0365,"d":"3.65%"}}]
[null,"GRUPO","D","DESPESAS FINANCEIRAS (F)",{"$nulls":3},{"$f":"G23","v":{"v":0.0111,"d":"1.11%"}}]
[{"$nulls":3},"DESPESAS FINANCEIRAS",{"v":0.0085,"d":"0.85%"},{"v":0.0085,"d":"0.85%"},{"v":0.0111,"d":"1.11%"}]
[null,"TOTAL GRUPO D",{"$nulls":5},{"$f":"SUM(H22)","v":{"v":0.0111,"d":"1.11%"}}]
[null,"TOTAL BDI (MATERIAIS, PEÇAS E EQUIPAMENTOS)",{"$nulls":5},{"$f":"ROUND(((((1+H12)*(1+H24)*(1+H15))/(1-H21))-1),4)","v":{"v":0.1838,"d":"18.38%"}}]
[]
[]
["BDI (%) = (((1+A) x (1+D) x (1+B) ) - 1 )  x 100"]
["        (1- C)"]
[]
[]
[null,"FONTE: ACÓRDÃO Nº 2622/2013 – TCU – Plenário"]

{"sheet":"CILT","index":3,"n_rows":27,"n_cols":4,"rows_kept":27,"merged":[[0,0,0,4],[1,0,1,4],[2,0,2,4],[4,1,4,3],[5,1,5,3],[6,1,6,3],[18,1,18,2],[26,0,27,3]]}
["ASSEMBLEIA LEGISLATIVA DO ESTADO DE RONDÔNIA"]
["    ORÇAMENTO ESTIMATIVO"]
["PLANILHA DE COMPOSIÇÃO DE CUSTOS INDIRETOS, LUCRO E TRIBUTOS (CILT)"]
[]
[null,"OBJETO: Locação com facilities de imóvel em Brasília/DF para implantação de escritório de representação institucional da Assembleia Legislativa do Estado de Rondônia - ALE/RO"]
[null,"LOCAL: Brasília/DF"]
[null,"PLANILHA DE COMPOSIÇÃO DE CUSTOS INDIRETOS, LUCRO E TRIBUTOS (CILT)"]
[null,"A","CUSTOS INDIRETOS",{"v":0.05,"d":"5.00%"}]
[]
[null,"B","LUCRO",{"v":0.1,"d":"10.00%"}]
[]
[null,"C","TRIBUTOS",{"$f":"D13+D17","v":{"v":0.0865,"d":"8.65%"}}]
[null,"C.1","Tributos Federais",{"$f":"D14+D15+D16","v":{"v":0.0365,"d":"3.65%"}}]
[null,"C.1.1","PIS",{"v":0.0065,"d":"0.65%"}]
[null,"C.1.2","COFINS",{"v":0.03,"d":"3.00%"}]
[null,"C.1.3","CPRB",{"v":0,"d":"0.00%"}]
[null,"C.2","Tributos Municipais (ISSQN)",{"v":0.05,"d":"5.00%"}]
[]
[null,"CILT",null,{"$f":"((1+$D$8)/((1-$D$12-$D$10)))-1","v":{"v":0.2907191149354642,"d":"29.07%"}}]
{"$rows_empty":7}
["FONTES: ANEXO VII - \"D\" DA INSTRUÇÃO NORMATIVA SEGES/MPDG nº 05/2017 "]

{"sheet":"Estimativa Materiais Limpeza","index":4,"n_rows":47,"n_cols":7,"rows_kept":47,"merged":[[0,0,0,4],[1,0,1,4],[46,0,46,4]]}
["ASSEMBLEIA LEGISLATIVA DO ESTADO DE RONDÔNIA"]
["Materiais de limpeza - Estimativa de quantidades de uso/consumo"]
["Cotação","Materiais","Qtd anual","Unidade","Consumo mensal"]
["COTAÇÃO","Adesivo em gel para vaso, embalagem com 3 um. (DESODORIZADOR SANITÁRIO VÁRIAS FRAGRÂNCIAS)",24,"UND",{"$f":"C4/12","v":{"v":2,"d":"2.00"}}]
["COTAÇÃO","Água sanitária, galão com 5 litros",5,"UND",{"v":0.4166666666666667,"d":"0.42"}]
["COTAÇÃO","Álcool gel 70% Galão com 5 litros",5,"UND",{"v":0.4166666666666667,"d":"0.42"}]
["COTAÇÃO","Álcool liquido 70%, embalagem com 5 litro",5,"UND",{"v":0.4166666666666667,"d":"0.42"}]
["COTAÇÃO","Balde de plástico de 15 litros com Alça Cores Sortidas ",2,"UND",{"v":0.16666666666666666,"d":"0.17"}]
["COTAÇÃO","Balde de plástico de 20 litros com Alça Cores Sortidas ",2,"UND",{"v":0.16666666666666666,"d":"0.17"}]
["COTAÇÃO","Cera liquida incolor que dá brilho e forma uma camada protetora para vários pisos Galão com 5 litros",2,"UND",{"v":0.16666666666666666,"d":"0.17"}]
["COTAÇÃO","Desentupidor de vaso sanitário Cabo Plástico 60CM Único",1,"UND",{"v":0.08333333333333333,"d":"0.08"}]
["COTAÇÃO","Desinfetante germicida e bactericida concentrado (galão de 5 litros)",9.96,"UND",{"v":0.8300000000000001,"d":"0.83"},null,{"$f":"0.83*12","v":{"v":9.959999999999999,"d":"9.96"}}]
["COTAÇÃO","Desinfetante hospitalar Assert HC200 ou similar para (sanitização) (galão de 5 litros)",1,"UND",{"v":0.08333333333333333,"d":"0.08"}]
["COTAÇÃO","Desodorizador de ambiente 360 ml aerosol (várias fragrâncias)",24,"UND",{"v":2,"d":"2.00"}]
["COTAÇÃO","Detergente liquido frasco com 500ml",12,"UND",{"v":1,"d":"1.00"}]
["COTAÇÃO","Escova uso geral base de plástico ou madeira  (unidade)",2,"UND",{"v":0.16666666666666666,"d":"0.17"}]
["COTAÇÃO","Escova sanitária com suporte (basa)",2,"UND",{"v":0.16666666666666666,"d":"0.17"}]
["COTAÇÃO","Esponja dupla face 1 unidade ",24,"UND",{"v":2,"d":"2.00"}]
["COTAÇÃO","Fibra Sintética Verde 102MM X 260MM - Limpeza Pesada (unidade)",24,"UND",{"v":2,"d":"2.00"}]
["COTAÇÃO","Flanela de limpeza cor branca, tamanho 50x50",24,"UND",{"v":2,"d":"2.00"}]
["COTAÇÃO","Hipermeabilizante  para piso paviflex (galão de 5 litros)",1,"UND",{"v":0.08333333333333333,"d":"0.08"}]
["COTAÇÃO","Limpador De Pedras 5L (marmore e granitos) galão de 5 litros",2,"UND",{"v":0.16666666666666666,"d":"0.17"}]
["COTAÇÃO","Limpa vidros para remover manchas de vidros, fórmicas, espelhos e superfícies impermeáveis (galão de 5 litros)",6,"UND",{"v":0.5,"d":"0.50"}]
["COTAÇÃO","Limpador multiuso (500 ml)",24,"UND",{"v":2,"d":"2.00"}]
["COTAÇÃO","Luva de borracha forrada de verniz tamanhos P, M, G caixa com 100 unidades",1,"UND",{"v":0.08333333333333333,"d":"0.08"}]
["COTAÇÃO","Luva Refil Para Rodo Limpa Vidros Combinado 40Cm",1,"UND",{"v":0.08333333333333333,"d":"0.08"}]
["COTAÇÃO","desdorizador/limpador de ambiente e pisos em geral concentrado/aromatizante (galão de 5 litros)",6,"UND",{"v":0.5,"d":"0.50"}]
["COTAÇÃO","Óleo de peroba frasco de 200 ml",6,"UND",{"v":0.5,"d":"0.50"}]
["COTAÇÃO","Pá coletora de lixo de material plástico com cabo de alumínio revestido de plástico com 90cm (26 x 25 x 90 centímetros)",2,"UND",{"v":0.16666666666666666,"d":"0.17"}]
["COTAÇÃO","Lã de aço  (pacote com 8 unidades )",3,"UND",0.25]
["COTAÇÃO","Pano de chão alvejado (50x70 cm)",12,"UND",{"v":1,"d":"1.00"}]
["COTAÇÃO","Pano multiuso, rolo 30cmx 300m",12,"UND",{"v":1,"d":"1.00"}]
["COTAÇÃO","Papel higiênico folha dupla rolo grande extremamente macio picotado 0,10x200mt (caixa com 8)",13,"UND",{"v":1.0833333333333333,"d":"1.08"}]
["COTAÇÃO","Papel toalha interfolhado tamanho 20x23 cm com 1000 folhas simples de alta qualidade (pacote)",12,"UND",{"v":1,"d":"1.00"}]
["COTAÇÃO","Pulverizador borrifador manual Spray de ( 500ml) - material plástico ",2,"UND",{"v":0.16666666666666666,"d":"0.17"}]
["COTAÇÃO","Rodo com cabo de alumínio  40cm com cabo de 150 cm",2,"UND",{"v":0.16666666666666666,"d":"0.17"}]
["COTAÇÃO","Rodo com cabo de aluminio  60cm com cabo de 150 cm",2,"UND",{"v":0.16666666666666666,"d":"0.17"}]
["COTAÇÃO","Sabão em barra embalagem com 5 unidade",2,"UND",{"v":0.16666666666666666,"d":"0.17"}]
["COTAÇÃO","Sabão em pó pacote com 500G",12,"UND",{"v":1,"d":"1.00"}]
["COTAÇÃO","Sabonete liquido perolado e concentrado aroma erva doce/lavanda (galão 5 litros) ótima qualidade",6,"UND",{"v":0.5,"d":"0.50"}]
["COTAÇÃO","Saco p/ lixo cor preta 100 litros plástico super reforçado (pacote com 100 unidades)",6,"UND",{"v":0.5,"d":"0.50"}]
["COTAÇÃO","Saco p/ lixo cor preta 60 litros plástico super reforçado (pacote com 100 unidades)",6,"UND",{"v":0.5,"d":"0.50"}]
["COTAÇÃO","Saco p/ lixo cor preta 40 litros plástico super reforçado (pacote com 100 unidades)",6,"UND",{"v":0.5,"d":"0.50"}]
["COTAÇÃO","Mop Rodo Limpa Vidros Extensível Flash Limp Com Cabo 1,60m",1,"UND",{"v":0.08333333333333333,"d":"0.08"}]
["COTAÇÃO","Conjunto Suporte para fibra com o cabo flexivel",1,"UND",{"v":0.08333333333333333,"d":"0.08"}]
["COTAÇÃO","Vassoura tipo noviça de naylon uso internos/externos",2,"UND",{"v":0.16666666666666666,"d":"0.17"}]
["Obs.: Os materiais acima foram dimensionados para utilização nos ambientes internos do escritório de representação institucional da ALE/RO. Os coeficientes são utilizados para inserção na composição do serviço de limpeza e conservação. Serviços em ambientes de uso comum considerou-se que estarão contemplados na taxa condominial"]

{"sheet":"Mão de Obra","index":5,"n_rows":22,"n_cols":11,"rows_kept":22,"merged":[[0,0,0,9],[1,0,1,9],[2,0,2,9],[3,4,3,5],[3,6,3,7],[3,8,3,9],[4,4,4,5],[4,6,4,7],[4,8,4,9],[5,0,5,9],[19,0,19,2],[19,5,19,6],[20,0,20,2],[20,5,20,6],[21,0,21,2],[21,5,21,6],[23,0,23,9]]}
["ASSEMBLEIA LEGISLATIVA DO ESTADO DE RONDÔNIA"]
["    ORÇAMENTO ESTIMATIVO"]
["PLANILHA ORÇAMENTÁRIA SINTÉTICA DE MÃO DE OBRA (POR DEMANDA)"]
[{"$nulls":3},"Obra","Bancos",null,"CILT",null,"Encargos Sociais"]
[{"$nulls":3},"LOCAÇÃO COM FACILITIES - MÃO DE OBRA","SINAPI - 08/2025 - Distrito Federal\n\n",null,"29,07%",null,"Não Desonerado: embutido nos preços unitário dos insumos de mão de obra, de acordo com as bases."]
["Orçamento Sintético"]
["Item","Código","Banco","Descrição","Und","Quant.","Valor Unit","Valor Unit com CILT","Total","Peso (%)"]
[" 1 "," 88269 ","SINAPI","GESSEIRO COM ENCARGOS COMPLEMENTARES","H",52,32.46,41.89,{"$f":"TRUNC(H8*F8,2)","v":{"v":2178.28,"d":"2,178.28"}},{"v":0.04108151576965322,"d":"4.11 %"}]
[" 2 "," 88309 ","SINAPI","PEDREIRO COM ENCARGOS COMPLEMENTARES","H",78,32.69,42.19,{"$f":"TRUNC(H9*F9,2)","v":{"v":3290.82,"d":"3,290.82"}},{"v":0.06206358857680841,"d":"6.21 %"}]
[" 3 "," 88267 ","SINAPI","ENCANADOR OU BOMBEIRO HIDRÁULICO COM ENCARGOS COMPLEMENTARES","H",52,31.96,41.25,{"v":2145,"d":"2,145.00"},{"v":0.04045386788011925,"d":"4.05 %"}]
[" 4 "," 88315 ","SINAPI","SERRALHEIRO COM ENCARGOS COMPLEMENTARES","H",26,32.46,41.89,{"v":1089.14,"d":"1,089.14"},{"v":0.02054075788482661,"d":"2.05 %"}]
[" 5 "," 88273 ","SINAPI","MARCENEIRO COM ENCARGOS COMPLEMENTARES","H",78,30.59,39.48,{"v":3079.44,"d":"3,079.44"},{"v":0.05807704377844029,"d":"5.81 %"}]
[" 6 "," 88264 ","SINAPI","ELETRICISTA COM ENCARGOS COMPLEMENTARES","H",156,33.09,{"v":42.7,"d":"42.70"},{"v":6661.2,"d":"6,661.20"},{"v":0.12562764788953398,"d":"12.56 %"}]
[" 7 "," 88247 ","SINAPI","AUXILIAR DE ELETRICISTA COM ENCARGOS COMPLEMENTARES","H",156,26.26,33.89,{"v":5286.84,"d":"5,286.84"},{"v":0.09970775145143575,"d":"9.97 %"}]
[" 8 "," 88266 ","SINAPI","ELETROTÉCNICO/TÉCNICO EM REDES COM ENCARGOS COMPLEMENTARES","H",156,40.04,51.67,{"v":8060.52,"d":"8,060.52"},{"v":0.15201828024478267,"d":"15.20 %"}]
[" 9 "," 88241 ","SINAPI","AJUDANTE DE OPERAÇÃO EM GERAL COM ENCARGOS COMPLEMENTARES","H",520,25.73,{"v":33.2,"d":"33.20"},{"v":17264,"d":"17,264.00"},{"v":0.32559234269574766,"d":"32.56 %"}]
[" 10 "," 100308 ","SINAPI","MECÂNICO DE REFRIGERAÇÃO COM ENCARGOS COMPLEMENTARES","H",52,34.51,44.54,{"v":2316.08,"d":"2,316.08"},{"v":0.04368037031225482,"d":"4.37 %"}]
[" 11 "," 88250 ","SINAPI","AUXILIAR DE MECÂNICO COM ENCARGOS COMPLEMENTARES","H",52,24.62,31.77,{"v":1652.04,"d":"1,652.04"},{"v":0.031156833516397302,"d":"3.12 %"}]
[{"$nulls":10},{"$f":"SUM(I8:I18)","v":{"v":53023.36000000001,"d":"53,023.36"}}]
[{"$nulls":5},"Total sem BDI",{"$nulls":3},{"v":41088.84,"d":"R$ 41,088.84"}]
[{"$nulls":5},"Total do BDI",{"$nulls":3},{"v":11934.52,"d":"R$ 11,934.52"}]
[{"$nulls":5},"Total Geral",{"$nulls":3},{"v":53023.36,"d":"R$ 53,023.36"}]

{"sheet":"Insumos","index":6,"n_rows":64,"n_cols":11,"rows_kept":64,"merged":[[0,0,0,9],[1,0,1,9],[2,0,2,9],[3,4,3,5],[3,6,3,7],[3,8,3,9],[4,4,4,5],[4,6,4,7],[4,8,4,9],[5,0,5,9],[61,0,61,2],[61,5,61,6],[62,0,62,2],[62,5,62,6],[63,0,63,2],[63,5,63,6],[65,0,65,9],[66,0,66,9]]}
["ASSEMBLEIA LEGISLATIVA DO ESTADO DE RONDÔNIA"]
["    ORÇAMENTO ESTIMATIVO"]
["PLANILHA ORÇAMENTÁRIA SINTÉTICA DE INSUMOS (POR DEMANDA)"]
[{"$nulls":3},"Obra","Bancos",null,"B.D.I.",null,"Encargos Sociais"]
[{"$nulls":3},"LOCAÇÃO COM FACILITIES - INSUMOS","SINAPI - 08/2025 - Distrito Federal\nORSE - 06/2025 - Sergipe\nCPOS/CDHU - 06/2025 - São Paulo\n\n",null,"18,38%",null,"Não Desonerado: embutido nos preços unitário dos insumos de mão de obra, de acordo com as bases."]
["Orçamento Sintético"]
["Item","Código","Banco","Descrição","Und","Quant.","Valor Unit","Valor Unit com BDI","Total","Peso (%)"]
[" 1 "," 00038124 ","SINAPI","ESPUMA EXPANSIVA DE POLIURETANO, APLICACAO MANUAL - 500 ML","UN",3,{"v":23.9,"d":"23.90"},28.29,{"$f":"TRUNC(F8*H8,2)","v":84.87},{"v":5.8189282805262334E-3,"d":"0.58 %"}]
[" 2 "," 00039961 ","SINAPI","SILICONE ACETICO USO GERAL INCOLOR 280 G","UN",2,28.36,33.57,{"$f":"TRUNC(F9*H9,2)","v":67.14},{"v":0.004603309116938038,"d":"0.46 %"}]
[" 3 "," 00039719 ","SINAPI","ADESIVO / COLA DE CONTATO LIQUIDO, A BASE DE RESINAS, PARA COLAGEM DE ESPUMA PARA ISOLAMENTO TERMICO FLEXIVEL","L",2,190.75,{"v":225.8,"d":"225.80"},{"v":451.6,"d":"451.60"},{"v":0.030962978808597233,"d":"3.10 %"}]
[" 4 "," 00044327 ","SINAPI","COLA PARA TUBOS E MANTAS ELASTOMERICAS, A BASE DE SOLVENTE","L",1,177.99,{"v":210.7,"d":"210.70"},{"v":210.7,"d":"210.70"},{"v":0.014446190511451365,"d":"1.44 %"}]
[" 5 "," 00000156 ","SINAPI","ADESIVO ESTRUTURAL A BASE DE RESINA EPOXI, BICOMPONENTE, FLUIDO","KG",2,66.33,78.52,157.04,{"v":0.010767108485611403,"d":"1.08 %"}]
[" 6 "," 00001339 ","SINAPI","COLA A BASE DE RESINA SINTETICA PARA CHAPA DE LAMINADO MELAMINICO E OUTROS","KG",2,38.81,45.94,91.88,{"v":0.006299553793033467,"d":"0.63 %"}]
[" 7 "," 00011058 ","SINAPI","PARAFUSO ROSCA SOBERBA ZINCADO CABECA CHATA FENDA SIMPLES 5,5 X 65 MM (2.1/2\")","UN",50,0.46,0.54,{"v":27,"d":"27.00"},{"v":1.8511966958195865E-3,"d":"0.19 %"}]
[" 8 "," 00004356 ","SINAPI","PARAFUSO DE ACO ZINCADO COM ROSCA SOBERBA, CABECA CHATA E FENDA SIMPLES, DIAMETRO 4,8 MM, COMPRIMENTO 45 MM","UN",50,0.26,{"v":0.3,"d":"0.30"},{"v":15,"d":"15.00"},{"v":0.001028442608788659,"d":"0.10 %"}]
[" 9 "," 00011056 ","SINAPI","PARAFUSO ROSCA SOBERBA ZINCADO CABECA CHATA FENDA SIMPLES 3,8 X 30 MM (1.1/4\")","UN",50,0.09,{"v":0.1,"d":"0.10"},{"v":5,"d":"5.00"},{"v":3.4281420292955303E-4,"d":"0.03 %"}]
[" 10 "," 00010691 ","SINAPI","SOLVENTE PARA COLA A BASE DE RESINA SINTETICA (PARA COLA DE LAMINADO MELAMINICO E OUTRAS SUPERFICIES)","L",2,51.85,61.38,122.76,{"v":0.008416774310326386,"d":"0.84 %"}]
[" 11 "," 00034357 ","SINAPI","REJUNTE CIMENTICIO, QUALQUER COR","KG",5,3.81,4.51,22.55,{"v":1.5460920552122842E-3,"d":"0.15 %"}]
[" 12 "," 00039434 ","SINAPI","MASSA DE REJUNTE EM PO PARA DRYWALL, A BASE DE GESSO, SECAGEM RAPIDA, PARA TRATAMENTO DE JUNTAS DE CHAPA DE GESSO (NECESSITA ADICAO DE AGUA)","KG",20,3.34,3.95,{"v":79,"d":"79.00"},{"v":0.005416464406286938,"d":"0.54 %"}]
[" 13 "," 00011945 ","SINAPI","BUCHA DE NYLON SEM ABA S4","UN",50,0.11,0.13,{"v":6.5,"d":"6.50"},{"v":4.4565846380841895E-4,"d":"0.04 %"}]
[" 14 "," 00004375 ","SINAPI","BUCHA DE NYLON SEM ABA S6","UN",50,0.19,0.22,{"v":11,"d":"11.00"},{"v":7.5419124644501671E-4,"d":"0.08 %"}]
[" 15 "," 00004376 ","SINAPI","BUCHA DE NYLON SEM ABA S8","UN",50,0.37,0.43,{"v":21.5,"d":"21.50"},{"v":0.001474101072597078,"d":"0.15 %"}]
[" 16 "," 00004374 ","SINAPI","BUCHA DE NYLON SEM ABA S10","UN",50,{"v":0.7,"d":"0.70"},0.82,{"v":41,"d":"41.00"},{"v":0.002811076464022335,"d":"0.28 %"}]
[" 17 "," 00000411 ","SINAPI","ABRACADEIRA DE NYLON PARA AMARRACAO DE CABOS, COMPRIMENTO DE 200 X *4,6* MM","UN",50,0.21,0.24,{"v":12,"d":"12.00"},{"v":8.2275408703092736E-4,"d":"0.08 %"}]
[" 18 "," 00004341 ","SINAPI","PORCA ZINCADA, QUADRADA, DIAMETRO 3/8\"","UN",20,1.03,1.21,{"v":24.2,"d":"24.20"},{"v":1.6592207421790369E-3,"d":"0.17 %"}]
[" 19 "," 00011267 ","SINAPI","ARRUELA LISA, REDONDA, DE LATAO POLIDO, DIAMETRO NOMINAL 5/8\", DIAMETRO EXTERNO = 34 MM, DIAMETRO DO FURO = 17 MM, ESPESSURA = *2,5* MM","UN",20,1.43,1.69,{"v":33.8,"d":"33.80"},{"v":2.3174240118037787E-3,"d":"0.23 %"}]
[" 20 "," 00039435 ","SINAPI","PARAFUSO DRY WALL, EM ACO FOSFATIZADO, CABECA TROMBETA E PONTA AGULHA (TA), COMPRIMENTO 25 MM","UN",50,{"v":0.1,"d":"0.10"},0.11,{"v":5.5,"d":"5.50"},{"v":3.7709562322250836E-4,"d":"0.04 %"}]
[" 21 "," 00039599 ","SINAPI","CABO DE REDE, PAR TRANCADO UTP, 4 PARES, CATEGORIA 6 (CAT 6), ISOLAMENTO PVC (LSZH)","M",30,9.02,10.67,{"v":320.1,"d":"320.10"},{"v":0.021946965271549986,"d":"2.19 %"}]
[" 22 "," 00003315 ","SINAPI","GESSO EM PO PARA REVESTIMENTOS/MOLDURAS/SANCAS E USO GERAL","KG",50,0.77,0.91,{"v":45.5,"d":"45.50"},{"v":3.1196092466589326E-3,"d":"0.31 %"}]
[" 23 "," 00020250 ","SINAPI","SISAL EM FIBRA / ESTOPA SISAL PARA GESSO","KG",10,{"v":20,"d":"20.00"},23.67,{"v":236.7,"d":"236.70"},{"v":0.016228824366685043,"d":"1.62 %"}]
[" 24 "," 00000013 ","SINAPI","ESTOPA","KG",5,19.92,23.58,{"v":117.9,"d":"117.90"},{"v":0.00808355890507886,"d":"0.81 %"}]
[" 25 "," 00038120 ","SINAPI","MASSA EPOXI BICOMPONENTE PARA REPAROS","KG",1,131.44,155.59,155.59,{"v":0.010667692366761832,"d":"1.07 %"}]
[" 26 "," 00039431 ","SINAPI","FITA DE PAPEL MICROPERFURADO, 50 X 150 MM, PARA TRATAMENTO DE JUNTAS DE CHAPA DE GESSO PARA DRYWALL","M",40,{"v":0.3,"d":"0.30"},0.35,{"v":14,"d":"14.00"},{"v":9.5987976820274855E-4,"d":"0.10 %"}]
[" 27 "," 00003146 ","SINAPI","FITA VEDA ROSCA, EM PTFE, ROLO DE 18 MM X 10 M (L X C)","UN",1,{"v":4.5,"d":"4.50"},5.32,5.32,{"v":3.6475431191704445E-4,"d":"0.04 %"}]
[" 28 "," 00010498 ","SINAPI","MASSA PARA VIDRO","KG",20,10.18,12.05,{"v":241,"d":"241.00"},{"v":0.016523644581204457,"d":"1.65 %"}]
[" 29 "," 6.95.48 ","FDE","KIT REPARO PARA CAIXA ACOPLADA","CJ",1,107.15,126.84,126.84,{"v":0.008696510699916902,"d":"0.87 %"}]
[" 30 "," 00000142 ","SINAPI","SELANTE ELASTICO MONOCOMPONENTE A BASE DE POLIURETANO (PU) PARA JUNTAS DIVERSAS","310ML",3,42.92,{"v":50.8,"d":"50.80"},{"v":152.4,"d":"152.40"},{"v":0.010448976905292777,"d":"1.04 %"}]
[" 31 "," 00001379 ","SINAPI","CIMENTO PORTLAND COMPOSTO CP II-32","KG",50,0.66,0.78,{"v":39,"d":"39.00"},{"v":2.6739507828505136E-3,"d":"0.27 %"}]
[" 32 "," 00038101 ","SINAPI","TOMADA 2P+T 10A, 250V (APENAS MODULO)","UN",5,10.64,12.59,62.95,{"v":0.004316030814883073,"d":"0.43 %"}]
[" 33 "," P.02.000.090792 ","CPOS/CDHU","CANALETA EM PVC NA COR BRANCA, DE 20X12MM, SISTEMA X; REFERÊNCIA 30802X FABRICAÇÃO PIAL LEGRAND OU EQUIVALENTE","m",18,{"v":7.4,"d":"7.40"},8.76,157.68,{"v":0.010810988703586386,"d":"1.08 %"}]
[" 34 "," 3162 ","ORSE","Cabo de cobre PP Cordplast 4 x 2,5 mm2, 450/750v","m",20,{"v":10.8,"d":"10.80"},12.78,{"v":255.6,"d":"255.60"},{"v":0.01752466205375875,"d":"1.75 %"}]
[" 35 "," 00011561 ","SINAPI","MOLA HIDRAULICA AEREA, PARA PORTAS DE ATE 1.100 MM E PESO DE ATE 85 KG, COM CORPO EM ALUMINIO E BRACO EM ACO, SEM BRACO DE PARADA","UN",3,231.48,274.02,822.06,{"v":0.056362768732053675,"d":"5.64 %"}]
[" 36 "," 00038091 ","SINAPI","ESPELHO / PLACA CEGA 4\" X 2\", PARA INSTALACAO DE TOMADAS E INTERRUPTORES","UN",3,{"v":3.3,"d":"3.30"},{"v":3.9,"d":"3.90"},{"v":11.7,"d":"11.70"},{"v":8.0218523485515417E-4,"d":"0.08 %"}]
[" 37 "," 00037556 ","SINAPI","PLACA DE SINALIZACAO DE SEGURANCA CONTRA INCENDIO, FOTOLUMINESCENTE, QUADRADA, *20 X 20* CM, EM PVC *2* MM ANTI-CHAMAS (SIMBOLOS, CORES E PICTOGRAMAS CONFORME NBR 16820)","UN",3,28.91,34.22,102.66,{"v":0.007038661214549584,"d":"0.70 %"}]
[" 38 "," 00006138 ","SINAPI","ANEL DE VEDACAO, PVC FLEXIVEL, 100 MM, PARA SAIDA DE BACIA / VASO SANITARIO","UN",1,15.42,18.25,18.25,{"v":1.2512718406928686E-3,"d":"0.13 %"}]
[" 39 "," 00004384 ","SINAPI","PARAFUSO NIQUELADO COM ACABAMENTO CROMADO PARA FIXAR PECA SANITARIA, INCLUI PORCA CEGA, ARRUELA E BUCHA DE NYLON TAMANHO S-10","UN",2,22.86,27.06,54.12,{"v":3.7106209325094824E-3,"d":"0.37 %"}]
[" 40 "," 00000296 ","SINAPI","ANEL BORRACHA PARA TUBO ESGOTO PREDIAL, DN 50 MM (NBR 5688)","UN",4,1.57,1.85,{"v":7.4,"d":"7.40"},{"v":5.0736502033573848E-4,"d":"0.05 %"}]
[" 41 "," 00003526 ","SINAPI","JOELHO PVC, SOLDAVEL, PB, 90 GRAUS, DN 50 MM, PARA ESGOTO PREDIAL","UN",2,3.08,3.64,7.28,{"v":4.9913747946542925E-4,"d":"0.05 %"}]
[" 42 "," 00000370 ","SINAPI","AREIA MEDIA - POSTO JAZIDA/FORNECEDOR (RETIRADO NA JAZIDA, SEM TRANSPORTE)","M³",1,210.23,248.87,248.87,{"v":0.017063234136615573,"d":"1.71 %"}]
[" 43 "," 00037595 ","SINAPI","ARGAMASSA COLANTE TIPO AC III","KG",40,1.99,2.35,{"v":94,"d":"94.00"},{"v":0.006444907015075598,"d":"0.64 %"}]
[" 44 "," 00003777 ","SINAPI","LONA PLASTICA PESADA PRETA, E = 150 MICRA","M²",20,1.96,2.32,{"v":46.4,"d":"46.40"},{"v":3.1813158031862524E-3,"d":"0.32 %"}]
[" 45 "," 00021127 ","SINAPI","FITA ISOLANTE ADESIVA ANTICHAMA, USO ATE 750 V, EM ROLO DE 19 MM X 5 M","UN",2,4.56,5.39,10.78,{"v":7.3910742151611641E-4,"d":"0.07 %"}]
[" 46 "," 14495 ","ORSE","Suporte em polipropileno para condensadora split até 30.000 BTUS, 35 x 54 cm,carga máxima de 435kg, inclusive parafusos, buchas e arruelas","un",1,151.71,179.59,179.59,{"v":0.012313200540823686,"d":"1.23 %"}]
[" 47 "," 00039711 ","SINAPI","TUBO DE ESPUMA DE POLIETILENO EXPANDIDO FLEXIVEL PARA ISOLAMENTO TERMICO DE TUBULACAO DE AR CONDICIONADO, AGUA QUENTE, DN 1 5/8\", E= 10 MM","M",12,5.16,{"v":6.1,"d":"6.10"},{"v":73.2,"d":"73.20"},{"v":5.018799930888657E-3,"d":"0.50 %"}]
[" 48 "," 00000218 ","Próprio","Gás Refrigerante R410a (11.35 kg) - Diverso","UN",1,{"v":1685.22,"d":"1,685.22"},{"v":1994.96,"d":"1,994.96"},{"v":1994.96,"d":"1,994.96"},{"v":0.13678012445526824,"d":"13.68 %"}]
[" 49 "," 00000219 ","Próprio","Placa Eletrônica Principal da Evaporadora Split 18.000 Btu/h - Ref. Midea Split  Modelo  42VFCA18M5 (17122000015765)","UN",1,330.63,391.39,391.39,{"v":0.026834810176919553,"d":"2.68 %"}]
[" 50 "," 00000220 ","Próprio","Bomba de Dreno 13 litros/h para Split Hi-Wall","UN",1,390.88,462.72,462.72,{"v":0.03172539759591256,"d":"3.17 %"}]
[" 51 "," 00000221 ","Próprio","Capacitor Eletrolítico para Motor Compressor 45uF 440v","UN",2,27.05,32.02,64.04,{"v":0.004390764311121715,"d":"0.44 %"}]
[" 52 "," 00000222 ","Próprio","Capacitor do Motor de Ventilador 3,5uF 450v","UN",2,6.58,7.78,15.56,{"v":1.0668377995167691E-3,"d":"0.11 %"}]
[" 53 "," 00000224 ","Próprio","Fechadura Eletrônica IFR7000 c/ Maçaneta","UN",3,{"v":1847.04,"d":"1,847.04"},{"v":2186.52,"d":"2,186.52"},{"v":6559.56,"d":"6,559.56"},{"v":0.4497420665937158,"d":"44.97 %"}]
[{"$nulls":10},{"$f":"SUM(I8:I60)","v":{"v":14585.16,"d":"14,585.16"}}]
[{"$nulls":5},"Total sem BDI",{"$nulls":3},{"v":12324.53,"d":"R$ 12,324.53"}]
[{"$nulls":5},"Total do BDI",{"$nulls":3},{"v":2260.63,"d":"R$ 2,260.63"}]
[{"$nulls":5},"Total Geral",{"$nulls":3},{"$f":"J62+J63","v":{"v":14585.16,"d":"R$ 14,585.16"}}]

{"sheet":"Serv. Gerenc. Facilities","index":7,"n_rows":17,"n_cols":11,"rows_kept":17,"merged":[[0,0,0,9],[1,0,1,9],[2,0,2,9],[3,4,3,5],[3,6,3,7],[3,8,3,9],[4,4,4,5],[4,6,4,7],[4,8,4,9],[5,0,5,9],[6,4,6,5],[7,4,7,5],[8,4,8,5],[10,7,10,8],[14,0,14,2],[14,5,14,6],[15,0,15,2],[15,5,15,6],[16,0,16,2],[16,5,16,6],[18,0,18,9],[19,0,19,9]]}
["ASSEMBLEIA LEGISLATIVA DO ESTADO DE RONDÔNIA"]
["    ORÇAMENTO ESTIMATIVO"]
["PLANILHA ORÇAMENTÁRIA ANALÍTICA - SERVIÇO DE GERENCIAMENTO E SUPERVISÃO DE FACILITIES"]
[{"$nulls":3},"Obra","Bancos",null,"B.D.I.",null,"Encargos Sociais"]
[{"$nulls":3},"LOCAÇÃO COM FACILITIES - GERENCIAMENTO","SINAPI - 08/2025 - Distrito Federal\n",null,"26,19%",null,"Não Desonerado: embutido nos preços unitário dos insumos de mão de obra, de acordo com as bases."]
["Planilha Orçamentária Analítica"]
[" 1 ","Código","Banco","Descrição","Tipo",null,"Und","Quant.","Valor Unit","Total"]
["Composição"," PRQ209 ","Próprio","Serviço de Gerenciamento e Supervição de Facilities","SEDI - SERVIÇOS DIVERSOS",null,"mês",{"v":1,"d":"1.0000000"},459.41,459.41]
["Composição Auxiliar"," 90776 ","SINAPI","ENCARREGADO GERAL COM ENCARGOS COMPLEMENTARES","Livro SINAPI: Cálculos e Parâmetros",null,"H",{"v":17.33,"d":"17.3300000"},26.51,{"$f":"TRUNC(H9*I9,2)","v":459.41}]
[{"$nulls":4},"MO sem LS =>",409.68,"LS =>",{"v":0,"d":"0.00"},"MO com LS =>",409.68]
[{"$nulls":4},"Valor do BDI =>",120.31,null,"Valor com BDI =>",null,579.72]
[{"$nulls":6},"Quant. =>","12,00","Preço Total =>",{"$f":"TRUNC(H12*J11,2)","v":{"v":6956.64,"d":"6,956.64"}},6956.64]
[]
[]
[{"$nulls":5},"Total sem BDI",{"$nulls":3},{"v":5512.92,"d":"R$ 5,512.92"}]
[{"$nulls":5},"Total do BDI",{"$nulls":3},{"v":1443.72,"d":"R$ 1,443.72"}]
[{"$nulls":5},"Total Geral",{"$nulls":3},{"v":6956.64,"d":"R$ 6,956.64"}]

{"sheet":"Manut. Prevent Sintét - Ar Cond","index":8,"n_rows":12,"n_cols":12,"rows_kept":12,"merged":[[0,0,0,9],[1,0,1,9],[2,0,2,9],[3,4,3,5],[3,6,3,7],[3,8,3,9],[4,4,4,5],[4,6,4,7],[4,8,4,9],[5,0,5,9],[9,0,9,2],[9,5,9,6],[10,0,10,2],[10,5,10,6],[11,0,11,2],[11,5,11,6],[13,0,13,9],[14,0,14,9]]}
["ASSEMBLEIA LEGISLATIVA DO ESTADO DE RONDÔNIA"]
["    ORÇAMENTO ESTIMATIVO"]
["PLANILHA ORÇAMENTÁRIA SINTÉTICA - SERVIÇO DE MANUTENÇÃO PREVENTIVA DE AR CONDICIONADO"]
[{"$nulls":3},"Obra","Bancos",null,"B.D.I.",null,"Encargos Sociais"]
[{"$nulls":3},"LOCAÇÃO COM FACILITIES - MANUTENÇÃO PREVENTIVA DE AR CONDICIONADO","SINAPI - 08/2025 - Distrito Federal\n",null,"26,19%",null,"Não Desonerado: embutido nos preços unitário dos insumos de mão de obra, de acordo com as bases."]
["Orçamento Sintético"]
["Item","Código","Banco","Descrição","Und","Quant.","Valor Unit","Valor Unit com BDI","Total","Peso (%)"]
[" 1 "," PRQ210 ","Próprio","Serviço de Manutenção Preventiva de ar condicionado","mês",12,228.88,288.82,{"$f":"TRUNC(F8*H8,2)","v":{"v":3465.84,"d":"3,465.84"}},{"v":1,"d":"100.00 %"},null,{"v":3465.84,"d":"3,465.84"}]
[]
[{"$nulls":5},"Total sem BDI",{"$nulls":3},{"v":2746.56,"d":"R$ 2,746.56"}]
[{"$nulls":5},"Total do BDI",{"$nulls":3},{"v":719.28,"d":"R$ 719.28"}]
[{"$nulls":5},"Total Geral",{"$nulls":3},{"v":3465.84,"d":"R$ 3,465.84"}]

{"sheet":"Manut. Prevent Analít - Ar Cond","index":9,"n_rows":27,"n_cols":12,"rows_kept":27,"merged":[[0,0,0,9],[1,0,1,9],[2,0,2,9],[3,4,3,5],[3,6,3,7],[3,8,3,9],[4,4,4,5],[4,6,4,7],[4,8,4,9],[5,0,5,9],[6,4,6,5],[7,4,7,5],[8,4,8,5],[9,4,9,5],[10,4,10,5],[11,4,11,5],[12,4,12,5],[13,4,13,5],[14,4,14,5],[15,4,15,5],[16,4,16,5],[18,7,18,8],[22,0,22,2],[22,5,22,6],[23,0,23,2],[23,5,23,6],[24,0,24,2],[24,5,24,6],[26,0,26,9]]}
["ASSEMBLEIA LEGISLATIVA DO ESTADO DE RONDÔNIA"]
["    ORÇAMENTO ESTIMATIVO"]
["PLANILHA ORÇAMENTÁRIA ANALÍTICA - SERVIÇO DE MANUTENÇÃO PREVENTIVA DE AR CONDICIONADO"]
[{"$nulls":3},"Obra","Bancos",null,"B.D.I.",null,"Encargos Sociais"]
[{"$nulls":3},"LOCAÇÃO COM FACILITIES - MANUTENÇÃO PREVENTIVA DE AR CONDICIONADO","SINAPI - 08/2025 - Distrito Federal\n",null,"26,19%",null,"Não Desonerado: embutido nos preços unitário dos insumos de mão de obra, de acordo com as bases."]
["Planilha Orçamentária Analítica"]
[" 1 ","Código","Banco","Descrição","Tipo",null,"Und","Quant.","Valor Unit","Total"]
["Composição"," PRQ210 ","Próprio","Serviço de Manutenção Preventiva de ar condicionado","SEDI - SERVIÇOS DIVERSOS",null,"mês",{"v":1,"d":"1.0000000"},228.88,228.88]
["Composição Auxiliar"," 100308 ","SINAPI","MECÂNICO DE REFRIGERAÇÃO COM ENCARGOS COMPLEMENTARES","Livro SINAPI: Cálculos e Parâmetros",null,"H",{"v":3,"d":"3.0000000"},34.51,{"$f":"TRUNC(H9*I9,2)","v":103.53},103.53]
["Composição Auxiliar"," 88250 ","SINAPI","AUXILIAR DE MECÂNICO COM ENCARGOS COMPLEMENTARES","Livro SINAPI: Cálculos e Parâmetros",null,"H",{"v":3,"d":"3.0000000"},24.62,{"$f":"TRUNC(H10*I10,2)","v":73.86},73.86]
["Insumo"," 00020111 ","SINAPI","FITA ISOLANTE ADESIVA ANTICHAMA, USO ATE 750 V, EM ROLO DE 19 MM X 20 M","Material",null,"UN",{"v":0.05,"d":"0.0500000"},12.08,{"$f":"TRUNC(H11*I11,2)","v":{"v":0.6,"d":"0.60"}},{"v":0.6,"d":"0.60"}]
["Insumo"," 00000215 ","Próprio","Bactericida Aromatizador de Ambiente para Ar-Condicionado (01 litro)","Material",null,"L",{"v":0.17,"d":"0.1700000"},22.18,{"$f":"TRUNC(H12*I12,2)","v":3.77},3.77]
["Insumo"," 00000175 ","Próprio","Álcool liquido 70%, embalagem com 5 litro","Material",null,"UN",{"v":0.42,"d":"0.4200000"},37.81,15.88,15.88]
["Insumo"," 00000183 ","Próprio","Detergente liquido frasco com 500ml","Material",null,"UN",{"v":0.83,"d":"0.8300000"},1.98,1.64,1.64]
["Insumo"," 00000217 ","Próprio","Thilex Desengraxante e Desincrustante Ácido para Uso Geral e Limpeza de Evaporadores de Ar Cond. (05 Litros)","Material",null,"L",{"v":0.42,"d":"0.4200000"},49.24,20.68,20.68]
["Insumo"," 00000216 ","Próprio","Lubrificante Micro Óleo Anticorrosivo WD-40 300ml","Material",null,"L",{"v":0.025,"d":"0.0250000"},38.48,0.96,0.96]
["Insumo"," 00000013 ","SINAPI","ESTOPA","Material",null,"KG",{"v":0.4,"d":"0.4000000"},19.92,7.96,7.96]
[{"$nulls":4},"MO sem LS =>",126.57,"LS =>",{"v":0,"d":"0.00"},"MO com LS =>",126.57]
[{"$nulls":4},"Valor do BDI =>",59.94,null,"Valor com BDI =>",null,288.82,null,{"$f":"TRUNC(J19*H20,2)","v":{"v":3465.84,"d":"3,465.84"}}]
[{"$nulls":6},"Quant. =>","12,00","Preço Total =>",{"v":3465.84,"d":"3,465.84"}]
[]
[]
[{"$nulls":5},"Total sem BDI",{"$nulls":3},{"v":2746.56,"d":"R$ 2,746.56"}]
[{"$nulls":5},"Total do BDI",{"$nulls":3},{"v":719.28,"d":"R$ 719.28"}]
[{"$nulls":5},"Total Geral",{"$nulls":3},{"v":3465.84,"d":"R$ 3,465.84"}]
[]
["_______________________________________________________________\n"]

{"sheet":"Serv. Limpeza - Sintético","index":10,"n_rows":12,"n_cols":11,"rows_kept":12,"merged":[[0,0,0,9],[1,0,1,9],[2,0,2,9],[3,4,3,5],[3,6,3,7],[3,8,3,9],[4,4,4,5],[4,6,4,7],[4,8,4,9],[5,0,5,9],[9,0,9,2],[9,5,9,6],[10,0,10,2],[10,5,10,6],[11,0,11,2],[11,5,11,6],[13,0,13,9]]}
["ASSEMBLEIA LEGISLATIVA DO ESTADO DE RONDÔNIA"]
["    ORÇAMENTO ESTIMATIVO"]
["PLANILHA ORÇAMENTÁRIA SINTÉTICA - SERVIÇO DE LIMPEZA E CONSERVAÇÃO PREDIAL"]
[{"$nulls":3},"Obra","Bancos",null,"B.D.I.",null,"Encargos Sociais"]
[{"$nulls":3},"LOCAÇÃO COM FACILITIES - LIMPEZA E CONSERVAÇÃO PREDIAL","SINAPI - 08/2025 - Distrito Federal\n",null,"26,19%",null,"Não Desonerado: embutido nos preços unitário dos insumos de mão de obra, de acordo com as bases."]
["Orçamento Sintético"]
["Item","Código","Banco","Descrição","Und","Quant.","Valor Unit","Valor Unit com BDI","Total","Peso (%)"]
[" 1 "," PRQ208 ","Próprio","Serviço de limpeza e conservação predial","mês",12,{"v":1165.18,"d":"1,165.18"},{"v":1470.34,"d":"1,470.34"},{"$f":"TRUNC(H8*F8,2)","v":{"v":17644.08,"d":"17,644.08"}},{"v":1,"d":"100.00 %"},{"v":17644.08,"d":"17,644.08"}]
[]
[{"$nulls":5},"Total sem BDI",{"$nulls":3},{"v":13982.16,"d":"R$ 13,982.16"}]
[{"$nulls":5},"Total do BDI",{"$nulls":3},{"v":3661.92,"d":"R$ 3,661.92"}]
[{"$nulls":5},"Total Geral",{"$nulls":3},{"v":17644.08,"d":"R$ 17,644.08"}]

{"sheet":"Serv. Limpeza - Analítico","index":11,"n_rows":62,"n_cols":11,"rows_kept":62,"merged":[[0,0,0,9],[1,0,1,9],[2,0,2,9],[3,4,3,5],[3,6,3,7],[3,8,3,9],[4,4,4,5],[4,6,4,7],[4,8,4,9],[5,0,5,9],[6,4,6,5],[7,4,7,5],[8,4,8,5],[9,4,9,5],[10,4,10,5],[11,4,11,5],[12,4,12,5],[13,4,13,5],[14,4,14,5],[15,4,15,5],[16,4,16,5],[17,4,17,5],[18,4,18,5],[19,4,19,5],[20,4,20,5],[21,4,21,5],[22,4,22,5],[23,4,23,5],[24,4,24,5],[25,4,25,5],[26,4,26,5],[27,4,27,5],[28,4,28,5],[29,4,29,5],[30,4,30,5],[31,4,31,5],[32,4,32,5],[33,4,33,5],[34,4,34,5],[35,4,35,5],[36,4,36,5],[37,4,37,5],[38,4,38,5],[39,4,39,5],[40,4,40,5],[41,4,41,5],[42,4,42,5],[43,4,43,5],[44,4,44,5],[45,4,45,5],[46,4,46,5],[47,4,47,5],[48,4,48,5],[49,4,49,5],[50,4,50,5],[51,4,51,5],[53,7,53,8],[57,0,57,2],[57,5,57,6],[58,0,58,2],[58,5,58,6],[59,0,59,2],[59,5,59,6],[61,0,61,9]]}
["ASSEMBLEIA LEGISLATIVA DO ESTADO DE RONDÔNIA"]
["    ORÇAMENTO ESTIMATIVO"]
["PLANILHA ORÇAMENTÁRIA ANALÍTICA - SERVIÇO DE LIMPEZA E CONSERVAÇÃO PREDIAL"]
[{"$nulls":3},"Obra","Bancos",null,"B.D.I.",null,"Encargos Sociais"]
[{"$nulls":3},"LOCAÇÃO COM FACILITIES - LIMPEZA E CONSERVAÇÃO PREDIAL","SINAPI - 08/2025 - Distrito Federal\n",null,"26,19%",null,"Não Desonerado: embutido nos preços unitário dos insumos de mão de obra, de acordo com as bases."]
["Planilha Orçamentária Analítica"]
[" 1 ","Código","Banco","Descrição","Tipo",null,"Und","Quant.","Valor Unit","Total"]
["Composição"," PRQ208 ","Próprio","Serviço de limpeza e conservação predial","SEDI - SERVIÇOS DIVERSOS",null,"mês",{"v":1,"d":"1.0000000"},{"v":1165.18,"d":"1,165.18"},{"v":1165.18,"d":"1,165.18"},{"v":1165.18,"d":"1,165.18"}]
["Composição Auxiliar"," 88252 ","SINAPI","AUXILIAR DE SERVIÇOS GERAIS COM ENCARGOS COMPLEMENTARES","SEDI - SERVIÇOS DIVERSOS",null,"H",{"v":26,"d":"26.0000000"},24.79,{"$f":"TRUNC(H9*I9,2)","v":644.54},644.54]
["Insumo"," 00000198 ","Próprio","Lã de aço  (pacote com 8 unidades )","Material",null,"UN",{"v":0.25,"d":"0.2500000"},{"v":1.9,"d":"1.90"},{"$f":"TRUNC(H10*I10,2)","v":0.47},0.47]
["Insumo"," 00000189 ","Próprio","Impermeabilizante  para piso paviflex (galão de 5 litros)","Material",null,"UN",{"v":0.08,"d":"0.0800000"},173.99,{"$f":"TRUNC(H11*I11,2)","v":13.91},13.91]
["Insumo"," 00000192 ","Próprio","Limpador multiuso (500 ml)","Material",null,"UN",{"v":2,"d":"2.0000000"},1.99,3.98,3.98]
["Insumo"," 00000197 ","Próprio","Pá coletora de lixo de material plástico com cabo de alumínio revestido de plástico com 90cm (26 x 25 x 90 centímetros)","Material",null,"UN",{"v":0.17,"d":"0.1700000"},15.71,2.67,2.67]
["Insumo"," 00000188 ","Próprio","Flanela de limpeza cor branca, tamanho 50x50","Material",null,"UN",{"v":2,"d":"2.0000000"},2.57,5.14,5.14]
["Insumo"," 00000206 ","Próprio","Sabão em barra embalagem com 5 unidade","Material",null,"UN",{"v":0.17,"d":"0.1700000"},10.68,1.81,1.81]
["Insumo"," 00000194 ","Próprio","Luva Refil Para Rodo Limpa Vidros Combinado 40Cm","Material",null,"UN",{"v":0.08,"d":"0.0800000"},21.72,1.73,1.73]
["Insumo"," 00000214 ","Próprio","Vassoura tipo noviça de naylon uso internos/externos","Material",null,"UN",{"v":0.17,"d":"0.1700000"},{"v":19.2,"d":"19.20"},3.26,3.26]
["Insumo"," 00000204 ","Próprio","Rodo com cabo de alumínio  40cm com cabo de 150 cm","Material",null,"UN",{"v":0.17,"d":"0.1700000"},37.56,6.38,6.38]
["Insumo"," 00000177 ","Próprio","Balde de plástico de 20 litros com Alça Cores Sortidas","Material",null,"UN",{"v":0.17,"d":"0.1700000"},19.17,3.25,3.25]
["Insumo"," 00000205 ","Próprio","Rodo com cabo de aluminio  60cm com cabo de 150 cm","Material",null,"UN",{"v":0.17,"d":"0.1700000"},40.41,6.86,6.86]
["Insumo"," 00000190 ","Próprio","Limpador De Pedras 5L (marmore e granitos) galão de 5 litros","Material",null,"UN",{"v":0.17,"d":"0.1700000"},50.72,8.62,8.62]
["Insumo"," 00000181 ","Próprio","Desinfetante hospitalar Assert HC200 ou similar para (sanitização) (galão de 5 litros)","Material",null,"UN",{"v":0.08,"d":"0.0800000"},312.05,24.96,24.96]
["Insumo"," 00000201 ","Próprio","Papel higiênico folha dupla rolo grande extremamente macio picotado 0,10x200mt (caixa com 8)","Material",null,"UN",{"v":1.08,"d":"1.0800000"},57.12,61.68,61.68]
["Insumo"," 00000172 ","Próprio","Adesivo em gel para vaso, embalagem com 3 um. (DESODORIZADOR SANITÁRIO VÁRIAS FRAGRÂNCIAS)","Material",null,"UN",{"v":2,"d":"2.0000000"},7.31,14.62,14.62]
["Insumo"," 00000209 ","Próprio","Saco p/ lixo cor preta 100 litros plástico super reforçado (pacote com 100 unidades)","Material",null,"UN",{"v":0.5,"d":"0.5000000"},41.16,20.58,20.58]
["Insumo"," 00000186 ","Próprio","Esponja dupla face 1 unidade","Material",null,"UN",{"v":2,"d":"2.0000000"},0.98,1.96,1.96]
["Insumo"," 00000207 ","Próprio","Sabão em pó pacote com 500G","Material",null,"UN",{"v":1,"d":"1.0000000"},4.84,4.84,4.84]
["Insumo"," 00000210 ","Próprio","Saco p/ lixo cor preta 60 litros plástico super reforçado (pacote com 100 unidades)","Material",null,"UN",{"v":0.5,"d":"0.5000000"},21.18,10.59,10.59]
["Insumo"," 00000176 ","Próprio","Balde de plástico de 15 litros com Alça Cores Sortidas","Material",null,"UN",{"v":0.17,"d":"0.1700000"},16.82,2.85,2.85]
["Insumo"," 00000180 ","Próprio","Desinfetante germicida e bactericida concentrado (galão de 5 litros)","Material",null,"UN",{"v":0.83,"d":"0.8300000"},40.73,{"v":33.8,"d":"33.80"},{"v":33.8,"d":"33.80"}]
["Insumo"," 00000185 ","Próprio","Escova sanitária com suporte (basa)","Material",null,"UN",{"v":0.17,"d":"0.1700000"},6.21,1.05,1.05]
["Insumo"," 00000200 ","Próprio","Pano multiuso, rolo 30cmx 300m","Material",null,"UN",{"v":1,"d":"1.0000000"},114.55,114.55,114.55]
["Insumo"," 00000179 ","Próprio","Desentupidor de vaso sanitário Cabo Plástico 60CM Único","Material",null,"UN",{"v":0.08,"d":"0.0800000"},8.03,0.64,0.64]
["Insumo"," 00000178 ","Próprio","Cera liquida incolor que dá brilho e forma uma camada protetora para vários pisos Galão com 5 litros","Material",null,"UN",{"v":0.17,"d":"0.1700000"},30.89,5.25,5.25]
["Insumo"," 00000182 ","Próprio","Desodorizador de ambiente 360 ml aerosol (várias fragrâncias)","Material",null,"UN",{"v":2,"d":"2.0000000"},11.49,22.98,22.98]
["Insumo"," 00000208 ","Próprio","Sabonete liquido perolado e concentrado aroma erva doce/lavanda (galão 5 litros) ótima qualidade","Material",null,"UN",{"v":0.5,"d":"0.5000000"},28.07,14.03,14.03]
["Insumo"," 00000211 ","Próprio","Saco p/ lixo cor preta 40 litros plástico super reforçado (pacote com 100 unidades)","Material",null,"UN",{"v":0.5,"d":"0.5000000"},16.73,8.36,8.36]
["Insumo"," 00000213 ","Próprio","Conjunto Suporte para fibra com o cabo flexivel","Material",null,"UN",{"v":0.08,"d":"0.0800000"},67.15,5.37,5.37]
["Insumo"," 00000173 ","Próprio","Água sanitária, galão com 5 litros","Material",null,"UN",{"v":0.42,"d":"0.4200000"},12.69,5.32,5.32]
["Insumo"," 00000203 ","Próprio","Pulverizador borrifador manual Spray de ( 500ml) - material plástico","Material",null,"UN",{"v":0.17,"d":"0.1700000"},5.08,0.86,0.86]
["Insumo"," 00000202 ","Próprio","Papel toalha interfolhado tamanho 20x23 cm com 1000 folhas simples de alta qualidade (pacote)","Material",null,"UN",{"v":1,"d":"1.0000000"},10.35,10.35,10.35]
["Insumo"," 00000191 ","Próprio","Limpa vidros para remover manchas de vidros, fórmicas, espelhos e superfícies impermeáveis (galão de 5 litros)","Material",null,"UN",{"v":0.5,"d":"0.5000000"},47.72,23.86,23.86]
["Insumo"," 00000199 ","Próprio","Pano de chão alvejado (50x70 cm)","Material",null,"UN",{"v":1,"d":"1.0000000"},4.03,4.03,4.03]
["Insumo"," 00000195 ","Próprio","Desdorizador/limpador ambiente e pisos em geral concentrado/aromatizante (galão de 5 litros)","Material",null,"UN",{"v":0.5,"d":"0.5000000"},38.75,19.37,19.37]
["Insumo"," 00000184 ","Próprio","Escova uso geral base de plástico ou madeira  (unidade)","Material",null,"UN",{"v":0.17,"d":"0.1700000"},7.76,1.31,1.31]
["Insumo"," 00000212 ","Próprio","Mop Rodo Limpa Vidros Extensível Flash Limp Com Cabo 1,60m","Material",null,"UN",{"v":0.08,"d":"0.0800000"},54.21,4.33,4.33]
["Insumo"," 00000193 ","Próprio","Luva de borracha forrada de verniz tamanhos P, M, G caixa com 100 unidades","Material",null,"UN",{"v":0.08,"d":"0.0800000"},7.63,0.61,0.61]
["Insumo"," 00000187 ","Próprio","Fibra Sintética Verde 102MM X 260MM - Limpeza Pesada (unidade)","Material",null,"UN",{"v":2,"d":"2.0000000"},1.76,3.52,3.52]
["Insumo"," 00000175 ","Próprio","Álcool liquido 70%, embalagem com 5 litro","Material",null,"UN",{"v":0.42,"d":"0.4200000"},37.81,15.88,15.88]
["Insumo"," 00000196 ","Próprio","Óleo de peroba frasco de 200 ml","Material",null,"UN",{"v":0.5,"d":"0.5000000"},13.42,6.71,6.71]
["Insumo"," 00000183 ","Próprio","Detergente liquido frasco com 500ml","Material",null,"UN",{"v":1,"d":"1.0000000"},1.98,1.98,1.98]
["Insumo"," 00000174 ","Próprio","Álcool gel 70% Galão com 5 litros","Material",null,"UN",{"v":0.42,"d":"0.4200000"},38.87,16.32,16.32]
[{"$nulls":4},"MO sem LS =>",411.58,"LS =>",{"v":0,"d":"0.00"},"MO com LS =>",411.58]
[{"$nulls":4},"Valor do BDI =>",305.16,null,"Valor com BDI =>",null,{"v":1470.34,"d":"1,470.34"}]
[{"$nulls":6},"Quant. =>","12,00","Preço Total =>",{"v":17644.08,"d":"17,644.08"}]
[]
[]
[{"$nulls":5},"Total sem BDI",{"$nulls":3},{"v":13982.16,"d":"R$ 13,982.16"}]
[{"$nulls":5},"Total do BDI",{"$nulls":3},{"v":3661.92,"d":"R$ 3,661.92"}]
[{"$nulls":5},"Total Geral",{"$nulls":3},{"v":17644.08,"d":"R$ 17,644.08"}]
[]
["_______________________________________________________________\n"]

{"sheet":"Man. Predial Sinté-Mão de Obra","index":12,"n_rows":78,"n_cols":12,"rows_kept":78,"merged":[[0,0,0,9],[1,0,1,9],[2,0,2,9],[3,4,3,5],[3,6,3,7],[3,8,3,9],[4,4,4,5],[4,6,4,7],[4,8,4,9],[5,0,5,9],[73,0,73,2],[73,5,73,6],[74,0,74,2],[74,5,74,6],[75,0,75,2],[75,5,75,6],[77,0,77,9],[78,0,78,9],[79,0,79,9]]}
["ASSEMBLEIA LEGISLATIVA DO ESTADO DE RONDÔNIA"]
["    ORÇAMENTO ESTIMATIVO"]
["PLANILHA ORÇAMENTÁRIA SINTÉTICA - SERVIÇOS DE MANUTENÇÃO PREDIAL (POR DEMANDA)"]
[{"$nulls":3},"Obra","Bancos",null,"B.D.I.",null,"Encargos Sociais"]
[{"$nulls":3},"LOCAÇÃO COM FACILITIES - MANUTENÇÃO PREDIAL COM MÃO DE OBRA","SINAPI - 08/2025 - Distrito Federal\nORSE - 06/2025 - Sergipe\nFDE - 04/2025 - São Paulo\n\n\n",null,"26,19%",null,"Não Desonerado: embutido nos preços unitário dos insumos de mão de obra, de acordo com as bases."]
["Orçamento Sintético"]
["Item","Código","Banco","Descrição","Und","Quant.","Valor Unit","Valor Unit com BDI","Total","Peso (%)"]
[" 1 "," 98556 ","SINAPI","IMPERMEABILIZAÇÃO DE SUPERFÍCIE COM ARGAMASSA POLIMÉRICA / MEMBRANA ACRÍLICA, 4 DEMÃOS, REFORÇADA COM VÉU DE POLIÉSTER (MAV). AF_09/2023","m²",3,66.36,83.73,{"$f":"TRUNC(H8*F8,2)","v":251.19},{"v":0.006021944532614251,"d":"0.60 %"}]
[" 2 "," 96113 ","SINAPI","FORRO EM PLACAS DE GESSO, PARA AMBIENTES COMERCIAIS. AF_08/2023_PS","m²",11.2,50.91,64.24,{"$f":"TRUNC(H9*F9,2)","v":719.48},{"v":0.017248571409392496,"d":"1.72 %"}]
[" 3 "," 96120 ","SINAPI","ACABAMENTOS PARA FORRO (MOLDURA DE GESSO). AF_08/2023","M",20,3.26,4.11,{"v":82.2,"d":"82.20"},{"v":1.9706351390616325E-3,"d":"0.20 %"}]
[" 4 "," 96359 ","SINAPI","PAREDE COM SISTEMA EM CHAPAS DE GESSO PARA DRYWALL, USO INTERNO, COM DUAS FACES SIMPLES E ESTRUTURA METÁLICA COM GUIAS SIMPLES PARA PAREDES COM ÁREA LÍQUIDA MAIOR OU IGUAL A 6 M2, COM VÃOS. AF_07/2023_PS","m²",20,99.13,125.09,{"v":2501.8,"d":"2,501.80"},{"v":0.05997731132487095,"d":"6.00 %"}]
[" 5 "," 98671 ","SINAPI","PISO EM GRANITO APLICADO EM AMBIENTES INTERNOS. AF_09/2020","m²",10,378.91,478.14,{"v":4781.4,"d":"4,781.40"},{"v":0.11462767462176751,"d":"11.46 %"}]
[" 6 "," 101727 ","SINAPI","PISO VINÍLICO SEMI-FLEXÍVEL EM PLACAS, PADRÃO LISO, ESPESSURA 3,2 MM, FIXADO COM COLA. AF_09/2020","m²",10,192.39,242.77,{"v":2427.7,"d":"2,427.70"},{"v":0.05820086286009641,"d":"5.82 %"}]
[" 7 "," 87273 ","SINAPI","REVESTIMENTO CERÂMICO PARA PAREDES INTERNAS COM PLACAS TIPO ESMALTADA DE DIMENSÕES 33X45 CM APLICADAS NA ALTURA INTEIRA DAS PAREDES. AF_02/2023_PE","m²",5,73.31,{"v":92.5,"d":"92.50"},{"v":462.5,"d":"462.50"},{"v":0.011087819365158211,"d":"1.11 %"}]
[" 8 "," 88488 ","SINAPI","PINTURA LÁTEX ACRÍLICA PREMIUM, APLICAÇÃO MANUAL EM TETO, DUAS DEMÃOS. AF_04/2023","m²",112,17.17,21.66,{"v":2425.92,"d":"2,425.92"},{"v":0.058158189739080234,"d":"5.82 %"}]
[" 9 "," 88489 ","SINAPI","PINTURA LÁTEX ACRÍLICA PREMIUM, APLICAÇÃO MANUAL EM PAREDES, DUAS DEMÃOS. AF_04/2023","m²",336,14.45,18.23,{"v":6125.28,"d":"6,125.28"},{"v":0.1468454015157109,"d":"14.68 %"}]
[" 10 "," 91926 ","SINAPI","CABO DE COBRE FLEXÍVEL ISOLADO, 2,5 MM², ANTI-CHAMA 450/750 V, PARA CIRCUITOS TERMINAIS - FORNECIMENTO E INSTALAÇÃO. AF_03/2023","M",60,5.19,6.54,{"v":392.4,"d":"392.40"},{"v":0.00940726555435261,"d":"0.94 %"}]
[" 11 "," 91928 ","SINAPI","CABO DE COBRE FLEXÍVEL ISOLADO, 4 MM², ANTI-CHAMA 450/750 V, PARA CIRCUITOS TERMINAIS - FORNECIMENTO E INSTALAÇÃO. AF_03/2023","M",45,8.06,10.17,457.65,{"v":0.010971547097220877,"d":"1.10 %"}]
[" 12 "," 91854 ","SINAPI","ELETRODUTO FLEXÍVEL CORRUGADO, PVC, DN 25 MM (3/4\"), PARA CIRCUITOS TERMINAIS, INSTALADO EM PAREDE - FORNECIMENTO E INSTALAÇÃO. AF_03/2023","M",20,11.24,14.18,{"v":283.6,"d":"283.60"},{"v":0.006798930966397554,"d":"0.68 %"}]
[" 13 "," 91957 ","SINAPI","INTERRUPTOR SIMPLES (1 MÓDULO) COM INTERRUPTOR PARALELO (1 MÓDULO), 10A/250V, INCLUINDO SUPORTE E PLACA - FORNECIMENTO E INSTALAÇÃO. AF_03/2023","UN",2,63.97,80.72,161.44,{"v":3.8703082341862522E-3,"d":"0.39 %"}]
[" 14 "," 98307 ","SINAPI","TOMADA DE REDE RJ45 - FORNECIMENTO E INSTALAÇÃO. AF_08/2025","UN",2,{"v":71.4,"d":"71.40"},90.09,180.18,{"v":0.004319574688030717,"d":"0.43 %"}]
[" 15 "," 92004 ","SINAPI","TOMADA MÉDIA DE EMBUTIR (2 MÓDULOS), 2P+T 10 A, INCLUINDO SUPORTE E PLACA - FORNECIMENTO E INSTALAÇÃO. AF_03/2023","UN",2,68.82,86.84,173.68,{"v":0.004163745875331196,"d":"0.42 %"}]
[" 16 "," 89987 ","SINAPI","REGISTRO DE GAVETA BRUTO, LATÃO, ROSCÁVEL, 3/4\", COM ACABAMENTO E CANOPLA CROMADOS - FORNECIMENTO E INSTALAÇÃO. AF_08/2021","UN",1,97.71,{"v":123.3,"d":"123.30"},{"v":123.3,"d":"123.30"},{"v":2.9559527085924486E-3,"d":"0.30 %"}]
[" 17 "," 86889 ","SINAPI","BANCADA DE GRANITO CINZA POLIDO, DE 1,50 X 0,60 M, PARA PIA DE COZINHA - FORNECIMENTO E INSTALAÇÃO. AF_01/2020","UN",1,671.57,847.45,847.45,{"v":0.020316481126493677,"d":"2.03 %"}]
[" 18 "," 89356 ","SINAPI","TUBO, PVC, SOLDÁVEL, DE 25MM, INSTALADO EM RAMAL OU SUB-RAMAL DE ÁGUA - FORNECIMENTO E INSTALAÇÃO. AF_06/2022","M",5,26.63,{"v":33.6,"d":"33.60"},{"v":168,"d":"168.00"},{"v":0.004027575466695307,"d":"0.40 %"}]
[" 19 "," 91306 ","SINAPI","FECHADURA DE EMBUTIR PARA PORTAS INTERNAS, COMPLETA, ACABAMENTO PADRÃO MÉDIO, COM EXECUÇÃO DE FURO - FORNECIMENTO E INSTALAÇÃO. AF_12/2019","UN",2,{"v":173.5,"d":"173.50"},218.93,437.86,{"v":0.010497108296709566,"d":"1.05 %"}]
[" 20 "," 90849 ","SINAPI","KIT DE PORTA DE MADEIRA PARA PINTURA, SEMI-OCA (LEVE OU MÉDIA), PADRÃO MÉDIO, 80X210CM, ESPESSURA DE 3,5CM, ITENS INCLUSOS: DOBRADIÇAS, MONTAGEM E INSTALAÇÃO DO BATENTE, SEM FECHADURA - FORNECIMENTO E INSTALAÇÃO. AF_12/2019","UN",1,{"v":1090.73,"d":"1,090.73"},{"v":1376.39,"d":"1,376.39"},{"v":1376.39,"d":"1,376.39"},{"v":0.03299711069407592,"d":"3.30 %"}]
[" 21 "," 100659 ","SINAPI","ALIZAR DE 5X1,5CM PARA PORTA FIXADO COM PREGOS, PADRÃO MÉDIO - FORNECIMENTO E INSTALAÇÃO. AF_12/2019","M",5,15.71,19.82,{"v":99.1,"d":"99.10"},{"v":2.3757900520803865E-3,"d":"0.24 %"}]
[" 22 "," 100709 ","SINAPI","DOBRADIÇA EM AÇO/FERRO, 3\" X 21/2\", E=1,9 A 2MM, SEN ANEL, CROMADO OU ZINCADO, TAMPA BOLA, COM PARAFUSOS. AF_12/2019","UN",1,54.33,68.55,68.55,{"v":1.6433946323926388E-3,"d":"0.16 %"}]
[" 23 "," 93663 ","SINAPI","DISJUNTOR BIPOLAR TIPO DIN, CORRENTE NOMINAL DE 25A - FORNECIMENTO E INSTALAÇÃO. AF_07/2025","UN",1,93.28,117.71,117.71,{"v":2.8219399296708606E-3,"d":"0.28 %"}]
[" 24 "," 100853 ","SINAPI","TORNEIRA CROMADA DE MESA PARA LAVATORIO, TIPO MONOCOMANDO. AF_01/2020","UN",1,382.06,482.12,482.12,{"v":0.011558182642875843,"d":"1.16 %"}]
[" 25 "," 86910 ","SINAPI","TORNEIRA CROMADA TUBO MÓVEL, DE PAREDE, 1/2\" OU 3/4\", PARA PIA DE COZINHA, PADRÃO MÉDIO - FORNECIMENTO E INSTALAÇÃO. AF_01/2020","UN",1,141.97,179.15,179.15,{"v":0.004294881814633716,"d":"0.43 %"}]
[" 26 "," 100849 ","SINAPI","ASSENTO SANITÁRIO CONVENCIONAL - FORNECIMENTO E INSTALACAO. AF_01/2020","UN",1,50.99,64.34,64.34,{"v":1.5424655090903337E-3,"d":"0.15 %"}]
[" 27 "," 89379 ","SINAPI","LUVA DE CORRER, PVC, SOLDÁVEL, DN 25MM, INSTALADO EM RAMAL OU SUB-RAMAL DE ÁGUA - FORNECIMENTO E INSTALAÇÃO. AF_12/2014","UN",2,20.34,25.66,51.32,{"v":1.2303284104214474E-3,"d":"0.12 %"}]
[" 28 "," 89366 ","SINAPI","JOELHO 90 GRAUS COM BUCHA DE LATÃO, PVC, SOLDÁVEL, DN 25MM, X 3/4 INSTALADO EM RAMAL OU SUB-RAMAL DE ÁGUA - FORNECIMENTO E INSTALAÇÃO. AF_06/2022","UN",1,17.86,22.53,22.53,{"v":5.4012663848003136E-4,"d":"0.05 %"}]
[" 29 "," 86879 ","SINAPI","VÁLVULA EM PLÁSTICO 1\" PARA PIA, TANQUE OU LAVATÓRIO, COM OU SEM LADRÃO - FORNECIMENTO E INSTALAÇÃO. AF_01/2020","UN",1,{"v":10,"d":"10.00"},12.61,12.61,{"v":3.023078966370704E-4,"d":"0.03 %"}]
[" 30 "," 86885 ","SINAPI","ENGATE FLEXÍVEL EM PLÁSTICO BRANCO, 1/2\" X 40CM - FORNECIMENTO E INSTALAÇÃO. AF_01/2020","UN",1,12.59,15.88,15.88,{"v":3.8070177625667547E-4,"d":"0.04 %"}]
[" 31 "," 97599 ","SINAPI","LUMINÁRIA DE EMERGÊNCIA, COM 30 LÂMPADAS LED DE 2 W, SEM REATOR - FORNECIMENTO E INSTALAÇÃO. AF_09/2024","UN",2,19.59,24.72,49.44,{"v":1.1852579230560475E-3,"d":"0.12 %"}]
[" 32 "," 89712 ","SINAPI","TUBO PVC, SERIE NORMAL, ESGOTO PREDIAL, DN 50 MM, FORNECIDO E INSTALADO EM RAMAL DE DESCARGA OU RAMAL DE ESGOTO SANITÁRIO. AF_08/2022","M",5,29.64,{"v":37.4,"d":"37.40"},{"v":187,"d":"187.00"},{"v":0.004483075073047752,"d":"0.45 %"}]
[" 33 "," 86883 ","SINAPI","SIFÃO DO TIPO FLEXÍVEL EM PVC 1 X 1.1/2 - FORNECIMENTO E INSTALAÇÃO. AF_01/2020","UN",2,11.95,15.07,30.14,{"v":7.2256621765593191E-4,"d":"0.07 %"}]
[" 34 "," 100676 ","SINAPI","BATENTE PARA PORTA COM BANDEIRA, FIXAÇÃO COM PARAFUSO E BUCHA. AF_12/2019","UN",1,257.26,324.63,324.63,{"v":0.007782570379483914,"d":"0.78 %"}]
[" 35 "," 89362 ","SINAPI","JOELHO 90 GRAUS, PVC, SOLDÁVEL, DN 25MM, INSTALADO EM RAMAL OU SUB-RAMAL DE ÁGUA - FORNECIMENTO E INSTALAÇÃO. AF_06/2022","UN",2,10.71,13.51,27.02,{"v":6.4776838756016187E-4,"d":"0.06 %"}]
[" 36 "," 88495 ","SINAPI","EMASSAMENTO COM MASSA LÁTEX, APLICAÇÃO EM PAREDE, UMA DEMÃO, LIXAMENTO MANUAL. AF_04/2023","m²",20,13.27,16.74,{"v":334.8,"d":"334.80"},{"v":0.008026382537199934,"d":"0.80 %"}]
[" 37 "," 88485 ","SINAPI","FUNDO SELADOR ACRÍLICO, APLICAÇÃO MANUAL EM PAREDE, UMA DEMÃO. AF_04/2023","m²",20,5.06,6.38,{"v":127.6,"d":"127.60"},{"v":3.0590394616090547E-3,"d":"0.31 %"}]
[" 38 "," 100873 ","SINAPI","BARRA DE APOIO RETA, EM ALUMINIO, COMPRIMENTO 90 CM, FIXADA NA PAREDE - FORNECIMENTO E INSTALAÇÃO. AF_01/2020","UN",1,364.43,459.87,459.87,{"v":0.011024768630173636,"d":"1.10 %"}]
[" 39 "," 95547 ","SINAPI","SABONETEIRA PLASTICA TIPO DISPENSER PARA SABONETE LIQUIDO COM RESERVATORIO 800 A 1500 ML, INCLUSO FIXAÇÃO. AF_01/2020","UN",1,46.49,58.66,58.66,{"v":1.4062951004544448E-3,"d":"0.14 %"}]
[" 40 "," 95544 ","SINAPI","PAPELEIRA DE PAREDE EM METAL CROMADO SEM TAMPA, INCLUSO FIXAÇÃO. AF_01/2020","UN",1,48.55,61.26,61.26,{"v":0.001468626625534253,"d":"0.15 %"}]
[" 41 "," 100862 ","SINAPI","SUPORTE MÃO FRANCESA EM ACO, ABAS IGUAIS 40 CM, CAPACIDADE MINIMA 70 KG, BRANCO - FORNECIMENTO E INSTALAÇÃO. AF_01/2020","UN",3,42.62,53.78,161.34,{"v":0.003867910867837029,"d":"0.39 %"}]
[" 42 "," 86888 ","SINAPI","VASO SANITÁRIO SIFONADO COM CAIXA ACOPLADA LOUÇA BRANCA - FORNECIMENTO E INSTALAÇÃO. AF_01/2020","UN",1,487.05,{"v":614.6,"d":"614.60"},{"v":614.6,"d":"614.60"},{"v":0.014734213582326999,"d":"1.47 %"}]
[" 43 "," 88494 ","SINAPI","EMASSAMENTO COM MASSA LÁTEX, APLICAÇÃO EM TETO, UMA DEMÃO, LIXAMENTO MANUAL. AF_04/2023","m²",112,24.35,30.72,{"v":3440.64,"d":"3,440.64"},{"v":0.08248474555791989,"d":"8.25 %"}]
[" 44 "," 98685 ","SINAPI","RODAPÉ EM GRANITO, ALTURA 10 CM. AF_09/2020","M",10,70.03,88.37,{"v":883.7,"d":"883.70"},{"v":0.02118552642808716,"d":"2.12 %"}]
[" 45 "," 3149 ","ORSE","Película insulfilm aplicada ou Similar","m²",20,64.67,{"v":81.6,"d":"81.60"},{"v":1632,"d":"1,632.00"},{"v":0.03912501881932584,"d":"3.91 %"}]
[" 46 "," PRQ220 ","Próprio","Tratamento de fissuras com argamassa de cimento e areia traço 1:3 com aditivobianco ou similar (com abertura de até 3mm) Rev 01 09/2022 - Ref. ORSE - 06/2025 - 4114","m",10,21.78,27.48,{"v":274.8,"d":"274.80"},{"v":0.006587962727665896,"d":"0.66 %"}]
[" 47 "," PRQ214 ","Próprio","ISOLACAO TERMOACUSTICA - LA DE ROCHA E=2`` - Ref. FDE - 04/2025 - 10.01.061","m²",20,30.76,38.81,{"v":776.2,"d":"776.20"},{"v":0.01860835760267201,"d":"1.86 %"}]
[" 48 "," 93662 ","SINAPI","DISJUNTOR BIPOLAR TIPO DIN, CORRENTE NOMINAL DE 20A - FORNECIMENTO E INSTALAÇÃO. AF_07/2025","UN",1,91.26,115.16,115.16,{"v":0.002760807087765664,"d":"0.28 %"}]
[" 49 "," 100864 ","SINAPI","BARRA DE APOIO EM \"L\", EM ACO INOX POLIDO 80 X 80 CM, FIXADA NA PAREDE - FORNECIMENTO E INSTALACAO. AF_01/2020","UN",1,641.44,809.43,809.43,{"v":0.019405002440518942,"d":"1.94 %"}]
[" 50 "," 101909 ","SINAPI","EXTINTOR DE INCÊNDIO PORTÁTIL COM CARGA DE PQS DE 6 KG, CLASSE BC - FORNECIMENTO E INSTALAÇÃO. AF_10/2020_PE","UN",2,267.46,{"v":337.5,"d":"337.50"},{"v":675,"d":"675.00"},{"v":0.01618222285725793,"d":"1.62 %"}]
[" 51 "," PRQ215 ","Próprio","RECARGA DE EXTINTOR DE PO QUIMICO DE 4 KG - Ref. FDE - 04/2025 - 08.80.093","UN",2,38.87,49.05,{"v":98.1,"d":"98.10"},{"v":2.3518163885881526E-3,"d":"0.24 %"}]
[" 52 "," PRQ217 ","Próprio","RECARGA DE EXTINTOR DE GAS CARBONICO DE 6 LITROS - Ref. FDE - 04/2025 - 08.80.091","UN",2,{"v":88.6,"d":"88.60"},{"v":111.8,"d":"111.80"},{"v":223.6,"d":"223.60"},{"v":0.005360511156863516,"d":"0.54 %"}]
[" 53 "," PRQ218 ","Próprio","RECARGA DE EXTINTOR DE ESPUMA DE 10 LITROS - Ref. FDE - 04/2025 - 08.80.092","UN",2,102.95,129.91,259.82,{"v":0.00622883724855223,"d":"0.62 %"}]
[" 54 "," PRQ219 ","Próprio","EXTINTOR DE INCENDIO DE AGUA PRESSURIZADA 10L : RECARGA - Ref. FDE - 04/2025 - 08.80.095","UN",2,30.89,38.98,77.96,{"v":1.8689868058545604E-3,"d":"0.19 %"}]
[" 55 "," 95696 ","SINAPI","SPRINKLER TIPO PENDENTE, 68 °C, UNIÃO POR ROSCA DN 15 (1/2\") - FORNECIMENTO E INSTALAÇÃO. AF_10/2020","UN",3,44.77,56.49,169.47,{"v":0.004062816752028891,"d":"0.41 %"}]
[" 56 "," 89710 ","SINAPI","RALO SECO, PVC, DN 100 X 40 MM, JUNTA SOLDÁVEL, FORNECIDO E INSTALADO EM RAMAL DE DESCARGA OU EM RAMAL DE ESGOTO SANITÁRIO. AF_08/2022","UN",2,23.11,29.16,58.32,{"v":1.3981440548670853E-3,"d":"0.14 %"}]
[" 57 "," 89707 ","SINAPI","CAIXA SIFONADA, PVC, DN 100 X 100 X 50 MM, JUNTA ELÁSTICA, FORNECIDA E INSTALADA EM RAMAL DE DESCARGA OU EM RAMAL DE ESGOTO SANITÁRIO. AF_08/2022","UN",2,60.67,76.55,{"v":153.1,"d":"153.10"},{"v":3.670367880661021E-3,"d":"0.37 %"}]
[" 58 "," PRQ211 ","Próprio","REPARO EM REGISTROS - INCLUSO FORNECIMENTO E INSTALAÇÃO","und",2,150.64,190.09,380.18,{"v":0.009114307386477512,"d":"0.91 %"}]
[" 59 "," PRQ212 ","Próprio","TOMADA SIMPLES DE EMBUTIR PARA PISO - Ref. SIURB (9082012)","UN",3,58.51,73.83,221.49,{"v":0.005309926726894902,"d":"0.53 %"}]
[" 60 "," PRQ213 ","Próprio","DETECTOR ÓPTICO DE FUMAÇA COM BASE ENDEREÇÁVEL - REF. CPOS/CDHU (50.05.430)","UN",3,160.33,202.32,606.96,{"v":0.01455105479324633,"d":"1.46 %"}]
[" 61 "," PRQ221 ","Próprio","Luminária tipo spot, de embutir, com lâmpada led 15w - Fornecimento e instalação - Ref. SINAPI - 08/2025 - 105546","UN",10,48.35,61.01,{"v":610.1,"d":"610.10"},{"v":0.014626332096611946,"d":"1.46 %"}]
[" 62 "," PRQ222 ","Próprio","ESPELHO CRISTAL, ESPESSURA 4 MM, ADERIDO COM ADESIVO FIXA-ESPELHO, COM MOLDURA DE MADEIRA APARAFUSADA NA PAREDE, COM ÁREA MENOR OU IGUAL A 1,0 M2. AF_01/2021","m²",1,650.91,821.38,821.38,{"v":0.01969148771925114,"d":"1.97 %"}]
[" 63 "," PRQ223 ","Próprio","Cópia de chave de porta","UN",10,8.54,10.77,{"v":107.7,"d":"107.70"},{"v":0.002581963558113599,"d":"0.26 %"}]
[" 64 "," PRQ225 ","Próprio","Serviços de Dedetização englobando desinsetização, desratização, descupinização e desinfecção. Método \"Spray, Fog e Gel\". (Área aproximada da edificação 220 M2)","UN",3,{"v":250.8,"d":"250.80"},316.48,949.44,{"v":0.02276155506606662,"d":"2.28 %"}]
[" 65 "," PRQ226 ","Próprio","LUMINÁRIA TIPO PLAFON QUADRADA, DE EMBUTIR, COM LED DE 24 W - FORNECIMENTO E INSTALAÇÃO - Ref. SINAPI - 08/2025 - 103788","UN",4,86.94,{"v":109.7,"d":"109.70"},{"v":438.8,"d":"438.80"},{"v":0.010519643540392266,"d":"1.05 %"}]
[{"$nulls":11},{"$f":"SUM(I8:I72)","v":{"v":41712.43999999999,"d":"41,712.44"}}]
[{"$nulls":5},"Total sem BDI",{"$nulls":3},{"v":33059.33,"d":"R$ 33,059.33"}]
[{"$nulls":5},"Total do BDI",{"$nulls":3},{"v":8653.11,"d":"R$ 8,653.11"}]
[{"$nulls":5},"Total Geral",{"$nulls":3},{"v":41712.44,"d":"R$ 41,712.44"}]
[]
["_______________________________________________________________\nADMINISTRADOR ENG ALE\nSetor de Engenharia"]

{"sheet":"Man. Predial Analit-Mão de Obra","index":13,"n_rows":659,"n_cols":10,"rows_kept":659,"merged":[[0,0,0,9],[1,0,1,9],[2,0,2,9],[3,4,3,5],[3,6,3,7],[3,8,3,9],[4,4,4,5],[4,6,4,7],[4,8,4,9],[5,0,5,9],[6,4,6,5],[7,4,7,5],[8,4,8,5],[9,4,9,5],[10,4,10,5],[11,4,11,5],[13,7,13,8],[16,4,16,5],[17,4,17,5],[18,4,18,5],[19,4,19,5],[20,4,20,5],[21,4,21,5],[22,4,22,5],[23,4,23,5],[24,4,24,5],[26,7,26,8],[29,4,29,5],[30,4,30,5],[31,4,31,5],[32,4,32,5],[33,4,33,5],[34,4,34,5],[35,4,35,5],[36,4,36,5],[38,7,38,8],[41,4,41,5],[42,4,42,5],[43,4,43,5],[44,4,44,5],[45,4,45,5],[46,4,46,5],[47,4,47,5],[48,4,48,5],[49,4,49,5],[50,4,50,5],[51,4,51,5],[52,4,52,5],[53,4,53,5],[55,7,55,8],[58,4,58,5],[59,4,59,5],[60,4,60,5],[61,4,61,5],[62,4,62,5],[63,4,63,5],[64,4,64,5],[66,7,66,8],[69,4,69,5],[70,4,70,5],[71,4,71,5],[72,4,72,5],[73,4,73,5],[74,4,74,5],[76,7,76,8],[79,4,79,5],[80,4,80,5],[81,4,81,5],[82,4,82,5],[83,4,83,5],[84,4,84,5],[85,4,85,5],[87,7,87,8],[90,4,90,5],[91,4,91,5],[92,4,92,5],[93,4,93,5],[94,4,94,5],[96,7,96,8],[99,4,99,5],[100,4,100,5],[101,4,101,5],[102,4,102,5],[103,4,103,5],[105,7,105,8],[108,4,108,5],[109,4,109,5],[110,4,110,5],[111,4,111,5],[112,4,112,5],[113,4,113,5],[115,7,115,8],[118,4,118,5],[119,4,119,5],[120,4,120,5],[121,4,121,5],[122,4,122,5],[123,4,123,5],[125,7,125,8],[128,4,128,5],[129,4,129,5],[130,4,130,5],[131,4,131,5],[132,4,132,5],[134,7,134,8],[137,4,137,5],[138,4,138,5],[139,4,139,5],[140,4,140,5],[142,7,142,8],[145,4,145,5],[146,4,146,5],[147,4,147,5],[148,4,148,5],[149,4,149,5],[151,7,151,8],[154,4,154,5],[155,4,155,5],[156,4,156,5],[157,4,157,5],[159,7,159,8],[162,4,162,5],[163,4,163,5],[164,4,164,5],[165,4,165,5],[166,4,166,5],[167,4,167,5],[169,7,169,8],[172,4,172,5],[173,4,173,5],[174,4,174,5],[175,4,175,5],[176,4,176,5],[177,4,177,5],[178,4,178,5],[179,4,179,5],[180,4,180,5],[182,7,182,8],[185,4,185,5],[186,4,186,5],[187,4,187,5],[188,4,188,5],[189,4,189,5],[190,4,190,5],[192,7,192,8],[195,4,195,5],[196,4,196,5],[197,4,197,5],[198,4,198,5],[199,4,199,5],[201,7,201,8],[204,4,204,5],[205,4,205,5],[206,4,206,5],[207,4,207,5],[208,4,208,5],[210,7,210,8],[213,4,213,5],[214,4,214,5],[215,4,215,5],[216,4,216,5],[217,4,217,5],[218,4,218,5],[220,7,220,8],[223,4,223,5],[224,4,224,5],[225,4,225,5],[226,4,226,5],[227,4,227,5],[229,7,229,8],[232,4,232,5],[233,4,233,5],[234,4,234,5],[235,4,235,5],[236,4,236,5],[237,4,237,5],[239,7,239,8],[242,4,242,5],[243,4,243,5],[244,4,244,5],[245,4,245,5],[246,4,246,5],[247,4,247,5],[249,7,249,8],[252,4,252,5],[253,4,253,5],[254,4,254,5],[255,4,255,5],[256,4,256,5],[257,4,257,5],[259,7,259,8],[262,4,262,5],[263,4,263,5],[264,4,264,5],[265,4,265,5],[266,4,266,5],[268,7,268,8],[271,4,271,5],[272,4,272,5],[273,4,273,5],[274,4,274,5],[275,4,275,5],[276,4,276,5],[277,4,277,5],[278,4,278,5],[280,7,280,8],[283,4,283,5],[284,4,284,5],[285,4,285,5],[286,4,286,5],[287,4,287,5],[288,4,288,5],[289,4,289,5],[290,4,290,5],[292,7,292,8],[295,4,295,5],[296,4,296,5],[297,4,297,5],[298,4,298,5],[299,4,299,5],[300,4,300,5],[302,7,302,8],[305,4,305,5],[306,4,306,5],[307,4,307,5],[308,4,308,5],[309,4,309,5],[310,4,310,5],[312,7,312,8],[315,4,315,5],[316,4,316,5],[317,4,317,5],[318,4,318,5],[319,4,319,5],[321,7,321,8],[324,4,324,5],[325,4,325,5],[326,4,326,5],[327,4,327,5],[328,4,328,5],[329,4,329,5],[331,7,331,8],[334,4,334,5],[335,4,335,5],[336,4,336,5],[337,4,337,5],[338,4,338,5],[339,4,339,5],[341,7,341,8],[344,4,344,5],[345,4,345,5],[346,4,346,5],[347,4,347,5],[348,4,348,5],[349,4,349,5],[351,7,351,8],[354,4,354,5],[355,4,355,5],[356,4,356,5],[357,4,357,5],[358,4,358,5],[359,4,359,5],[360,4,360,5],[361,4,361,5],[363,7,363,8],[366,4,366,5],[367,4,367,5],[368,4,368,5],[369,4,369,5],[370,4,370,5],[371,4,371,5],[373,7,373,8],[376,4,376,5],[377,4,377,5],[378,4,378,5],[379,4,379,5],[380,4,380,5],[382,7,382,8],[385,4,385,5],[386,4,386,5],[387,4,387,5],[388,4,388,5],[389,4,389,5],[390,4,390,5],[392,7,392,8],[395,4,395,5],[396,4,396,5],[397,4,397,5],[398,4,398,5],[399,4,399,5],[401,7,401,8],[404,4,404,5],[405,4,405,5],[406,4,406,5],[407,4,407,5],[408,4,408,5],[410,7,410,8],[413,4,413,5],[414,4,414,5],[415,4,415,5],[416,4,416,5],[417,4,417,5],[418,4,418,5],[420,7,420,8],[423,4,423,5],[424,4,424,5],[425,4,425,5],[426,4,426,5],[427,4,427,5],[428,4,428,5],[429,4,429,5],[430,4,430,5],[432,7,432,8],[435,4,435,5],[436,4,436,5],[437,4,437,5],[438,4,438,5],[439,4,439,5],[440,4,440,5],[442,7,442,8],[445,4,445,5],[446,4,446,5],[447,4,447,5],[448,4,448,5],[449,4,449,5],[450,4,450,5],[451,4,451,5],[453,7,453,8],[456,4,456,5],[457,4,457,5],[458,4,458,5],[459,4,459,5],[460,0,460,9],[461,4,461,5],[462,4,462,5],[464,7,464,8],[467,4,467,5],[468,4,468,5],[469,4,469,5],[470,4,470,5],[471,4,471,5],[473,7,473,8],[476,4,476,5],[477,4,477,5],[478,4,478,5],[479,4,479,5],[481,7,481,8],[484,4,484,5],[485,4,485,5],[486,4,486,5],[487,4,487,5],[488,4,488,5],[489,4,489,5],[491,7,491,8],[494,4,494,5],[495,4,495,5],[496,4,496,5],[497,4,497,5],[498,4,498,5],[499,4,499,5],[501,7,501,8],[504,4,504,5],[505,4,505,5],[506,4,506,5],[507,4,507,5],[508,4,508,5],[509,4,509,5],[511,7,511,8],[514,4,514,5],[515,4,515,5],[516,4,516,5],[517,4,517,5],[519,7,519,8],[522,4,522,5],[523,4,523,5],[524,4,524,5],[525,4,525,5],[527,7,527,8],[530,4,530,5],[531,4,531,5],[532,4,532,5],[533,4,533,5],[535,7,535,8],[538,4,538,5],[539,4,539,5],[540,4,540,5],[541,4,541,5],[543,7,543,8],[546,4,546,5],[547,4,547,5],[548,4,548,5],[549,4,549,5],[550,4,550,5],[551,4,551,5],[552,4,552,5],[554,7,554,8],[557,4,557,5],[558,4,558,5],[559,4,559,5],[560,4,560,5],[561,4,561,5],[562,4,562,5],[563,4,563,5],[564,4,564,5],[566,7,566,8],[569,4,569,5],[570,4,570,5],[571,4,571,5],[572,4,572,5],[573,4,573,5],[574,4,574,5],[575,4,575,5],[576,4,576,5],[578,7,578,8],[581,4,581,5],[582,4,582,5],[583,4,583,5],[584,4,584,5],[585,4,585,5],[587,7,587,8],[590,4,590,5],[591,4,591,5],[592,4,592,5],[593,4,593,5],[594,4,594,5],[596,7,596,8],[599,4,599,5],[600,4,600,5],[601,4,601,5],[602,4,602,5],[603,4,603,5],[605,7,605,8],[608,4,608,5],[609,4,609,5],[610,4,610,5],[611,4,611,5],[612,4,612,5],[614,7,614,8],[617,4,617,5],[618,4,618,5],[619,4,619,5],[620,4,620,5],[621,4,621,5],[622,4,622,5],[623,4,623,5],[624,4,624,5],[625,4,625,5],[627,7,627,8],[630,4,630,5],[631,4,631,5],[632,4,632,5],[634,7,634,8],[637,4,637,5],[638,4,638,5],[639,4,639,5],[641,7,641,8],[644,4,644,5],[645,4,645,5],[646,4,646,5],[647,4,647,5],[648,4,648,5],[650,7,650,8],[654,0,654,2],[654,5,654,6],[655,0,655,2],[655,5,655,6],[656,0,656,2],[656,5,656,6],[658,0,658,9]]}
["ASSEMBLEIA LEGISLATIVA DO ESTADO DE RONDÔNIA"]
["    ORÇAMENTO ESTIMATIVO"]
["PLANILHA ORÇAMENTÁRIA ANALÍTICA - SERVIÇOS DE MANUTENÇÃO PREDIAL (POR DEMANDA)"]
[{"$nulls":3},"Obra","Bancos",null,"B.D.I.",null,"Encargos Sociais"]
[{"$nulls":3},"LOCAÇÃO COM FACILITIES - MANUTENÇÃO PREDIAL COM MÃO DE OBRA","SINAPI - 08/2025 - Distrito Federal\nORSE - 06/2025 - Sergipe\nFDE - 04/2025 - São Paulo\n\n",null,"26,19%",null,"Não Desonerado: embutido nos preços unitário dos insumos de mão de obra, de acordo com as bases."]
["Planilha Orçamentária Analítica"]
[" 1 ","Código","Banco","Descrição","Tipo",null,"Und","Quant.","Valor Unit","Total"]
["Composição"," 98556 ","SINAPI","IMPERMEABILIZAÇÃO DE SUPERFÍCIE COM ARGAMASSA POLIMÉRICA / MEMBRANA ACRÍLICA, 4 DEMÃOS, REFORÇADA COM VÉU DE POLIÉSTER (MAV). AF_09/2023","IMPE - IMPERMEABILIZAÇÕES E PROTEÇÕES DIVERSAS",null,"m²",{"v":1,"d":"1.0000000"},66.36,66.36]
["Composição Auxiliar"," 88270 ","SINAPI","IMPERMEABILIZADOR COM ENCARGOS COMPLEMENTARES","SEDI - SERVIÇOS DIVERSOS",null,"H",{"v":0.9881,"d":"0.9881000"},32.69,{"v":32.3,"d":"32.30"}]
["Composição Auxiliar"," 88243 ","SINAPI","AJUDANTE ESPECIALIZADO COM ENCARGOS COMPLEMENTARES","SEDI - SERVIÇOS DIVERSOS",null,"H",{"v":0.2228,"d":"0.2228000"},25.64,5.71]
["Insumo"," 00000135 ","SINAPI","ARGAMASSA POLIMERICA IMPERMEABILIZANTE SEMIFLEXIVEL, BICOMPONENTE, A BASE DE CIMENTO E ADITIVOS","Material",null,"KG",{"v":4.6154,"d":"4.6154000"},{"v":4.1,"d":"4.10"},18.92]
["Insumo"," 00004030 ","SINAPI","VEU DE POLIESTER PARA IMPERMEABILIZACAO","Material",null,"M²",{"v":1.3513,"d":"1.3513000"},6.98,9.43]
[{"$nulls":4},"MO sem LS =>",27.06,"LS =>",{"v":0,"d":"0.00"},"MO com LS =>",27.06]
[{"$nulls":4},"Valor do BDI =>",17.37,null,"Valor com BDI =>",null,83.73]
[{"$nulls":6},"Quant. =>","3,00","Preço Total =>",251.19]
[]
[" 2 ","Código","Banco","Descrição","Tipo",null,"Und","Quant.","Valor Unit","Total"]
["Composição"," 96113 ","SINAPI","FORRO EM PLACAS DE GESSO, PARA AMBIENTES COMERCIAIS. AF_08/2023_PS","REVE - REVESTIMENTO E TRATAMENTO DE SUPERFÍCIES",null,"m²",{"v":1,"d":"1.0000000"},50.91,50.91]
["Composição Auxiliar"," 88269 ","SINAPI","GESSEIRO COM ENCARGOS COMPLEMENTARES","SEDI - SERVIÇOS DIVERSOS",null,"H",{"v":0.7867,"d":"0.7867000"},32.46,25.53]
["Composição Auxiliar"," 88316 ","SINAPI","SERVENTE COM ENCARGOS COMPLEMENTARES","SEDI - SERVIÇOS DIVERSOS",null,"H",{"v":0.4522,"d":"0.4522000"},24.94,11.27]
["Insumo"," 00040547 ","SINAPI","PARAFUSO ZINCADO, AUTOBROCANTE, FLANGEADO, 4,2 MM X 19 MM","Material",null,"CENTO",{"v":0.0293,"d":"0.0293000"},27.77,0.81]
["Insumo"," 00004812 ","SINAPI","PLACA DE GESSO PARA FORRO, *60 X 60* CM, ESPESSURA DE 12 MM (SEM COLOCACAO)","Material",null,"M²",{"v":1.0414,"d":"1.0414000"},10.71,11.15]
["Insumo"," 00000345 ","SINAPI","ARAME GALVANIZADO 18 BWG, D = 1,24MM (0,009 KG/M)","Material",null,"KG",{"v":0.0217,"d":"0.0217000"},28.52,0.61]
["Insumo"," 00020250 ","SINAPI","SISAL EM FIBRA / ESTOPA SISAL PARA GESSO","Material",null,"KG",{"v":0.0078,"d":"0.0078000"},{"v":20,"d":"20.00"},0.15]
["Insumo"," 00003315 ","SINAPI","GESSO EM PO PARA REVESTIMENTOS/MOLDURAS/SANCAS E USO GERAL","Material",null,"KG",{"v":1.8127,"d":"1.8127000"},0.77,1.39]
[{"$nulls":4},"MO sem LS =>",25.63,"LS =>",{"v":0,"d":"0.00"},"MO com LS =>",25.63]
[{"$nulls":4},"Valor do BDI =>",13.33,null,"Valor com BDI =>",null,64.24]
[{"$nulls":6},"Quant. =>","11,20","Preço Total =>",719.48]
[]
[" 3 ","Código","Banco","Descrição","Tipo",null,"Und","Quant.","Valor Unit","Total"]
["Composição"," 96120 ","SINAPI","ACABAMENTOS PARA FORRO (MOLDURA DE GESSO). AF_08/2023","REVE - REVESTIMENTO E TRATAMENTO DE SUPERFÍCIES",null,"M",{"v":1,"d":"1.0000000"},3.26,3.26]
["Composição Auxiliar"," 88269 ","SINAPI","GESSEIRO COM ENCARGOS COMPLEMENTARES","SEDI - SERVIÇOS DIVERSOS",null,"H",{"v":0.0454,"d":"0.0454000"},32.46,1.47]
["Composição Auxiliar"," 88316 ","SINAPI","SERVENTE COM ENCARGOS COMPLEMENTARES","SEDI - SERVIÇOS DIVERSOS",null,"H",{"v":0.0261,"d":"0.0261000"},24.94,0.65]
["Insumo"," 00003315 ","SINAPI","GESSO EM PO PARA REVESTIMENTOS/MOLDURAS/SANCAS E USO GERAL","Material",null,"KG",{"v":0.3643,"d":"0.3643000"},0.77,0.28]
["Insumo"," 00005066 ","SINAPI","PREGO DE ACO POLIDO COM CABECA 12 X 12","Material",null,"KG",{"v":1.5E-3,"d":"0.0015000"},25.52,0.03]
["Insumo"," 00020250 ","SINAPI","SISAL EM FIBRA / ESTOPA SISAL PARA GESSO","Material",null,"KG",{"v":0.0016,"d":"0.0016000"},{"v":20,"d":"20.00"},0.03]
["Insumo"," 00004812 ","SINAPI","PLACA DE GESSO PARA FORRO, *60 X 60* CM, ESPESSURA DE 12 MM (SEM COLOCACAO)","Material",null,"M²",{"v":0.075,"d":"0.0750000"},10.71,{"v":0.8,"d":"0.80"}]
[{"$nulls":4},"MO sem LS =>",1.47,"LS =>",{"v":0,"d":"0.00"},"MO com LS =>",1.47]
[{"$nulls":4},"Valor do BDI =>",0.85,null,"Valor com BDI =>",null,4.11]
[{"$nulls":6},"Quant. =>","20,00","Preço Total =>",{"v":82.2,"d":"82.20"}]
[]
[" 4 ","Código","Banco","Descrição","Tipo",null,"Und","Quant.","Valor Unit","Total"]
["Composição"," 96359 ","SINAPI","PAREDE COM SISTEMA EM CHAPAS DE GESSO PARA DRYWALL, USO INTERNO, COM DUAS FACES SIMPLES E ESTRUTURA METÁLICA COM GUIAS SIMPLES PARA PAREDES COM ÁREA LÍQUIDA MAIOR OU IGUAL A 6 M2, COM VÃOS. AF_07/2023_PS","PARE - PAREDES/PAINEIS",null,"m²",{"v":1,"d":"1.0000000"},99.13,99.13]
["Composição Auxiliar"," 88316 ","SINAPI","SERVENTE COM ENCARGOS COMPLEMENTARES","SEDI - SERVIÇOS DIVERSOS",null,"H",{"v":0.195,"d":"0.1950000"},24.94,4.86]
["Composição Auxiliar"," 88278 ","SINAPI","MONTADOR DE ESTRUTURAS METÁLICAS COM ENCARGOS COMPLEMENTARES","SEDI - SERVIÇOS DIVERSOS",null,"H",{"v":0.595,"d":"0.5950000"},26.72,15.89]
["Insumo"," 00039432 ","SINAPI","FITA DE PAPEL REFORCADA COM LAMINA DE METAL PARA REFORCO DE CANTOS DE CHAPA DE GESSO PARA DRYWALL","Material",null,"M",{"v":0.7925,"d":"0.7925000"},2.67,2.11]
["Insumo"," 00039431 ","SINAPI","FITA DE PAPEL MICROPERFURADO, 50 X 150 MM, PARA TRATAMENTO DE JUNTAS DE CHAPA DE GESSO PARA DRYWALL","Material",null,"M",{"v":2.5027,"d":"2.5027000"},{"v":0.3,"d":"0.30"},0.75]
["Insumo"," 00039435 ","SINAPI","PARAFUSO DRY WALL, EM ACO FOSFATIZADO, CABECA TROMBETA E PONTA AGULHA (TA), COMPRIMENTO 25 MM","Material",null,"UN",{"v":20.1868,"d":"20.1868000"},{"v":0.1,"d":"0.10"},2.01]
["Insumo"," 00039443 ","SINAPI","PARAFUSO DRY WALL, EM ACO ZINCADO, CABECA LENTILHA E PONTA BROCA (LB), LARGURA 4,2 MM, COMPRIMENTO 13 MM","Material",null,"UN",{"v":0.5441,"d":"0.5441000"},0.24,0.13]
["Insumo"," 00039419 ","SINAPI","PERFIL GUIA, FORMATO U, EM ACO ZINCADO, PARA ESTRUTURA PAREDE DRYWALL, E = 0,5 MM, 70 X 3000 MM (L X C)","Material",null,"M",{"v":0.9117,"d":"0.9117000"},6.55,5.97]
["Insumo"," 00039434 ","SINAPI","MASSA DE REJUNTE EM PO PARA DRYWALL, A BASE DE GESSO, SECAGEM RAPIDA, PARA TRATAMENTO DE JUNTAS DE CHAPA DE GESSO (NECESSITA ADICAO DE AGUA)","Equipamento",null,"KG",{"v":1.0978,"d":"1.0978000"},3.34,3.66]
["Insumo"," 00037586 ","SINAPI","PINO DE ACO COM ARRUELA CONICA, DIAMETRO ARRUELA = *23* MM E COMP HASTE = *27* MM (ACAO INDIRETA)","Material",null,"CENTO",{"v":0.0296,"d":"0.0296000"},48.76,1.44]
["Insumo"," 00039422 ","SINAPI","PERFIL MONTANTE, FORMATO C, EM ACO ZINCADO, PARA ESTRUTURA PAREDE DRYWALL, E = 0,5 MM, 70 X 3000 MM (L X C)","Material",null,"M",{"v":2.9139,"d":"2.9139000"},7.43,21.65]
["Insumo"," 00039413 ","SINAPI","PLACA / CHAPA DE GESSO ACARTONADO, STANDARD (ST), COR BRANCA, E = 12,5 MM, 1200 X 2400 MM (L X C)","Material",null,"m²",{"v":2.106,"d":"2.1060000"},19.31,40.66]
[{"$nulls":4},"MO sem LS =>",14.33,"LS =>",{"v":0,"d":"0.00"},"MO com LS =>",14.33]
[{"$nulls":4},"Valor do BDI =>",25.96,null,"Valor com BDI =>",null,125.09]
[{"$nulls":6},"Quant. =>","20,00","Preço Total =>",{"v":2501.8,"d":"2,501.80"}]
[]
[" 5 ","Código","Banco","Descrição","Tipo",null,"Und","Quant.","Valor Unit","Total"]
["Composição"," 98671 ","SINAPI","PISO EM GRANITO APLICADO EM AMBIENTES INTERNOS. AF_09/2020","PISO - PISOS",null,"m²",{"v":1,"d":"1.0000000"},378.91,378.91]
["Composição Auxiliar"," 88274 ","SINAPI","MARMORISTA/GRANITEIRO COM ENCARGOS COMPLEMENTARES","SEDI - SERVIÇOS DIVERSOS",null,"H",{"v":1.188,"d":"1.1880000"},32.54,38.65]
["Composição Auxiliar"," 88316 ","SINAPI","SERVENTE COM ENCARGOS COMPLEMENTARES","SEDI - SERVIÇOS DIVERSOS",null,"H",{"v":0.594,"d":"0.5940000"},24.94,14.81]
["Insumo"," 00010841 ","SINAPI","PISO EM GRANITO, POLIDO, TIPO ANDORINHA/ QUARTZ/ CASTELO/ CORUMBA OU OUTROS EQUIVALENTES DA REGIAO, FORMATO MENOR OU IGUAL A 3025 CM2, E= *2* CM","Material",null,"M²",{"v":1.16,"d":"1.1600000"},265.32,307.77]
["Insumo"," 00034357 ","SINAPI","REJUNTE CIMENTICIO, QUALQUER COR","Material",null,"KG",{"v":0.14,"d":"0.1400000"},3.81,0.53]
["Insumo"," 00037595 ","SINAPI","ARGAMASSA COLANTE TIPO AC III","Material",null,"KG",{"v":8.62,"d":"8.6200000"},1.99,17.15]
[{"$nulls":4},"MO sem LS =>",37.39,"LS =>",{"v":0,"d":"0.00"},"MO com LS =>",37.39]
[{"$nulls":4},"Valor do BDI =>",99.23,null,"Valor com BDI =>",null,478.14]
[{"$nulls":6},"Quant. =>","10,00","Preço Total =>",{"v":4781.4,"d":"4,781.40"}]
[]
[" 6 ","Código","Banco","Descrição","Tipo",null,"Und","Quant.","Valor Unit","Total"]
["Composição"," 101727 ","SINAPI","PISO VINÍLICO SEMI-FLEXÍVEL EM PLACAS, PADRÃO LISO, ESPESSURA 3,2 MM, FIXADO COM COLA. AF_09/2020","PISO - PISOS",null,"m²",{"v":1,"d":"1.0000000"},192.39,192.39]
["Composição Auxiliar"," 88316 ","SINAPI","SERVENTE COM ENCARGOS COMPLEMENTARES","SEDI - SERVIÇOS DIVERSOS",null,"H",{"v":0.085,"d":"0.0850000"},24.94,2.11]
["Composição Auxiliar"," 88309 ","SINAPI","PEDREIRO COM ENCARGOS COMPLEMENTARES","SEDI - SERVIÇOS DIVERSOS",null,"H",{"v":0.171,"d":"0.1710000"},32.69,5.58]
["Insumo"," 00004791 ","SINAPI","ADESIVO ACRILICO DE BASE AQUOSA / COLA DE CONTATO","Material",null,"KG",{"v":0.095,"d":"0.0950000"},{"v":57.9,"d":"57.90"},{"v":5.5,"d":"5.50"}]
["Insumo"," 00004792 ","SINAPI","PLACA VINILICA SEMIFLEXIVEL PARA PISOS, E = 3,2 MM, 30 X 30 CM (SEM COLOCACAO)","Material",null,"M²",{"v":1.11,"d":"1.1100000"},161.45,{"v":179.2,"d":"179.20"}]
[{"$nulls":4},"MO sem LS =>",5.39,"LS =>",{"v":0,"d":"0.00"},"MO com LS =>",5.39]
[{"$nulls":4},"Valor do BDI =>",50.38,null,"Valor com BDI =>",null,242.77]
[{"$nulls":6},"Quant. =>","10,00","Preço Total =>",{"v":2427.7,"d":"2,427.70"}]
[]
[" 7 ","Código","Banco","Descrição","Tipo",null,"Und","Quant.","Valor Unit","Total"]
["Composição"," 87273 ","SINAPI","REVESTIMENTO CERÂMICO PARA PAREDES INTERNAS COM PLACAS TIPO ESMALTADA DE DIMENSÕES 33X45 CM APLICADAS NA ALTURA INTEIRA DAS PAREDES. AF_02/2023_PE","REVE - REVESTIMENTO E TRATAMENTO DE SUPERFÍCIES",null,"m²",{"v":1,"d":"1.0000000"},73.31,73.31]
["Composição Auxiliar"," 88316 ","SINAPI","SERVENTE COM ENCARGOS COMPLEMENTARES","SEDI - SERVIÇOS DIVERSOS",null,"H",{"v":0.3138,"d":"0.3138000"},24.94,7.82]
["Composição Auxiliar"," 88256 ","SINAPI","AZULEJISTA OU LADRILHEIRO COM ENCARGOS COMPLEMENTARES","SEDI - SERVIÇOS DIVERSOS",null,"H",{"v":0.697,"d":"0.6970000"},32.54,22.68]
["Insumo"," 00034357 ","SINAPI","REJUNTE CIMENTICIO, QUALQUER COR","Material",null,"KG",{"v":0.222,"d":"0.2220000"},3.81,0.84]
["Insumo"," 00001381 ","SINAPI","ARGAMASSA COLANTE AC I PARA CERAMICAS","Material",null,"KG",{"v":6.85,"d":"6.8500000"},0.65,4.45]
["Insumo"," 00000536 ","SINAPI","REVESTIMENTO PARA PAREDE, EM CERAMICA ESMALTADA, FORMATO MENOR OU IGUAL A 2025 CM2","Material",null,"M²",{"v":1.0798,"d":"1.0798000"},34.75,37.52]
[{"$nulls":4},"MO sem LS =>",21.38,"LS =>",{"v":0,"d":"0.00"},"MO com LS =>",21.38]
[{"$nulls":4},"Valor do BDI =>",19.19,null,"Valor com BDI =>",null,{"v":92.5,"d":"92.50"}]
[{"$nulls":6},"Quant. =>","5,00","Preço Total =>",{"v":462.5,"d":"462.50"}]
[]
[" 8 ","Código","Banco","Descrição","Tipo",null,"Und","Quant.","Valor Unit","Total"]
["Composição"," 88488 ","SINAPI","PINTURA LÁTEX ACRÍLICA PREMIUM, APLICAÇÃO MANUAL EM TETO, DUAS DEMÃOS. AF_04/2023","PINT - PINTURAS",null,"m²",{"v":1,"d":"1.0000000"},17.17,17.17]
["Composição Auxiliar"," 88316 ","SINAPI","SERVENTE COM ENCARGOS COMPLEMENTARES","SEDI - SERVIÇOS DIVERSOS",null,"H",{"v":0.0757,"d":"0.0757000"},24.94,1.88]
["Composição Auxiliar"," 88310 ","SINAPI","PINTOR COM ENCARGOS COMPLEMENTARES","SEDI - SERVIÇOS DIVERSOS",null,"H",{"v":0.227,"d":"0.2270000"},34.35,7.79]
["Insumo"," 00007356 ","SINAPI","TINTA LATEX ACRILICA PREMIUM, COR BRANCO FOSCO","Material",null,"L",{"v":0.2285,"d":"0.2285000"},32.83,{"v":7.5,"d":"7.50"}]
[{"$nulls":4},"MO sem LS =>",6.53,"LS =>",{"v":0,"d":"0.00"},"MO com LS =>",6.53]
[{"$nulls":4},"Valor do BDI =>",4.49,null,"Valor com BDI =>",null,21.66]
[{"$nulls":6},"Quant. =>","112,00","Preço Total =>",{"v":2425.92,"d":"2,425.92"}]
[]
[" 9 ","Código","Banco","Descrição","Tipo",null,"Und","Quant.","Valor Unit","Total"]
["Composição"," 88489 ","SINAPI","PINTURA LÁTEX ACRÍLICA PREMIUM, APLICAÇÃO MANUAL EM PAREDES, DUAS DEMÃOS. AF_04/2023","PINT - PINTURAS",null,"m²",{"v":1,"d":"1.0000000"},14.45,14.45]
["Composição Auxiliar"," 88316 ","SINAPI","SERVENTE COM ENCARGOS COMPLEMENTARES","SEDI - SERVIÇOS DIVERSOS",null,"H",{"v":0.0544,"d":"0.0544000"},24.94,1.35]
["Composição Auxiliar"," 88310 ","SINAPI","PINTOR COM ENCARGOS COMPLEMENTARES","SEDI - SERVIÇOS DIVERSOS",null,"H",{"v":0.1631,"d":"0.1631000"},34.35,{"v":5.6,"d":"5.60"}]
["Insumo"," 00007356 ","SINAPI","TINTA LATEX ACRILICA PREMIUM, COR BRANCO FOSCO","Material",null,"L",{"v":0.2285,"d":"0.2285000"},32.83,{"v":7.5,"d":"7.50"}]
[{"$nulls":4},"MO sem LS =>",4.69,"LS =>",{"v":0,"d":"0.00"},"MO com LS =>",4.69]
[{"$nulls":4},"Valor do BDI =>",3.78,null,"Valor com BDI =>",null,18.23]
[{"$nulls":6},"Quant. =>","336,00","Preço Total =>",{"v":6125.28,"d":"6,125.28"}]
[]
[" 10 ","Código","Banco","Descrição","Tipo",null,"Und","Quant.","Valor Unit","Total"]
["Composição"," 91926 ","SINAPI","CABO DE COBRE FLEXÍVEL ISOLADO, 2,5 MM², ANTI-CHAMA 450/750 V, PARA CIRCUITOS TERMINAIS - FORNECIMENTO E INSTALAÇÃO. AF_03/2023","INEL - INSTALAÇÃO ELÉTRICA/ELETRIFICAÇÃO E ILUMINAÇÃO EXTERNA",null,"M",{"v":1,"d":"1.0000000"},5.19,5.19]
["Composição Auxiliar"," 88247 ","SINAPI","AUXILIAR DE ELETRICISTA COM ENCARGOS COMPLEMENTARES","SEDI - SERVIÇOS DIVERSOS",null,"H",{"v":0.029,"d":"0.0290000"},26.26,0.76]
["Composição Auxiliar"," 88264 ","SINAPI","ELETRICISTA COM ENCARGOS COMPLEMENTARES","SEDI - SERVIÇOS DIVERSOS",null,"H",{"v":0.029,"d":"0.0290000"},33.09,0.95]
["Insumo"," 00001014 ","SINAPI","CABO DE COBRE, FLEXIVEL, CLASSE 4 OU 5, ISOLACAO EM PVC/A, ANTICHAMA BWF-B, 1 CONDUTOR, 450/750 V, SECAO NOMINAL 2,5 MM2","Material",null,"M",{"v":1.2434,"d":"1.2434000"},2.77,3.44]
["Insumo"," 00021127 ","SINAPI","FITA ISOLANTE ADESIVA ANTICHAMA, USO ATE 750 V, EM ROLO DE 19 MM X 5 M","Material",null,"UN",{"v":0.0094,"d":"0.0094000"},4.56,0.04]
[{"$nulls":4},"MO sem LS =>",1.18,"LS =>",{"v":0,"d":"0.00"},"MO com LS =>",1.18]
[{"$nulls":4},"Valor do BDI =>",1.35,null,"Valor com BDI =>",null,6.54]
[{"$nulls":6},"Quant. =>","60,00","Preço Total =>",{"v":392.4,"d":"392.40"}]
[]
[" 11 ","Código","Banco","Descrição","Tipo",null,"Und","Quant.","Valor Unit","Total"]
["Composição"," 91928 ","SINAPI","CABO DE COBRE FLEXÍVEL ISOLADO, 4 MM², ANTI-CHAMA 450/750 V, PARA CIRCUITOS TERMINAIS - FORNECIMENTO E INSTALAÇÃO. AF_03/2023","INEL - INSTALAÇÃO ELÉTRICA/ELETRIFICAÇÃO E ILUMINAÇÃO EXTERNA",null,"M",{"v":1,"d":"1.0000000"},8.06,8.06]
["Composição Auxiliar"," 88247 ","SINAPI","AUXILIAR DE ELETRICISTA COM ENCARGOS COMPLEMENTARES","SEDI - SERVIÇOS DIVERSOS",null,"H",{"v":0.039,"d":"0.0390000"},26.26,1.02]
["Composição Auxiliar"," 88264 ","SINAPI","ELETRICISTA COM ENCARGOS COMPLEMENTARES","SEDI - SERVIÇOS DIVERSOS",null,"H",{"v":0.039,"d":"0.0390000"},33.09,1.29]
["Insumo"," 00000981 ","SINAPI","CABO DE COBRE, FLEXIVEL, CLASSE 4 OU 5, ISOLACAO EM PVC/A, ANTICHAMA BWF-B, 1 CONDUTOR, 450/750 V, SECAO NOMINAL 4 MM2","Material",null,"M",{"v":1.2434,"d":"1.2434000"},{"v":4.6,"d":"4.60"},5.71]
["Insumo"," 00021127 ","SINAPI","FITA ISOLANTE ADESIVA ANTICHAMA, USO ATE 750 V, EM ROLO DE 19 MM X 5 M","Material",null,"UN",{"v":0.0094,"d":"0.0094000"},4.56,0.04]
[{"$nulls":4},"MO sem LS =>",{"v":1.6,"d":"1.60"},"LS =>",{"v":0,"d":"0.00"},"MO com LS =>",{"v":1.6,"d":"1.60"}]
[{"$nulls":4},"Valor do BDI =>",2.11,null,"Valor com BDI =>",null,10.17]
[{"$nulls":6},"Quant. =>","45,00","Preço Total =>",457.65]
[]
[" 12 ","Código","Banco","Descrição","Tipo",null,"Und","Quant.","Valor Unit","Total"]
["Composição"," 91854 ","SINAPI","ELETRODUTO FLEXÍVEL CORRUGADO, PVC, DN 25 MM (3/4\"), PARA CIRCUITOS TERMINAIS, INSTALADO EM PAREDE - FORNECIMENTO E INSTALAÇÃO. AF_03/2023","INEL - INSTALAÇÃO ELÉTRICA/ELETRIFICAÇÃO E ILUMINAÇÃO EXTERNA",null,"M",{"v":1,"d":"1.0000000"},11.24,11.24]
["Composição Auxiliar"," 88264 ","SINAPI","ELETRICISTA COM ENCARGOS COMPLEMENTARES","SEDI - SERVIÇOS DIVERSOS",null,"H",{"v":0.134,"d":"0.1340000"},33.09,4.43]
["Composição Auxiliar"," 88247 ","SINAPI","AUXILIAR DE ELETRICISTA COM ENCARGOS COMPLEMENTARES","SEDI - SERVIÇOS DIVERSOS",null,"H",{"v":0.134,"d":"0.1340000"},26.26,3.51]
["Insumo"," 00002688 ","SINAPI","ELETRODUTO PVC FLEXIVEL CORRUGADO, COR AMARELA, DE 25 MM","Material",null,"M",{"v":1.017,"d":"1.0170000"},3.25,{"v":3.3,"d":"3.30"}]
[{"$nulls":4},"MO sem LS =>",5.51,"LS =>",{"v":0,"d":"0.00"},"MO com LS =>",5.51]
[{"$nulls":4},"Valor do BDI =>",2.94,null,"Valor com BDI =>",null,14.18]
[{"$nulls":6},"Quant. =>","20,00","Preço Total =>",{"v":283.6,"d":"283.60"}]
[]
[" 13 ","Código","Banco","Descrição","Tipo",null,"Und","Quant.","Valor Unit","Total"]
["Composição"," 91957 ","SINAPI","INTERRUPTOR SIMPLES (1 MÓDULO) COM INTERRUPTOR PARALELO (1 MÓDULO), 10A/250V, INCLUINDO SUPORTE E PLACA - FORNECIMENTO E INSTALAÇÃO. AF_03/2023","INEL - INSTALAÇÃO ELÉTRICA/ELETRIFICAÇÃO E ILUMINAÇÃO EXTERNA",null,"UN",{"v":1,"d":"1.0000000"},63.97,63.97]
["Composição Auxiliar"," 91956 ","SINAPI","INTERRUPTOR SIMPLES (1 MÓDULO) COM INTERRUPTOR PARALELO (1 MÓDULO), 10A/250V, SEM SUPORTE E SEM PLACA - FORNECIMENTO E INSTALAÇÃO. AF_03/2023","INEL - INSTALAÇÃO ELÉTRICA/ELETRIFICAÇÃO E ILUMINAÇÃO EXTERNA",null,"UN",{"v":1,"d":"1.0000000"},50.37,50.37]
["Composição Auxiliar"," 91946 ","SINAPI","SUPORTE PARAFUSADO COM PLACA DE ENCAIXE 4\" X 2\" MÉDIO (1,30 M DO PISO) PARA PONTO ELÉTRICO - FORNECIMENTO E INSTALAÇÃO. AF_03/2023","INEL - INSTALAÇÃO ELÉTRICA/ELETRIFICAÇÃO E ILUMINAÇÃO EXTERNA",null,"UN",{"v":1,"d":"1.0000000"},{"v":13.6,"d":"13.60"},{"v":13.6,"d":"13.60"}]
[{"$nulls":4},"MO sem LS =>",25.26,"LS =>",{"v":0,"d":"0.00"},"MO com LS =>",25.26]
[{"$nulls":4},"Valor do BDI =>",16.75,null,"Valor com BDI =>",null,80.72]
[{"$nulls":6},"Quant. =>","2,00","Preço Total =>",161.44]
[]
[" 14 ","Código","Banco","Descrição","Tipo",null,"Und","Quant.","Valor Unit","Total"]
["Composição"," 98307 ","SINAPI","TOMADA DE REDE RJ45 - FORNECIMENTO E INSTALAÇÃO. AF_08/2025","INES - INSTALAÇÕES ESPECIAIS",null,"UN",{"v":1,"d":"1.0000000"},{"v":71.4,"d":"71.40"},{"v":71.4,"d":"71.40"}]
["Composição Auxiliar"," 88247 ","SINAPI","AUXILIAR DE ELETRICISTA COM ENCARGOS COMPLEMENTARES","SEDI - SERVIÇOS DIVERSOS",null,"H",0.3237912,26.26,{"v":8.5,"d":"8.50"}]
["Composição Auxiliar"," 88264 ","SINAPI","ELETRICISTA COM ENCARGOS COMPLEMENTARES","SEDI - SERVIÇOS DIVERSOS",null,"H",0.4317216,33.09,14.28]
["Insumo"," 00038083 ","SINAPI","TOMADA RJ45, 8 FIOS, CAT 5E, CONJUNTO MONTADO PARA EMBUTIR 4\" X 2\" (PLACA + SUPORTE + MODULO)","Material",null,"UN",{"v":1,"d":"1.0000000"},48.62,48.62]
[{"$nulls":4},"MO sem LS =>",15.92,"LS =>",{"v":0,"d":"0.00"},"MO com LS =>",15.92]
[{"$nulls":4},"Valor do BDI =>",18.69,null,"Valor com BDI =>",null,90.09]
[{"$nulls":6},"Quant. =>","2,00","Preço Total =>",180.18]
[]
[" 15 ","Código","Banco","Descrição","Tipo",null,"Und","Quant.","Valor Unit","Total"]
["Composição"," 92004 ","SINAPI","TOMADA MÉDIA DE EMBUTIR (2 MÓDULOS), 2P+T 10 A, INCLUINDO SUPORTE E PLACA - FORNECIMENTO E INSTALAÇÃO. AF_03/2023","INEL - INSTALAÇÃO ELÉTRICA/ELETRIFICAÇÃO E ILUMINAÇÃO EXTERNA",null,"UN",{"v":1,"d":"1.0000000"},68.82,68.82]
["Composição Auxiliar"," 92002 ","SINAPI","TOMADA MÉDIA DE EMBUTIR (2 MÓDULOS), 2P+T 10 A, SEM SUPORTE E SEM PLACA - FORNECIMENTO E INSTALAÇÃO. AF_03/2023","INEL - INSTALAÇÃO ELÉTRICA/ELETRIFICAÇÃO E ILUMINAÇÃO EXTERNA",null,"UN",{"v":1,"d":"1.0000000"},55.22,55.22]
["Composição Auxiliar"," 91946 ","SINAPI","SUPORTE PARAFUSADO COM PLACA DE ENCAIXE 4\" X 2\" MÉDIO (1,30 M DO PISO) PARA PONTO ELÉTRICO - FORNECIMENTO E INSTALAÇÃO. AF_03/2023","INEL - INSTALAÇÃO ELÉTRICA/ELETRIFICAÇÃO E ILUMINAÇÃO EXTERNA",null,"UN",{"v":1,"d":"1.0000000"},{"v":13.6,"d":"13.60"},{"v":13.6,"d":"13.60"}]
[{"$nulls":4},"MO sem LS =>",28.81,"LS =>",{"v":0,"d":"0.00"},"MO com LS =>",28.81]
[{"$nulls":4},"Valor do BDI =>",18.02,null,"Valor com BDI =>",null,86.84]
[{"$nulls":6},"Quant. =>","2,00","Preço Total =>",173.68]
[]
[" 16 ","Código","Banco","Descrição","Tipo",null,"Und","Quant.","Valor Unit","Total"]
["Composição"," 89987 ","SINAPI","REGISTRO DE GAVETA BRUTO, LATÃO, ROSCÁVEL, 3/4\", COM ACABAMENTO E CANOPLA CROMADOS - FORNECIMENTO E INSTALAÇÃO. AF_08/2021","INHI - INSTALAÇÕES HIDROS SANITÁRIAS",null,"UN",{"v":1,"d":"1.0000000"},97.71,97.71]
["Composição Auxiliar"," 88248 ","SINAPI","AUXILIAR DE ENCANADOR OU BOMBEIRO HIDRÁULICO COM ENCARGOS COMPLEMENTARES","SEDI - SERVIÇOS DIVERSOS",null,"H",{"v":0.2212,"d":"0.2212000"},25.26,5.58]
["Composição Auxiliar"," 88267 ","SINAPI","ENCANADOR OU BOMBEIRO HIDRÁULICO COM ENCARGOS COMPLEMENTARES","SEDI - SERVIÇOS DIVERSOS",null,"H",{"v":0.2212,"d":"0.2212000"},31.96,7.06]
["Insumo"," 00003148 ","SINAPI","FITA VEDA ROSCA, EM PTFE, ROLO DE 18 MM X 50 M (L X C)","Material",null,"UN",{"v":0.0106,"d":"0.0106000"},16.59,0.17]
["Insumo"," 00006005 ","SINAPI","REGISTRO GAVETA COM ACABAMENTO E CANOPLA CROMADOS, SIMPLES, BITOLA 3/4\"","Material",null,"UN",{"v":1,"d":"1.0000000"},{"v":84.9,"d":"84.90"},{"v":84.9,"d":"84.90"}]
[{"$nulls":4},"MO sem LS =>",8.93,"LS =>",{"v":0,"d":"0.00"},"MO com LS =>",8.93]
[{"$nulls":4},"Valor do BDI =>",25.59,null,"Valor com BDI =>",null,{"v":123.3,"d":"123.30"}]
[{"$nulls":6},"Quant. =>","1,00","Preço Total =>",{"v":123.3,"d":"123.30"}]
[]
[" 17 ","Código","Banco","Descrição","Tipo",null,"Und","Quant.","Valor Unit","Total"]
["Composição"," 86889 ","SINAPI","BANCADA DE GRANITO CINZA POLIDO, DE 1,50 X 0,60 M, PARA PIA DE COZINHA - FORNECIMENTO E INSTALAÇÃO. AF_01/2020","INHI - INSTALAÇÕES HIDROS SANITÁRIAS",null,"UN",{"v":1,"d":"1.0000000"},671.57,671.57]
["Composição Auxiliar"," 88274 ","SINAPI","MARMORISTA/GRANITEIRO COM ENCARGOS COMPLEMENTARES","SEDI - SERVIÇOS DIVERSOS",null,"H",{"v":1.4944,"d":"1.4944000"},32.54,48.62]
["Composição Auxiliar"," 88316 ","SINAPI","SERVENTE COM ENCARGOS COMPLEMENTARES","SEDI - SERVIÇOS DIVERSOS",null,"H",{"v":0.9834,"d":"0.9834000"},24.94,24.52]
["Insumo"," 00004823 ","SINAPI","MASSA PLASTICA PARA MARMORE/GRANITO","Material",null,"KG",{"v":0.5228,"d":"0.5228000"},30.52,15.95]
["Insumo"," 00007568 ","SINAPI","BUCHA DE NYLON SEM ABA S10, COM PARAFUSO DE 6,10 X 65 MM EM ACO ZINCADO COM ROSCA SOBERBA, CABECA CHATA E FENDA PHILLIPS","Material",null,"UN",{"v":6,"d":"6.0000000"},1.16,6.96]
["Insumo"," 00037591 ","SINAPI","SUPORTE MAO-FRANCESA EM ACO, ABAS IGUAIS 40 CM, CAPACIDADE MINIMA 70 KG, BRANCO","Material",null,"UN",{"v":2,"d":"2.0000000"},20.27,40.54]
["Insumo"," 00037329 ","SINAPI","REJUNTE EPOXI, QUALQUER COR","Material",null,"KG",{"v":0.0211,"d":"0.0211000"},80.38,1.69]
["Insumo"," 00011795 ","SINAPI","GRANITO PARA BANCADA, POLIDO, TIPO ANDORINHA/ QUARTZ/ CASTELO/ CORUMBA OU OUTROS EQUIVALENTES DA REGIAO, E= *2,5* CM","Material",null,"M²",{"v":1.005,"d":"1.0050000"},530.64,533.29]
[{"$nulls":4},"MO sem LS =>",50.81,"LS =>",{"v":0,"d":"0.00"},"MO com LS =>",50.81]
[{"$nulls":4},"Valor do BDI =>",175.88,null,"Valor com BDI =>",null,847.45]
[{"$nulls":6},"Quant. =>","1,00","Preço Total =>",847.45]
[]
[" 18 ","Código","Banco","Descrição","Tipo",null,"Und","Quant.","Valor Unit","Total"]
["Composição"," 89356 ","SINAPI","TUBO, PVC, SOLDÁVEL, DE 25MM, INSTALADO EM RAMAL OU SUB-RAMAL DE ÁGUA - FORNECIMENTO E INSTALAÇÃO. AF_06/2022","INHI - INSTALAÇÕES HIDROS SANITÁRIAS",null,"M",{"v":1,"d":"1.0000000"},26.63,26.63]
["Composição Auxiliar"," 88248 ","SINAPI","AUXILIAR DE ENCANADOR OU BOMBEIRO HIDRÁULICO COM ENCARGOS COMPLEMENTARES","SEDI - SERVIÇOS DIVERSOS",null,"H",{"v":0.38,"d":"0.3800000"},25.26,9.59]
["Composição Auxiliar"," 88267 ","SINAPI","ENCANADOR OU BOMBEIRO HIDRÁULICO COM ENCARGOS COMPLEMENTARES","SEDI - SERVIÇOS DIVERSOS",null,"H",{"v":0.38,"d":"0.3800000"},31.96,12.14]
["Insumo"," 00038383 ","SINAPI","LIXA D'AGUA EM FOLHA, COR PRETA, GRAO 100","Material",null,"UN",{"v":0.0886,"d":"0.0886000"},2.32,{"v":0.2,"d":"0.20"}]
["Insumo"," 00009868 ","SINAPI","TUBO PVC, SOLDAVEL, DE 25 MM, AGUA FRIA (NBR-5648)","Material",null,"M",{"v":1.0493,"d":"1.0493000"},4.48,{"v":4.7,"d":"4.70"}]
[{"$nulls":4},"MO sem LS =>",15.35,"LS =>",{"v":0,"d":"0.00"},"MO com LS =>",15.35]
[{"$nulls":4},"Valor do BDI =>",6.97,null,"Valor com BDI =>",null,{"v":33.6,"d":"33.60"}]
[{"$nulls":6},"Quant. =>","5,00","Preço Total =>",{"v":168,"d":"168.00"}]
[]
[" 19 ","Código","Banco","Descrição","Tipo",null,"Und","Quant.","Valor Unit","Total"]
["Composição"," 91306 ","SINAPI","FECHADURA DE EMBUTIR PARA PORTAS INTERNAS, COMPLETA, ACABAMENTO PADRÃO MÉDIO, COM EXECUÇÃO DE FURO - FORNECIMENTO E INSTALAÇÃO. AF_12/2019","ESQV - ESQUADRIAS/FERRAGENS/VIDROS",null,"UN",{"v":1,"d":"1.0000000"},{"v":173.5,"d":"173.50"},{"v":173.5,"d":"173.50"}]
["Composição Auxiliar"," 88261 ","SINAPI","CARPINTEIRO DE ESQUADRIAS COM ENCARGOS COMPLEMENTARES","SEDI - SERVIÇOS DIVERSOS",null,"H",{"v":0.767,"d":"0.7670000"},30.93,23.72]
["Composição Auxiliar"," 88316 ","SINAPI","SERVENTE COM ENCARGOS COMPLEMENTARES","SEDI - SERVIÇOS DIVERSOS",null,"H",{"v":0.384,"d":"0.3840000"},24.94,9.57]
["Insumo"," 00003093 ","SINAPI","FECHADURA ROSETA REDONDA PARA PORTA INTERNA, EM ACO INOX (MAQUINA, TESTA E CONTRA-TESTA) E EM ZAMAC (MACANETA, LINGUETA E TRINCOS) COM ACABAMENTO CROMADO, MAQUINA DE 55 MM, INCLUINDO CHAVE TIPO INTERNA","Material",null,"CJ",{"v":1,"d":"1.0000000"},140.21,140.21]
[{"$nulls":4},"MO sem LS =>",23.08,"LS =>",{"v":0,"d":"0.00"},"MO com LS =>",23.08]
[{"$nulls":4},"Valor do BDI =>",45.43,null,"Valor com BDI =>",null,218.93]
[{"$nulls":6},"Quant. =>","2,00","Preço Total =>",437.86]
[]
[" 20 ","Código","Banco","Descrição","Tipo",null,"Und","Quant.","Valor Unit","Total"]
["Composição"," 90849 ","SINAPI","KIT DE PORTA DE MADEIRA PARA PINTURA, SEMI-OCA (LEVE OU MÉDIA), PADRÃO MÉDIO, 80X210CM, ESPESSURA DE 3,5CM, ITENS INCLUSOS: DOBRADIÇAS, MONTAGEM E INSTALAÇÃO DO BATENTE, SEM FECHADURA - FORNECIMENTO E INSTALAÇÃO. AF_12/2019","ESQV - ESQUADRIAS/FERRAGENS/VIDROS",null,"UN",{"v":1,"d":"1.0000000"},{"v":1090.73,"d":"1,090.73"},{"v":1090.73,"d":"1,090.73"}]
["Composição Auxiliar"," 100659 ","SINAPI","ALIZAR DE 5X1,5CM PARA PORTA FIXADO COM PREGOS, PADRÃO MÉDIO - FORNECIMENTO E INSTALAÇÃO. AF_12/2019","ESQV - ESQUADRIAS/FERRAGENS/VIDROS",null,"M",{"v":10,"d":"10.0000000"},15.71,{"v":157.1,"d":"157.10"}]
["Composição Auxiliar"," 90822 ","SINAPI","PORTA DE MADEIRA PARA PINTURA, SEMI-OCA (LEVE OU MÉDIA), 80X210CM, ESPESSURA DE 3,5CM, INCLUSO DOBRADIÇAS - FORNECIMENTO E INSTALAÇÃO. AF_12/2019","ESQV - ESQUADRIAS/FERRAGENS/VIDROS",null,"UN",{"v":1,"d":"1.0000000"},407.11,407.11]
["Composição Auxiliar"," 90806 ","SINAPI","BATENTE PARA PORTA DE MADEIRA, FIXAÇÃO COM ARGAMASSA, PADRÃO MÉDIO - FORNECIMENTO E INSTALAÇÃO. AF_12/2019","ESQV - ESQUADRIAS/FERRAGENS/VIDROS",null,"UN",{"v":1,"d":"1.0000000"},526.52,526.52]
[{"$nulls":4},"MO sem LS =>",211.88,"LS =>",{"v":0,"d":"0.00"},"MO com LS =>",211.88]
[{"$nulls":4},"Valor do BDI =>",285.66,null,"Valor com BDI =>",null,{"v":1376.39,"d":"1,376.39"}]
[{"$nulls":6},"Quant. =>","1,00","Preço Total =>",{"v":1376.39,"d":"1,376.39"}]
[]
[" 21 ","Código","Banco","Descrição","Tipo",null,"Und","Quant.","Valor Unit","Total"]
["Composição"," 100659 ","SINAPI","ALIZAR DE 5X1,5CM PARA PORTA FIXADO COM PREGOS, PADRÃO MÉDIO - FORNECIMENTO E INSTALAÇÃO. AF_12/2019","ESQV - ESQUADRIAS/FERRAGENS/VIDROS",null,"M",{"v":1,"d":"1.0000000"},15.71,15.71]
["Composição Auxiliar"," 88261 ","SINAPI","CARPINTEIRO DE ESQUADRIAS COM ENCARGOS COMPLEMENTARES","SEDI - SERVIÇOS DIVERSOS",null,"H",{"v":0.068,"d":"0.0680000"},30.93,{"v":2.1,"d":"2.10"}]
["Composição Auxiliar"," 88316 ","SINAPI","SERVENTE COM ENCARGOS COMPLEMENTARES","SEDI - SERVIÇOS DIVERSOS",null,"H",{"v":0.034,"d":"0.0340000"},24.94,0.84]
["Insumo"," 00039026 ","SINAPI","PREGO DE ACO POLIDO SEM CABECA 15 X 15 (1 1/4 X 13)","Material",null,"KG",{"v":0.006,"d":"0.0060000"},21.78,0.13]
["Insumo"," 00020017 ","SINAPI","GUARNICAO / ALIZAR / VISTA LISA EM MADEIRA MACICA, PARA PORTA, E = *1* CM, L = *5* CM, CEDRINHO / ANGELIM COMERCIAL / TAURI/ CURUPIXA / PEROBA / CUMARU OU EQUIVALENTE DA REGIAO","Material",null,"M",{"v":1.163,"d":"1.1630000"},10.87,12.64]
[{"$nulls":4},"MO sem LS =>",2.04,"LS =>",{"v":0,"d":"0.00"},"MO com LS =>",2.04]
[{"$nulls":4},"Valor do BDI =>",4.11,null,"Valor com BDI =>",null,19.82]
[{"$nulls":6},"Quant. =>","5,00","Preço Total =>",{"v":99.1,"d":"99.10"}]
[]
[" 22 ","Código","Banco","Descrição","Tipo",null,"Und","Quant.","Valor Unit","Total"]
["Composição"," 100709 ","SINAPI","DOBRADIÇA EM AÇO/FERRO, 3\" X 21/2\", E=1,9 A 2MM, SEN ANEL, CROMADO OU ZINCADO, TAMPA BOLA, COM PARAFUSOS. AF_12/2019","ESQV - ESQUADRIAS/FERRAGENS/VIDROS",null,"UN",{"v":1,"d":"1.0000000"},54.33,54.33]
["Composição Auxiliar"," 88316 ","SINAPI","SERVENTE COM ENCARGOS COMPLEMENTARES","SEDI - SERVIÇOS DIVERSOS",null,"H",{"v":0.458,"d":"0.4580000"},24.94,11.42]
["Composição Auxiliar"," 88261 ","SINAPI","CARPINTEIRO DE ESQUADRIAS COM ENCARGOS COMPLEMENTARES","SEDI - SERVIÇOS DIVERSOS",null,"H",{"v":0.916,"d":"0.9160000"},30.93,28.33]
["Insumo"," 00002420 ","SINAPI","DOBRADICA EM ACO/FERRO, 3\" X 2 1/2\", E= 1,9 A 2 MM, SEM ANEL, CROMADO OU ZINCADO, TAMPA BOLA, COM PARAFUSOS","Material",null,"UN",{"v":1,"d":"1.0000000"},14.58,14.58]
[{"$nulls":4},"MO sem LS =>",27.55,"LS =>",{"v":0,"d":"0.00"},"MO com LS =>",27.55]
[{"$nulls":4},"Valor do BDI =>",14.22,null,"Valor com BDI =>",null,68.55]
[{"$nulls":6},"Quant. =>","1,00","Preço Total =>",68.55]
[]
[" 23 ","Código","Banco","Descrição","Tipo",null,"Und","Quant.","Valor Unit","Total"]
["Composição"," 93663 ","SINAPI","DISJUNTOR BIPOLAR TIPO DIN, CORRENTE NOMINAL DE 25A - FORNECIMENTO E INSTALAÇÃO. AF_07/2025","INEL - INSTALAÇÃO ELÉTRICA/ELETRIFICAÇÃO E ILUMINAÇÃO EXTERNA",null,"UN",{"v":1,"d":"1.0000000"},93.28,93.28]
["Composição Auxiliar"," 88264 ","SINAPI","ELETRICISTA COM ENCARGOS COMPLEMENTARES","SEDI - SERVIÇOS DIVERSOS",null,"H",{"v":0.127928,"d":"0.1279280"},33.09,4.23]
["Composição Auxiliar"," 88247 ","SINAPI","AUXILIAR DE ELETRICISTA COM ENCARGOS COMPLEMENTARES","SEDI - SERVIÇOS DIVERSOS",null,"H",{"v":0.127928,"d":"0.1279280"},26.26,3.35]
["Insumo"," 00001571 ","SINAPI","TERMINAL A COMPRESSAO EM COBRE ESTANHADO PARA CABO 4 MM2, 1 FURO E 1 COMPRESSAO, PARA PARAFUSO DE FIXACAO M5","Material",null,"UN",{"v":2,"d":"2.0000000"},1.47,2.94]
["Insumo"," 00034616 ","SINAPI","DISJUNTOR TERMOMAGNETICO PARA TRILHO DIN (IEC), BIPOLAR, 6 - 32 A","Material",null,"UN",{"v":1,"d":"1.0000000"},82.76,82.76]
[{"$nulls":4},"MO sem LS =>",5.26,"LS =>",{"v":0,"d":"0.00"},"MO com LS =>",5.26]
[{"$nulls":4},"Valor do BDI =>",24.43,null,"Valor com BDI =>",null,117.71]
[{"$nulls":6},"Quant. =>","1,00","Preço Total =>",117.71]
[]
[" 24 ","Código","Banco","Descrição","Tipo",null,"Und","Quant.","Valor Unit","Total"]
["Composição"," 100853 ","SINAPI","TORNEIRA CROMADA DE MESA PARA LAVATORIO, TIPO MONOCOMANDO. AF_01/2020","INHI - INSTALAÇÕES HIDROS SANITÁRIAS",null,"UN",{"v":1,"d":"1.0000000"},382.06,382.06]
["Composição Auxiliar"," 88316 ","SINAPI","SERVENTE COM ENCARGOS COMPLEMENTARES","SEDI - SERVIÇOS DIVERSOS",null,"H",{"v":0.1459,"d":"0.1459000"},24.94,3.63]
["Composição Auxiliar"," 88267 ","SINAPI","ENCANADOR OU BOMBEIRO HIDRÁULICO COM ENCARGOS COMPLEMENTARES","SEDI - SERVIÇOS DIVERSOS",null,"H",{"v":0.463,"d":"0.4630000"},31.96,14.79]
["Insumo"," 00003146 ","SINAPI","FITA VEDA ROSCA, EM PTFE, ROLO DE 18 MM X 10 M (L X C)","Material",null,"UN",{"v":0.042,"d":"0.0420000"},{"v":4.5,"d":"4.50"},0.18]
["Insumo"," 00044045 ","SINAPI","TORNEIRA DE MESA PARA LAVATORIO, METALICA CROMADA, COM MISTURADOR MONOCOMANDO, BICA BAIXA","Material",null,"UN",{"v":1,"d":"1.0000000"},363.46,363.46]
[{"$nulls":4},"MO sem LS =>",13.23,"LS =>",{"v":0,"d":"0.00"},"MO com LS =>",13.23]
[{"$nulls":4},"Valor do BDI =>",100.06,null,"Valor com BDI =>",null,482.12]
[{"$nulls":6},"Quant. =>","1,00","Preço Total =>",482.12]
[]
[" 25 ","Código","Banco","Descrição","Tipo",null,"Und","Quant.","Valor Unit","Total"]
["Composição"," 86910 ","SINAPI","TORNEIRA CROMADA TUBO MÓVEL, DE PAREDE, 1/2\" OU 3/4\", PARA PIA DE COZINHA, PADRÃO MÉDIO - FORNECIMENTO E INSTALAÇÃO. AF_01/2020","INHI - INSTALAÇÕES HIDROS SANITÁRIAS",null,"UN",{"v":1,"d":"1.0000000"},141.97,141.97]
["Composição Auxiliar"," 88316 ","SINAPI","SERVENTE COM ENCARGOS COMPLEMENTARES","SEDI - SERVIÇOS DIVERSOS",null,"H",{"v":0.0367,"d":"0.0367000"},24.94,0.91]
["Composição Auxiliar"," 88267 ","SINAPI","ENCANADOR OU BOMBEIRO HIDRÁULICO COM ENCARGOS COMPLEMENTARES","SEDI - SERVIÇOS DIVERSOS",null,"H",{"v":0.1164,"d":"0.1164000"},31.96,3.72]
["Insumo"," 00003146 ","SINAPI","FITA VEDA ROSCA, EM PTFE, ROLO DE 18 MM X 10 M (L X C)","Material",null,"UN",{"v":0.021,"d":"0.0210000"},{"v":4.5,"d":"4.50"},0.09]
["Insumo"," 00011773 ","SINAPI","TORNEIRA METALICA CROMADA DE PAREDE, PARA COZINHA, BICA MOVEL, COM AREJADOR, 1/2\" OU 3/4\"","Material",null,"UN",{"v":1,"d":"1.0000000"},137.25,137.25]
[{"$nulls":4},"MO sem LS =>",3.32,"LS =>",{"v":0,"d":"0.00"},"MO com LS =>",3.32]
[{"$nulls":4},"Valor do BDI =>",37.18,null,"Valor com BDI =>",null,179.15]
[{"$nulls":6},"Quant. =>","1,00","Preço Total =>",179.15]
[]
[" 26 ","Código","Banco","Descrição","Tipo",null,"Und","Quant.","Valor Unit","Total"]
["Composição"," 100849 ","SINAPI","ASSENTO SANITÁRIO CONVENCIONAL - FORNECIMENTO E INSTALACAO. AF_01/2020","INHI - INSTALAÇÕES HIDROS SANITÁRIAS",null,"UN",{"v":1,"d":"1.0000000"},50.99,50.99]
["Composição Auxiliar"," 88267 ","SINAPI","ENCANADOR OU BOMBEIRO HIDRÁULICO COM ENCARGOS COMPLEMENTARES","SEDI - SERVIÇOS DIVERSOS",null,"H",{"v":0.1536,"d":"0.1536000"},31.96,{"v":4.9,"d":"4.90"}]
["Composição Auxiliar"," 88316 ","SINAPI","SERVENTE COM ENCARGOS COMPLEMENTARES","SEDI - SERVIÇOS DIVERSOS",null,"H",{"v":0.0484,"d":"0.0484000"},24.94,{"v":1.2,"d":"1.20"}]
["Insumo"," 00000377 ","SINAPI","ASSENTO SANITARIO DE PLASTICO, TIPO CONVENCIONAL","Material",null,"UN",{"v":1,"d":"1.0000000"},44.89,44.89]
[{"$nulls":4},"MO sem LS =>",4.38,"LS =>",{"v":0,"d":"0.00"},"MO com LS =>",4.38]
[{"$nulls":4},"Valor do BDI =>",13.35,null,"Valor com BDI =>",null,64.34]
[{"$nulls":6},"Quant. =>","1,00","Preço Total =>",64.34]
[]
[" 27 ","Código","Banco","Descrição","Tipo",null,"Und","Quant.","Valor Unit","Total"]
["Composição"," 89379 ","SINAPI","LUVA DE CORRER, PVC, SOLDÁVEL, DN 25MM, INSTALADO EM RAMAL OU SUB-RAMAL DE ÁGUA - FORNECIMENTO E INSTALAÇÃO. AF_12/2014","INHI - INSTALAÇÕES HIDROS SANITÁRIAS",null,"UN",{"v":1,"d":"1.0000000"},20.34,20.34]
["Composição Auxiliar"," 88267 ","SINAPI","ENCANADOR OU BOMBEIRO HIDRÁULICO COM ENCARGOS COMPLEMENTARES","SEDI - SERVIÇOS DIVERSOS",null,"H",{"v":0.1013,"d":"0.1013000"},31.96,3.23]
["Composição Auxiliar"," 88248 ","SINAPI","AUXILIAR DE ENCANADOR OU BOMBEIRO HIDRÁULICO COM ENCARGOS COMPLEMENTARES","SEDI - SERVIÇOS DIVERSOS",null,"H",{"v":0.1013,"d":"0.1013000"},25.26,2.55]
["Insumo"," 00020083 ","SINAPI","SOLUCAO PREPARADORA / LIMPADORA PARA PVC, FRASCO COM 1000 CM3","Material",null,"UN",{"v":0.008,"d":"0.0080000"},83.07,0.66]
["Insumo"," 00038383 ","SINAPI","LIXA D'AGUA EM FOLHA, COR PRETA, GRAO 100","Material",null,"UN",{"v":0.0338,"d":"0.0338000"},2.32,0.07]
["Insumo"," 00000122 ","SINAPI","ADESIVO PLASTICO PARA PVC, FRASCO COM *850* GR","Material",null,"UN",{"v":0.0071,"d":"0.0071000"},73.32,0.52]
["Insumo"," 00003873 ","SINAPI","LUVA DE CORRER PARA TUBO SOLDAVEL, PVC, 25 MM, PARA AGUA FRIA PREDIAL","Material",null,"UN",{"v":1,"d":"1.0000000"},13.31,13.31]
[{"$nulls":4},"MO sem LS =>",4.08,"LS =>",{"v":0,"d":"0.00"},"MO com LS =>",4.08]
[{"$nulls":4},"Valor do BDI =>",5.32,null,"Valor com BDI =>",null,25.66]
[{"$nulls":6},"Quant. =>","2,00","Preço Total =>",51.32]
[]
[" 28 ","Código","Banco","Descrição","Tipo",null,"Und","Quant.","Valor Unit","Total"]
["Composição"," 89366 ","SINAPI","JOELHO 90 GRAUS COM BUCHA DE LATÃO, PVC, SOLDÁVEL, DN 25MM, X 3/4 INSTALADO EM RAMAL OU SUB-RAMAL DE ÁGUA - FORNECIMENTO E INSTALAÇÃO. AF_06/2022","INHI - INSTALAÇÕES HIDROS SANITÁRIAS",null,"UN",{"v":1,"d":"1.0000000"},17.86,17.86]
["Composição Auxiliar"," 88267 ","SINAPI","ENCANADOR OU BOMBEIRO HIDRÁULICO COM ENCARGOS COMPLEMENTARES","SEDI - SERVIÇOS DIVERSOS",null,"H",{"v":0.1416,"d":"0.1416000"},31.96,4.52]
["Composição Auxiliar"," 88248 ","SINAPI","AUXILIAR DE ENCANADOR OU BOMBEIRO HIDRÁULICO COM ENCARGOS COMPLEMENTARES","SEDI - SERVIÇOS DIVERSOS",null,"H",{"v":0.1416,"d":"0.1416000"},25.26,3.57]
["Insumo"," 00000122 ","SINAPI","ADESIVO PLASTICO PARA PVC, FRASCO COM *850* GR","Material",null,"UN",{"v":0.0059,"d":"0.0059000"},73.32,0.43]
["Insumo"," 00003524 ","SINAPI","JOELHO PVC, SOLDAVEL, COM BUCHA DE LATAO, 90 GRAUS, 25 MM X 3/4\", PARA AGUA FRIA PREDIAL","Material",null,"UN",{"v":1,"d":"1.0000000"},8.69,8.69]
["Insumo"," 00038383 ","SINAPI","LIXA D'AGUA EM FOLHA, COR PRETA, GRAO 100","Material",null,"UN",{"v":0.0338,"d":"0.0338000"},2.32,0.07]
["Insumo"," 00020083 ","SINAPI","SOLUCAO PREPARADORA / LIMPADORA PARA PVC, FRASCO COM 1000 CM3","Material",null,"UN",{"v":0.007,"d":"0.0070000"},83.07,0.58]
[{"$nulls":4},"MO sem LS =>",5.71,"LS =>",{"v":0,"d":"0.00"},"MO com LS =>",5.71]
[{"$nulls":4},"Valor do BDI =>",4.67,null,"Valor com BDI =>",null,22.53]
[{"$nulls":6},"Quant. =>","1,00","Preço Total =>",22.53]
[]
[" 29 ","Código","Banco","Descrição","Tipo",null,"Und","Quant.","Valor Unit","Total"]
["Composição"," 86879 ","SINAPI","VÁLVULA EM PLÁSTICO 1\" PARA PIA, TANQUE OU LAVATÓRIO, COM OU SEM LADRÃO - FORNECIMENTO E INSTALAÇÃO. AF_01/2020","INHI - INSTALAÇÕES HIDROS SANITÁRIAS",null,"UN",{"v":1,"d":"1.0000000"},{"v":10,"d":"10.00"},{"v":10,"d":"10.00"}]
["Composição Auxiliar"," 88316 ","SINAPI","SERVENTE COM ENCARGOS COMPLEMENTARES","SEDI - SERVIÇOS DIVERSOS",null,"H",{"v":0.0388,"d":"0.0388000"},24.94,0.96]
["Composição Auxiliar"," 88267 ","SINAPI","ENCANADOR OU BOMBEIRO HIDRÁULICO COM ENCARGOS COMPLEMENTARES","SEDI - SERVIÇOS DIVERSOS",null,"H",{"v":0.1232,"d":"0.1232000"},31.96,3.93]
["Insumo"," 00003146 ","SINAPI","FITA VEDA ROSCA, EM PTFE, ROLO DE 18 MM X 10 M (L X C)","Material",null,"UN",{"v":0.0332,"d":"0.0332000"},{"v":4.5,"d":"4.50"},0.14]
["Insumo"," 00006153 ","SINAPI","VALVULA EM PLASTICO BRANCO PARA TANQUE OU LAVATORIO 1\", SEM UNHO E SEM LADRAO","Material",null,"UN",{"v":1,"d":"1.0000000"},4.97,4.97]
[{"$nulls":4},"MO sem LS =>",3.52,"LS =>",{"v":0,"d":"0.00"},"MO com LS =>",3.52]
[{"$nulls":4},"Valor do BDI =>",2.61,null,"Valor com BDI =>",null,12.61]
[{"$nulls":6},"Quant. =>","1,00","Preço Total =>",12.61]
[]
[" 30 ","Código","Banco","Descrição","Tipo",null,"Und","Quant.","Valor Unit","Total"]
["Composição"," 86885 ","SINAPI","ENGATE FLEXÍVEL EM PLÁSTICO BRANCO, 1/2\" X 40CM - FORNECIMENTO E INSTALAÇÃO. AF_01/2020","INHI - INSTALAÇÕES HIDROS SANITÁRIAS",null,"UN",{"v":1,"d":"1.0000000"},12.59,12.59]
["Composição Auxiliar"," 88316 ","SINAPI","SERVENTE COM ENCARGOS COMPLEMENTARES","SEDI - SERVIÇOS DIVERSOS",null,"H",{"v":0.0481,"d":"0.0481000"},24.94,1.19]
["Composição Auxiliar"," 88267 ","SINAPI","ENCANADOR OU BOMBEIRO HIDRÁULICO COM ENCARGOS COMPLEMENTARES","SEDI - SERVIÇOS DIVERSOS",null,"H",{"v":0.1525,"d":"0.1525000"},31.96,4.87]
["Insumo"," 00011681 ","SINAPI","ENGATE/RABICHO FLEXIVEL PLASTICO (PVC OU ABS) BRANCO 1/2\" X 40 CM","Material",null,"UN",{"v":1,"d":"1.0000000"},6.44,6.44]
["Insumo"," 00003146 ","SINAPI","FITA VEDA ROSCA, EM PTFE, ROLO DE 18 MM X 10 M (L X C)","Material",null,"UN",{"v":0.021,"d":"0.0210000"},{"v":4.5,"d":"4.50"},0.09]
[{"$nulls":4},"MO sem LS =>",4.35,"LS =>",{"v":0,"d":"0.00"},"MO com LS =>",4.35]
[{"$nulls":4},"Valor do BDI =>",3.29,null,"Valor com BDI =>",null,15.88]
[{"$nulls":6},"Quant. =>","1,00","Preço Total =>",15.88]
[]
[" 31 ","Código","Banco","Descrição","Tipo",null,"Und","Quant.","Valor Unit","Total"]
["Composição"," 97599 ","SINAPI","LUMINÁRIA DE EMERGÊNCIA, COM 30 LÂMPADAS LED DE 2 W, SEM REATOR - FORNECIMENTO E INSTALAÇÃO. AF_09/2024","INEL - INSTALAÇÃO ELÉTRICA/ELETRIFICAÇÃO E ILUMINAÇÃO EXTERNA",null,"UN",{"v":1,"d":"1.0000000"},19.59,19.59]
["Composição Auxiliar"," 88247 ","SINAPI","AUXILIAR DE ELETRICISTA COM ENCARGOS COMPLEMENTARES","SEDI - SERVIÇOS DIVERSOS",null,"H",0.0551562,26.26,1.44]
["Composição Auxiliar"," 88264 ","SINAPI","ELETRICISTA COM ENCARGOS COMPLEMENTARES","SEDI - SERVIÇOS DIVERSOS",null,"H",{"v":0.1765,"d":"0.1765000"},33.09,5.84]
["Insumo"," 00038774 ","SINAPI","LUMINARIA DE EMERGENCIA 30 LEDS, POTENCIA 2 W, BATERIA DE LITIO, AUTONOMIA DE 6 HORAS","Material",null,"UN",{"v":1,"d":"1.0000000"},12.31,12.31]
[{"$nulls":4},"MO sem LS =>",5.17,"LS =>",{"v":0,"d":"0.00"},"MO com LS =>",5.17]
[{"$nulls":4},"Valor do BDI =>",5.13,null,"Valor com BDI =>",null,24.72]
[{"$nulls":6},"Quant. =>","2,00","Preço Total =>",49.44]
[]
[" 32 ","Código","Banco","Descrição","Tipo",null,"Und","Quant.","Valor Unit","Total"]
["Composição"," 89712 ","SINAPI","TUBO PVC, SERIE NORMAL, ESGOTO PREDIAL, DN 50 MM, FORNECIDO E INSTALADO EM RAMAL DE DESCARGA OU RAMAL DE ESGOTO SANITÁRIO. AF_08/2022","INHI - INSTALAÇÕES HIDROS SANITÁRIAS",null,"M",{"v":1,"d":"1.0000000"},29.64,29.64]
["Composição Auxiliar"," 88267 ","SINAPI","ENCANADOR OU BOMBEIRO HIDRÁULICO COM ENCARGOS COMPLEMENTARES","SEDI - SERVIÇOS DIVERSOS",null,"H",{"v":0.3182,"d":"0.3182000"},31.96,10.16]
["Composição Auxiliar"," 88248 ","SINAPI","AUXILIAR DE ENCANADOR OU BOMBEIRO HIDRÁULICO COM ENCARGOS COMPLEMENTARES","SEDI - SERVIÇOS DIVERSOS",null,"H",{"v":0.3182,"d":"0.3182000"},25.26,8.03]
["Insumo"," 00009838 ","SINAPI","TUBO PVC SERIE NORMAL, DN 50 MM, PARA ESGOTO PREDIAL (NBR 5688)","Material",null,"M",{"v":1.0549,"d":"1.0549000"},10.82,11.41]
["Insumo"," 00038383 ","SINAPI","LIXA D'AGUA EM FOLHA, COR PRETA, GRAO 100","Material",null,"UN",{"v":0.0177,"d":"0.0177000"},2.32,0.04]
[{"$nulls":4},"MO sem LS =>",12.85,"LS =>",{"v":0,"d":"0.00"},"MO com LS =>",12.85]
[{"$nulls":4},"Valor do BDI =>",7.76,null,"Valor com BDI =>",null,{"v":37.4,"d":"37.40"}]
[{"$nulls":6},"Quant. =>","5,00","Preço Total =>",{"v":187,"d":"187.00"}]
[]
[" 33 ","Código","Banco","Descrição","Tipo",null,"Und","Quant.","Valor Unit","Total"]
["Composição"," 86883 ","SINAPI","SIFÃO DO TIPO FLEXÍVEL EM PVC 1 X 1.1/2 - FORNECIMENTO E INSTALAÇÃO. AF_01/2020","INHI - INSTALAÇÕES HIDROS SANITÁRIAS",null,"UN",{"v":1,"d":"1.0000000"},11.95,11.95]
["Composição Auxiliar"," 88316 ","SINAPI","SERVENTE COM ENCARGOS COMPLEMENTARES","SEDI - SERVIÇOS DIVERSOS",null,"H",{"v":0.0266,"d":"0.0266000"},24.94,0.66]
["Composição Auxiliar"," 88267 ","SINAPI","ENCANADOR OU BOMBEIRO HIDRÁULICO COM ENCARGOS COMPLEMENTARES","SEDI - SERVIÇOS DIVERSOS",null,"H",{"v":0.0845,"d":"0.0845000"},31.96,{"v":2.7,"d":"2.70"}]
["Insumo"," 00003146 ","SINAPI","FITA VEDA ROSCA, EM PTFE, ROLO DE 18 MM X 10 M (L X C)","Material",null,"UN",{"v":0.0332,"d":"0.0332000"},{"v":4.5,"d":"4.50"},0.14]
["Insumo"," 00044945 ","SINAPI","SIFAO / TUBO SINFONADO EXTENSIVEL/SANFONADO, UNIVERSAL/ SIMPLES, ENTRE *50 A 70* CM, DE PLASTICO BRANCO","Material",null,"UN",{"v":1,"d":"1.0000000"},8.45,8.45]
[{"$nulls":4},"MO sem LS =>",2.41,"LS =>",{"v":0,"d":"0.00"},"MO com LS =>",2.41]
[{"$nulls":4},"Valor do BDI =>",3.12,null,"Valor com BDI =>",null,15.07]
[{"$nulls":6},"Quant. =>","2,00","Preço Total =>",30.14]
[]
[" 34 ","Código","Banco","Descrição","Tipo",null,"Und","Quant.","Valor Unit","Total"]
["Composição"," 100676 ","SINAPI","BATENTE PARA PORTA COM BANDEIRA, FIXAÇÃO COM PARAFUSO E BUCHA. AF_12/2019","ESQV - ESQUADRIAS/FERRAGENS/VIDROS",null,"UN",{"v":1,"d":"1.0000000"},257.26,257.26]
["Composição Auxiliar"," 88316 ","SINAPI","SERVENTE COM ENCARGOS COMPLEMENTARES","SEDI - SERVIÇOS DIVERSOS",null,"H",{"v":1.089,"d":"1.0890000"},24.94,27.15]
["Composição Auxiliar"," 88261 ","SINAPI","CARPINTEIRO DE ESQUADRIAS COM ENCARGOS COMPLEMENTARES","SEDI - SERVIÇOS DIVERSOS",null,"H",{"v":2.177,"d":"2.1770000"},30.93,67.33]
["Insumo"," 00007568 ","SINAPI","BUCHA DE NYLON SEM ABA S10, COM PARAFUSO DE 6,10 X 65 MM EM ACO ZINCADO COM ROSCA SOBERBA, CABECA CHATA E FENDA PHILLIPS","Material",null,"UN",{"v":8.8,"d":"8.8000000"},1.16,{"v":10.2,"d":"10.20"}]
["Insumo"," 00000184 ","SINAPI","BATENTE / PORTAL / ADUELA / MARCO EM MADEIRA MACICA COM REBAIXO, E = *3* CM, L = *14* CM, PARA PORTAS DE GIRO DE *60 CM A 120* CM X *210* CM, PINUS / EUCALIPTO / VIROLA OU EQUIVALENTE DA REGIAO (NAO INCLUI ALIZARES)","Material",null,"JG",{"v":0.824,"d":"0.8240000"},185.18,152.58]
[{"$nulls":4},"MO sem LS =>",65.51,"LS =>",{"v":0,"d":"0.00"},"MO com LS =>",65.51]
[{"$nulls":4},"Valor do BDI =>",67.37,null,"Valor com BDI =>",null,324.63]
[{"$nulls":6},"Quant. =>","1,00","Preço Total =>",324.63]
[]
[" 35 ","Código","Banco","Descrição","Tipo",null,"Und","Quant.","Valor Unit","Total"]
["Composição"," 89362 ","SINAPI","JOELHO 90 GRAUS, PVC, SOLDÁVEL, DN 25MM, INSTALADO EM RAMAL OU SUB-RAMAL DE ÁGUA - FORNECIMENTO E INSTALAÇÃO. AF_06/2022","INHI - INSTALAÇÕES HIDROS SANITÁRIAS",null,"UN",{"v":1,"d":"1.0000000"},10.71,10.71]
["Composição Auxiliar"," 88267 ","SINAPI","ENCANADOR OU BOMBEIRO HIDRÁULICO COM ENCARGOS COMPLEMENTARES","SEDI - SERVIÇOS DIVERSOS",null,"H",{"v":0.152,"d":"0.1520000"},31.96,4.85]
["Composição Auxiliar"," 88248 ","SINAPI","AUXILIAR DE ENCANADOR OU BOMBEIRO HIDRÁULICO COM ENCARGOS COMPLEMENTARES","SEDI - SERVIÇOS DIVERSOS",null,"H",{"v":0.152,"d":"0.1520000"},25.26,3.83]
["Insumo"," 00000122 ","SINAPI","ADESIVO PLASTICO PARA PVC, FRASCO COM *850* GR","Material",null,"UN",{"v":0.0071,"d":"0.0071000"},73.32,0.52]
["Insumo"," 00020083 ","SINAPI","SOLUCAO PREPARADORA / LIMPADORA PARA PVC, FRASCO COM 1000 CM3","Material",null,"UN",{"v":0.008,"d":"0.0080000"},83.07,0.66]
["Insumo"," 00038383 ","SINAPI","LIXA D'AGUA EM FOLHA, COR PRETA, GRAO 100","Material",null,"UN",{"v":0.0338,"d":"0.0338000"},2.32,0.07]
["Insumo"," 00003529 ","SINAPI","JOELHO PVC, SOLDAVEL, 90 GRAUS, 25 MM, COR MARROM, PARA AGUA FRIA PREDIAL","Material",null,"UN",{"v":1,"d":"1.0000000"},0.78,0.78]
[{"$nulls":4},"MO sem LS =>",6.14,"LS =>",{"v":0,"d":"0.00"},"MO com LS =>",6.14]
[{"$nulls":4},"Valor do BDI =>",{"v":2.8,"d":"2.80"},null,"Valor com BDI =>",null,13.51]
[{"$nulls":6},"Quant. =>","2,00","Preço Total =>",27.02]
[]
[" 36 ","Código","Banco","Descrição","Tipo",null,"Und","Quant.","Valor Unit","Total"]
["Composição"," 88495 ","SINAPI","EMASSAMENTO COM MASSA LÁTEX, APLICAÇÃO EM PAREDE, UMA DEMÃO, LIXAMENTO MANUAL. AF_04/2023","PINT - PINTURAS",null,"m²",{"v":1,"d":"1.0000000"},13.27,13.27]
["Composição Auxiliar"," 88316 ","SINAPI","SERVENTE COM ENCARGOS COMPLEMENTARES","SEDI - SERVIÇOS DIVERSOS",null,"H",{"v":0.082,"d":"0.0820000"},24.94,2.04]
["Composição Auxiliar"," 88310 ","SINAPI","PINTOR COM ENCARGOS COMPLEMENTARES","SEDI - SERVIÇOS DIVERSOS",null,"H",{"v":0.2459,"d":"0.2459000"},34.35,8.44]
["Insumo"," 00043626 ","SINAPI","MASSA CORRIDA PARA SUPERFICIES DE AMBIENTES INTERNOS","Material",null,"KG",{"v":0.7288,"d":"0.7288000"},3.76,2.74]
["Insumo"," 00003767 ","SINAPI","LIXA EM FOLHA PARA PAREDE OU MADEIRA, NUMERO 120, COR VERMELHA","Material",null,"UN",{"v":0.0401,"d":"0.0401000"},1.27,0.05]
[{"$nulls":4},"MO sem LS =>",7.08,"LS =>",{"v":0,"d":"0.00"},"MO com LS =>",7.08]
[{"$nulls":4},"Valor do BDI =>",3.47,null,"Valor com BDI =>",null,16.74]
[{"$nulls":6},"Quant. =>","20,00","Preço Total =>",{"v":334.8,"d":"334.80"}]
[]
[" 37 ","Código","Banco","Descrição","Tipo",null,"Und","Quant.","Valor Unit","Total"]
["Composição"," 88485 ","SINAPI","FUNDO SELADOR ACRÍLICO, APLICAÇÃO MANUAL EM PAREDE, UMA DEMÃO. AF_04/2023","PINT - PINTURAS",null,"m²",{"v":1,"d":"1.0000000"},5.06,5.06]
["Composição Auxiliar"," 88310 ","SINAPI","PINTOR COM ENCARGOS COMPLEMENTARES","SEDI - SERVIÇOS DIVERSOS",null,"H",{"v":0.0666,"d":"0.0666000"},34.35,2.28]
["Composição Auxiliar"," 88316 ","SINAPI","SERVENTE COM ENCARGOS COMPLEMENTARES","SEDI - SERVIÇOS DIVERSOS",null,"H",{"v":0.0222,"d":"0.0222000"},24.94,0.55]
["Insumo"," 00006085 ","SINAPI","SELADOR ACRILICO OPACO PREMIUM INTERIOR/EXTERIOR","Material",null,"L",{"v":0.1666,"d":"0.1666000"},13.44,2.23]
[{"$nulls":4},"MO sem LS =>",1.91,"LS =>",{"v":0,"d":"0.00"},"MO com LS =>",1.91]
[{"$nulls":4},"Valor do BDI =>",1.32,null,"Valor com BDI =>",null,6.38]
[{"$nulls":6},"Quant. =>","20,00","Preço Total =>",{"v":127.6,"d":"127.60"}]
[]
[" 38 ","Código","Banco","Descrição","Tipo",null,"Und","Quant.","Valor Unit","Total"]
["Composição"," 100873 ","SINAPI","BARRA DE APOIO RETA, EM ALUMINIO, COMPRIMENTO 90 CM, FIXADA NA PAREDE - FORNECIMENTO E INSTALAÇÃO. AF_01/2020","INHI - INSTALAÇÕES HIDROS SANITÁRIAS",null,"UN",{"v":1,"d":"1.0000000"},364.43,364.43]
["Composição Auxiliar"," 88316 ","SINAPI","SERVENTE COM ENCARGOS COMPLEMENTARES","SEDI - SERVIÇOS DIVERSOS",null,"H",{"v":0.2988,"d":"0.2988000"},24.94,7.45]
["Composição Auxiliar"," 88267 ","SINAPI","ENCANADOR OU BOMBEIRO HIDRÁULICO COM ENCARGOS COMPLEMENTARES","SEDI - SERVIÇOS DIVERSOS",null,"H",{"v":0.9485,"d":"0.9485000"},31.96,30.31]
["Insumo"," 00036223 ","SINAPI","BARRA DE APOIO RETA, EM ALUMINIO, COMPRIMENTO 90 CM, DIAMETRO MINIMO 3 CM","Material",null,"UN",{"v":1,"d":"1.0000000"},225.03,225.03]
["Insumo"," 00004351 ","SINAPI","PARAFUSO NIQUELADO 3 1/2\" COM ACABAMENTO CROMADO PARA FIXAR PECA SANITARIA, INCLUI PORCA CEGA, ARRUELA E BUCHA DE NYLON TAMANHO S-8","Material",null,"UN",{"v":6,"d":"6.0000000"},16.94,101.64]
[{"$nulls":4},"MO sem LS =>",27.11,"LS =>",{"v":0,"d":"0.00"},"MO com LS =>",27.11]
[{"$nulls":4},"Valor do BDI =>",95.44,null,"Valor com BDI =>",null,459.87]
[{"$nulls":6},"Quant. =>","1,00","Preço Total =>",459.87]
[]
[" 39 ","Código","Banco","Descrição","Tipo",null,"Und","Quant.","Valor Unit","Total"]
["Composição"," 95547 ","SINAPI","SABONETEIRA PLASTICA TIPO DISPENSER PARA SABONETE LIQUIDO COM RESERVATORIO 800 A 1500 ML, INCLUSO FIXAÇÃO. AF_01/2020","INHI - INSTALAÇÕES HIDROS SANITÁRIAS",null,"UN",{"v":1,"d":"1.0000000"},46.49,46.49]
["Composição Auxiliar"," 88267 ","SINAPI","ENCANADOR OU BOMBEIRO HIDRÁULICO COM ENCARGOS COMPLEMENTARES","SEDI - SERVIÇOS DIVERSOS",null,"H",{"v":0.3162,"d":"0.3162000"},31.96,{"v":10.1,"d":"10.10"}]
["Composição Auxiliar"," 88316 ","SINAPI","SERVENTE COM ENCARGOS COMPLEMENTARES","SEDI - SERVIÇOS DIVERSOS",null,"H",{"v":0.0996,"d":"0.0996000"},24.94,2.48]
["Insumo"," 00011758 ","SINAPI","SABONETEIRA PLASTICA TIPO DISPENSER PARA SABONETE LIQUIDO COM RESERVATORIO 800 A 1500 ML","Material",null,"UN",{"v":1,"d":"1.0000000"},33.91,33.91]
[{"$nulls":4},"MO sem LS =>",9.03,"LS =>",{"v":0,"d":"0.00"},"MO com LS =>",9.03]
[{"$nulls":4},"Valor do BDI =>",12.17,null,"Valor com BDI =>",null,58.66]
[{"$nulls":6},"Quant. =>","1,00","Preço Total =>",58.66]
[]
[" 40 ","Código","Banco","Descrição","Tipo",null,"Und","Quant.","Valor Unit","Total"]
["Composição"," 95544 ","SINAPI","PAPELEIRA DE PAREDE EM METAL CROMADO SEM TAMPA, INCLUSO FIXAÇÃO. AF_01/2020","INHI - INSTALAÇÕES HIDROS SANITÁRIAS",null,"UN",{"v":1,"d":"1.0000000"},48.55,48.55]
["Composição Auxiliar"," 88316 ","SINAPI","SERVENTE COM ENCARGOS COMPLEMENTARES","SEDI - SERVIÇOS DIVERSOS",null,"H",{"v":0.0996,"d":"0.0996000"},24.94,2.48]
["Composição Auxiliar"," 88267 ","SINAPI","ENCANADOR OU BOMBEIRO HIDRÁULICO COM ENCARGOS COMPLEMENTARES","SEDI - SERVIÇOS DIVERSOS",null,"H",{"v":0.3162,"d":"0.3162000"},31.96,{"v":10.1,"d":"10.10"}]
["Insumo"," 00011703 ","SINAPI","PAPELEIRA DE PAREDE EM METAL CROMADO SEM TAMPA","Material",null,"UN",{"v":1,"d":"1.0000000"},35.97,35.97]
[{"$nulls":4},"MO sem LS =>",9.03,"LS =>",{"v":0,"d":"0.00"},"MO com LS =>",9.03]
[{"$nulls":4},"Valor do BDI =>",12.71,null,"Valor com BDI =>",null,61.26]
[{"$nulls":6},"Quant. =>","1,00","Preço Total =>",61.26]
[]
[" 41 ","Código","Banco","Descrição","Tipo",null,"Und","Quant.","Valor Unit","Total"]
["Composição"," 100862 ","SINAPI","SUPORTE MÃO FRANCESA EM ACO, ABAS IGUAIS 40 CM, CAPACIDADE MINIMA 70 KG, BRANCO - FORNECIMENTO E INSTALAÇÃO. AF_01/2020","INHI - INSTALAÇÕES HIDROS SANITÁRIAS",null,"UN",{"v":1,"d":"1.0000000"},42.62,42.62]
["Composição Auxiliar"," 88316 ","SINAPI","SERVENTE COM ENCARGOS COMPLEMENTARES","SEDI - SERVIÇOS DIVERSOS",null,"H",{"v":0.1494,"d":"0.1494000"},24.94,3.72]
["Composição Auxiliar"," 88267 ","SINAPI","ENCANADOR OU BOMBEIRO HIDRÁULICO COM ENCARGOS COMPLEMENTARES","SEDI - SERVIÇOS DIVERSOS",null,"H",{"v":0.4743,"d":"0.4743000"},31.96,15.15]
["Insumo"," 00037591 ","SINAPI","SUPORTE MAO-FRANCESA EM ACO, ABAS IGUAIS 40 CM, CAPACIDADE MINIMA 70 KG, BRANCO","Material",null,"UN",{"v":1,"d":"1.0000000"},20.27,20.27]
["Insumo"," 00007568 ","SINAPI","BUCHA DE NYLON SEM ABA S10, COM PARAFUSO DE 6,10 X 65 MM EM ACO ZINCADO COM ROSCA SOBERBA, CABECA CHATA E FENDA PHILLIPS","Material",null,"UN",{"v":3,"d":"3.0000000"},1.16,3.48]
[{"$nulls":4},"MO sem LS =>",13.55,"LS =>",{"v":0,"d":"0.00"},"MO com LS =>",13.55]
[{"$nulls":4},"Valor do BDI =>",11.16,null,"Valor com BDI =>",null,53.78]
[{"$nulls":6},"Quant. =>","3,00","Preço Total =>",161.34]
[]
[" 42 ","Código","Banco","Descrição","Tipo",null,"Und","Quant.","Valor Unit","Total"]
["Composição"," 86888 ","SINAPI","VASO SANITÁRIO SIFONADO COM CAIXA ACOPLADA LOUÇA BRANCA - FORNECIMENTO E INSTALAÇÃO. AF_01/2020","INHI - INSTALAÇÕES HIDROS SANITÁRIAS",null,"UN",{"v":1,"d":"1.0000000"},487.05,487.05]
["Composição Auxiliar"," 88267 ","SINAPI","ENCANADOR OU BOMBEIRO HIDRÁULICO COM ENCARGOS COMPLEMENTARES","SEDI - SERVIÇOS DIVERSOS",null,"H",{"v":0.7791,"d":"0.7791000"},31.96,{"v":24.9,"d":"24.90"}]
["Composição Auxiliar"," 88316 ","SINAPI","SERVENTE COM ENCARGOS COMPLEMENTARES","SEDI - SERVIÇOS DIVERSOS",null,"H",{"v":0.4384,"d":"0.4384000"},24.94,10.93]
["Insumo"," 00010422 ","SINAPI","BACIA SANITARIA (VASO) COM CAIXA ACOPLADA, SIFAO APARENTE, DE LOUCA BRANCA (SEM ASSENTO)","Material",null,"UN",{"v":1,"d":"1.0000000"},{"v":383,"d":"383.00"},{"v":383,"d":"383.00"}]
["Insumo"," 00006138 ","SINAPI","ANEL DE VEDACAO, PVC FLEXIVEL, 100 MM, PARA SAIDA DE BACIA / VASO SANITARIO","Material",null,"UN",{"v":1,"d":"1.0000000"},15.42,15.42]
["Insumo"," 00037329 ","SINAPI","REJUNTE EPOXI, QUALQUER COR","Material",null,"KG",{"v":0.0881,"d":"0.0881000"},80.38,7.08]
["Insumo"," 00004384 ","SINAPI","PARAFUSO NIQUELADO COM ACABAMENTO CROMADO PARA FIXAR PECA SANITARIA, INCLUI PORCA CEGA, ARRUELA E BUCHA DE NYLON TAMANHO S-10","Material",null,"UN",{"v":2,"d":"2.0000000"},22.86,45.72]
[{"$nulls":4},"MO sem LS =>",25.35,"LS =>",{"v":0,"d":"0.00"},"MO com LS =>",25.35]
[{"$nulls":4},"Valor do BDI =>",127.55,null,"Valor com BDI =>",null,{"v":614.6,"d":"614.60"}]
[{"$nulls":6},"Quant. =>","1,00","Preço Total =>",{"v":614.6,"d":"614.60"}]
[]
[" 43 ","Código","Banco","Descrição","Tipo",null,"Und","Quant.","Valor Unit","Total"]
["Composição"," 88494 ","SINAPI","EMASSAMENTO COM MASSA LÁTEX, APLICAÇÃO EM TETO, UMA DEMÃO, LIXAMENTO MANUAL. AF_04/2023","PINT - PINTURAS",null,"m²",{"v":1,"d":"1.0000000"},24.35,24.35]
["Composição Auxiliar"," 88316 ","SINAPI","SERVENTE COM ENCARGOS COMPLEMENTARES","SEDI - SERVIÇOS DIVERSOS",null,"H",{"v":0.1685,"d":"0.1685000"},24.94,{"v":4.2,"d":"4.20"}]
["Composição Auxiliar"," 88310 ","SINAPI","PINTOR COM ENCARGOS COMPLEMENTARES","SEDI - SERVIÇOS DIVERSOS",null,"H",{"v":0.5054,"d":"0.5054000"},34.35,17.36]
["Insumo"," 00043626 ","SINAPI","MASSA CORRIDA PARA SUPERFICIES DE AMBIENTES INTERNOS","Material",null,"KG",{"v":0.7288,"d":"0.7288000"},3.76,2.74]
["Insumo"," 00003767 ","SINAPI","LIXA EM FOLHA PARA PAREDE OU MADEIRA, NUMERO 120, COR VERMELHA","Material",null,"UN",{"v":0.0401,"d":"0.0401000"},1.27,0.05]
[{"$nulls":4},"MO sem LS =>",14.56,"LS =>",{"v":0,"d":"0.00"},"MO com LS =>",14.56]
[{"$nulls":4},"Valor do BDI =>",6.37,null,"Valor com BDI =>",null,30.72]
[{"$nulls":6},"Quant. =>","112,00","Preço Total =>",{"v":3440.64,"d":"3,440.64"}]
[]
[" 44 ","Código","Banco","Descrição","Tipo",null,"Und","Quant.","Valor Unit","Total"]
["Composição"," 98685 ","SINAPI","RODAPÉ EM GRANITO, ALTURA 10 CM. AF_09/2020","PISO - PISOS",null,"M",{"v":1,"d":"1.0000000"},70.03,70.03]
["Composição Auxiliar"," 88316 ","SINAPI","SERVENTE COM ENCARGOS COMPLEMENTARES","SEDI - SERVIÇOS DIVERSOS",null,"H",{"v":0.15,"d":"0.1500000"},24.94,3.74]
["Composição Auxiliar"," 88274 ","SINAPI","MARMORISTA/GRANITEIRO COM ENCARGOS COMPLEMENTARES","SEDI - SERVIÇOS DIVERSOS",null,"H",{"v":0.299,"d":"0.2990000"},32.54,9.72]
["Insumo"," 00037595 ","SINAPI","ARGAMASSA COLANTE TIPO AC III","Material",null,"KG",{"v":0.8614,"d":"0.8614000"},1.99,1.71]
["Insumo"," 00020231 ","SINAPI","RODAPE OU RODABANCADA EM GRANITO, POLIDO, TIPO ANDORINHA/ QUARTZ/ CASTELO/ CORUMBA OU OUTROS EQUIVALENTES DA REGIAO, H= 10 CM, E= *2,0* CM","Material",null,"M",{"v":1.04,"d":"1.0400000"},52.32,54.41]
["Insumo"," 00034357 ","SINAPI","REJUNTE CIMENTICIO, QUALQUER COR","Material",null,"KG",{"v":0.12,"d":"0.1200000"},3.81,0.45]
[{"$nulls":4},"MO sem LS =>",9.41,"LS =>",{"v":0,"d":"0.00"},"MO com LS =>",9.41]
[{"$nulls":4},"Valor do BDI =>",18.34,null,"Valor com BDI =>",null,88.37]
[{"$nulls":6},"Quant. =>","10,00","Preço Total =>",{"v":883.7,"d":"883.70"}]
[]
[" 45 ","Código","Banco","Descrição","Tipo",null,"Und","Quant.","Valor Unit","Total"]
["Composição"," 3149 ","ORSE","Película insulfilm aplicada ou Similar","Conversão InfoWOrca",null,"m²",{"v":1,"d":"1.0000000"},64.67,64.67]
["Item","Código","Banco","Descrição","Tipo",null,"Und","Quant.","Valor Unit","Total"]
["Insumo"," 2583 ","ORSE","Película insulfilm G 5","Material",null,"m²",{"v":1,"d":"1.0000000"},"64,67","64,67"]
["Detalhamento de Cálculo ORSE"]
["Item","Código","Banco","Descrição","Tipo",null,"Und","Quant.","Valor Unit","Total"]
["Insumo"," 2583 ","ORSE","Película insulfilm G 5","Material",null,"m²",{"v":1,"d":"1.0000000"},"64,67","64,67"]
[{"$nulls":4},"MO sem LS =>",{"v":0,"d":"0.00"},"LS =>",{"v":0,"d":"0.00"},"MO com LS =>",{"v":0,"d":"0.00"}]
[{"$nulls":4},"Valor do BDI =>",16.93,null,"Valor com BDI =>",null,{"v":81.6,"d":"81.60"}]
[{"$nulls":6},"Quant. =>","20,00","Preço Total =>",{"v":1632,"d":"1,632.00"}]
[]
[" 46 ","Código","Banco","Descrição","Tipo",null,"Und","Quant.","Valor Unit","Total"]
["Composição"," PRQ220 ","Próprio","Tratamento de fissuras com argamassa de cimento e areia traço 1:3 com aditivobianco ou similar (com abertura de até 3mm) Rev 01 09/2022 - Ref. ORSE - 06/2025 - 4114","SEDI - SERVIÇOS DIVERSOS",null,"m",{"v":1,"d":"1.0000000"},21.78,21.78]
["Composição Auxiliar"," 1904 ","ORSE","Argamassa cimento e areia traço t-2 (1:3), com aditivo bianco ou similar -1 saco cimento 50kg / 3 padiolas areia dim. 0,35x0,45x0,23m / 6kg aditivo bianco- Confecção mecânica e transporte","Argamassas",null,"m³",{"v":0.0005,"d":"0.0005000"},{"v":2287.64,"d":"2,287.64"},1.14]
["Composição Auxiliar"," 88309 ","SINAPI","PEDREIRO COM ENCARGOS COMPLEMENTARES","SEDI - SERVIÇOS DIVERSOS",null,"H",{"v":0.25,"d":"0.2500000"},32.69,8.17]
["Composição Auxiliar"," 88316 ","SINAPI","SERVENTE COM ENCARGOS COMPLEMENTARES","SEDI - SERVIÇOS DIVERSOS",null,"H",{"v":0.5,"d":"0.5000000"},24.94,12.47]
[{"$nulls":4},"MO sem LS =>",13.92,"LS =>",{"v":0,"d":"0.00"},"MO com LS =>",13.92]
[{"$nulls":4},"Valor do BDI =>",{"v":5.7,"d":"5.70"},null,"Valor com BDI =>",null,27.48]
[{"$nulls":6},"Quant. =>","10,00","Preço Total =>",{"v":274.8,"d":"274.80"}]
[]
[" 47 ","Código","Banco","Descrição","Tipo",null,"Und","Quant.","Valor Unit","Total"]
["Composição"," PRQ214 ","Próprio","ISOLACAO TERMOACUSTICA - LA DE ROCHA E=2`` - Ref. FDE - 04/2025 - 10.01.061","SEDI - SERVIÇOS DIVERSOS",null,"m²",{"v":1,"d":"1.0000000"},30.76,30.76]
["Composição Auxiliar"," 88316 ","SINAPI","SERVENTE COM ENCARGOS COMPLEMENTARES","SEDI - SERVIÇOS DIVERSOS",null,"H",{"v":0.2,"d":"0.2000000"},24.94,4.98]
["Insumo"," 2.45.04 ","FDE","ISOLACAO TERMOACUSTICA LÃ DE ROCHA DENSID 32 KG/M3 E=50 MM ENVELOPADA FILME AUTO-EXTÍINGUÍVEL","Material",null,"m²",{"v":1,"d":"1.0000000"},25.78,25.78]
[{"$nulls":4},"MO sem LS =>",3.19,"LS =>",{"v":0,"d":"0.00"},"MO com LS =>",3.19]
[{"$nulls":4},"Valor do BDI =>",8.05,null,"Valor com BDI =>",null,38.81]
[{"$nulls":6},"Quant. =>","20,00","Preço Total =>",{"v":776.2,"d":"776.20"}]
[]
[" 48 ","Código","Banco","Descrição","Tipo",null,"Und","Quant.","Valor Unit","Total"]
["Composição"," 93662 ","SINAPI","DISJUNTOR BIPOLAR TIPO DIN, CORRENTE NOMINAL DE 20A - FORNECIMENTO E INSTALAÇÃO. AF_07/2025","INEL - INSTALAÇÃO ELÉTRICA/ELETRIFICAÇÃO E ILUMINAÇÃO EXTERNA",null,"UN",{"v":1,"d":"1.0000000"},91.26,91.26]
["Composição Auxiliar"," 88264 ","SINAPI","ELETRICISTA COM ENCARGOS COMPLEMENTARES","SEDI - SERVIÇOS DIVERSOS",null,"H",{"v":0.093685,"d":"0.0936850"},33.09,{"v":3.1,"d":"3.10"}]
["Composição Auxiliar"," 88247 ","SINAPI","AUXILIAR DE ELETRICISTA COM ENCARGOS COMPLEMENTARES","SEDI - SERVIÇOS DIVERSOS",null,"H",{"v":0.093685,"d":"0.0936850"},26.26,2.46]
["Insumo"," 00034616 ","SINAPI","DISJUNTOR TERMOMAGNETICO PARA TRILHO DIN (IEC), BIPOLAR, 6 - 32 A","Material",null,"UN",{"v":1,"d":"1.0000000"},82.76,82.76]
["Insumo"," 00001571 ","SINAPI","TERMINAL A COMPRESSAO EM COBRE ESTANHADO PARA CABO 4 MM2, 1 FURO E 1 COMPRESSAO, PARA PARAFUSO DE FIXACAO M5","Material",null,"UN",{"v":2,"d":"2.0000000"},1.47,2.94]
[{"$nulls":4},"MO sem LS =>",3.84,"LS =>",{"v":0,"d":"0.00"},"MO com LS =>",3.84]
[{"$nulls":4},"Valor do BDI =>",{"v":23.9,"d":"23.90"},null,"Valor com BDI =>",null,115.16]
[{"$nulls":6},"Quant. =>","1,00","Preço Total =>",115.16]
[]
[" 49 ","Código","Banco","Descrição","Tipo",null,"Und","Quant.","Valor Unit","Total"]
["Composição"," 100864 ","SINAPI","BARRA DE APOIO EM \"L\", EM ACO INOX POLIDO 80 X 80 CM, FIXADA NA PAREDE - FORNECIMENTO E INSTALACAO. AF_01/2020","INHI - INSTALAÇÕES HIDROS SANITÁRIAS",null,"UN",{"v":1,"d":"1.0000000"},641.44,641.44]
["Composição Auxiliar"," 88267 ","SINAPI","ENCANADOR OU BOMBEIRO HIDRÁULICO COM ENCARGOS COMPLEMENTARES","SEDI - SERVIÇOS DIVERSOS",null,"H",{"v":1.4228,"d":"1.4228000"},31.96,45.47]
["Composição Auxiliar"," 88316 ","SINAPI","SERVENTE COM ENCARGOS COMPLEMENTARES","SEDI - SERVIÇOS DIVERSOS",null,"H",{"v":0.4483,"d":"0.4483000"},24.94,11.18]
["Insumo"," 00036209 ","SINAPI","BARRA DE APOIO EM \"L\", EM ACO INOX POLIDO 80 X 80 CM, DIAMETRO MINIMO 3 CM","Material",null,"UN",{"v":1,"d":"1.0000000"},432.33,432.33]
["Insumo"," 00004351 ","SINAPI","PARAFUSO NIQUELADO 3 1/2\" COM ACABAMENTO CROMADO PARA FIXAR PECA SANITARIA, INCLUI PORCA CEGA, ARRUELA E BUCHA DE NYLON TAMANHO S-8","Material",null,"UN",{"v":9,"d":"9.0000000"},16.94,152.46]
[{"$nulls":4},"MO sem LS =>",40.68,"LS =>",{"v":0,"d":"0.00"},"MO com LS =>",40.68]
[{"$nulls":4},"Valor do BDI =>",167.99,null,"Valor com BDI =>",null,809.43]
[{"$nulls":6},"Quant. =>","1,00","Preço Total =>",809.43]
[]
[" 50 ","Código","Banco","Descrição","Tipo",null,"Und","Quant.","Valor Unit","Total"]
["Composição"," 101909 ","SINAPI","EXTINTOR DE INCÊNDIO PORTÁTIL COM CARGA DE PQS DE 6 KG, CLASSE BC - FORNECIMENTO E INSTALAÇÃO. AF_10/2020_PE","INES - INSTALAÇÕES ESPECIAIS",null,"UN",{"v":1,"d":"1.0000000"},267.46,267.46]
["Composição Auxiliar"," 88248 ","SINAPI","AUXILIAR DE ENCANADOR OU BOMBEIRO HIDRÁULICO COM ENCARGOS COMPLEMENTARES","SEDI - SERVIÇOS DIVERSOS",null,"H",{"v":0.4574,"d":"0.4574000"},25.26,11.55]
["Composição Auxiliar"," 88267 ","SINAPI","ENCANADOR OU BOMBEIRO HIDRÁULICO COM ENCARGOS COMPLEMENTARES","SEDI - SERVIÇOS DIVERSOS",null,"H",{"v":0.4574,"d":"0.4574000"},31.96,14.61]
["Insumo"," 00010892 ","SINAPI","EXTINTOR DE INCENDIO PORTATIL COM CARGA DE PO QUIMICO SECO (PQS) DE 6 KG, CLASSE BC","Material",null,"UN",{"v":1,"d":"1.0000000"},{"v":240,"d":"240.00"},{"v":240,"d":"240.00"}]
["Insumo"," 00004350 ","SINAPI","BUCHA DE NYLON, DIAMETRO DO FURO 8 MM, COMPRIMENTO 40 MM, COM PARAFUSO DE ROSCA SOBERBA, CABECA CHATA, FENDA SIMPLES, 4,8 X 50 MM","Material",null,"UN",{"v":2,"d":"2.0000000"},0.65,{"v":1.3,"d":"1.30"}]
[{"$nulls":4},"MO sem LS =>",18.48,"LS =>",{"v":0,"d":"0.00"},"MO com LS =>",18.48]
[{"$nulls":4},"Valor do BDI =>",70.04,null,"Valor com BDI =>",null,{"v":337.5,"d":"337.50"}]
[{"$nulls":6},"Quant. =>","2,00","Preço Total =>",{"v":675,"d":"675.00"}]
[]
[" 51 ","Código","Banco","Descrição","Tipo",null,"Und","Quant.","Valor Unit","Total"]
["Composição"," PRQ215 ","Próprio","RECARGA DE EXTINTOR DE PO QUIMICO DE 4 KG - Ref. FDE - 04/2025 - 08.80.093","SEDI - SERVIÇOS DIVERSOS",null,"UN",{"v":1,"d":"1.0000000"},38.87,38.87]
["Composição Auxiliar"," 88316 ","SINAPI","SERVENTE COM ENCARGOS COMPLEMENTARES","SEDI - SERVIÇOS DIVERSOS",null,"H",{"v":0.17,"d":"0.1700000"},24.94,4.23]
["Insumo"," 2.04.37 ","FDE","RECARGA EXTINTOR PO QUIMICO 4KG","Material",null,"UN",{"v":1,"d":"1.0000000"},34.64,34.64]
[{"$nulls":4},"MO sem LS =>",2.71,"LS =>",{"v":0,"d":"0.00"},"MO com LS =>",2.71]
[{"$nulls":4},"Valor do BDI =>",10.18,null,"Valor com BDI =>",null,49.05]
[{"$nulls":6},"Quant. =>","2,00","Preço Total =>",{"v":98.1,"d":"98.10"}]
[]
[" 52 ","Código","Banco","Descrição","Tipo",null,"Und","Quant.","Valor Unit","Total"]
["Composição"," PRQ217 ","Próprio","RECARGA DE EXTINTOR DE GAS CARBONICO DE 6 LITROS - Ref. FDE - 04/2025 - 08.80.091","SEDI - SERVIÇOS DIVERSOS",null,"UN",{"v":1,"d":"1.0000000"},{"v":88.6,"d":"88.60"},{"v":88.6,"d":"88.60"}]
["Composição Auxiliar"," 88316 ","SINAPI","SERVENTE COM ENCARGOS COMPLEMENTARES","SEDI - SERVIÇOS DIVERSOS",null,"H",{"v":0.17,"d":"0.1700000"},24.94,4.23]
["Insumo"," 2.04.35 ","FDE","RECARGA EXTINTOR GAS CARBONICO 6KG","Material",null,"UN",{"v":1,"d":"1.0000000"},84.37,84.37]
[{"$nulls":4},"MO sem LS =>",2.71,"LS =>",{"v":0,"d":"0.00"},"MO com LS =>",2.71]
[{"$nulls":4},"Valor do BDI =>",{"v":23.2,"d":"23.20"},null,"Valor com BDI =>",null,{"v":111.8,"d":"111.80"}]
[{"$nulls":6},"Quant. =>","2,00","Preço Total =>",{"v":223.6,"d":"223.60"}]
[]
[" 53 ","Código","Banco","Descrição","Tipo",null,"Und","Quant.","Valor Unit","Total"]
["Composição"," PRQ218 ","Próprio","RECARGA DE EXTINTOR DE ESPUMA DE 10 LITROS - Ref. FDE - 04/2025 - 08.80.092","SEDI - SERVIÇOS DIVERSOS",null,"UN",{"v":1,"d":"1.0000000"},102.95,102.95]
["Composição Auxiliar"," 88316 ","SINAPI","SERVENTE COM ENCARGOS COMPLEMENTARES","SEDI - SERVIÇOS DIVERSOS",null,"H",{"v":0.17,"d":"0.1700000"},24.94,4.23]
["Insumo"," 2.04.36 ","FDE","RECARGA EXTINTOR ESPUMA 10 L","Material",null,"UN",{"v":1,"d":"1.0000000"},98.72,98.72]
[{"$nulls":4},"MO sem LS =>",2.71,"LS =>",{"v":0,"d":"0.00"},"MO com LS =>",2.71]
[{"$nulls":4},"Valor do BDI =>",26.96,null,"Valor com BDI =>",null,129.91]
[{"$nulls":6},"Quant. =>","2,00","Preço Total =>",259.82]
[]
[" 54 ","Código","Banco","Descrição","Tipo",null,"Und","Quant.","Valor Unit","Total"]
["Composição"," PRQ219 ","Próprio","EXTINTOR DE INCENDIO DE AGUA PRESSURIZADA 10L : RECARGA - Ref. FDE - 04/2025 - 08.80.095","SEDI - SERVIÇOS DIVERSOS",null,"UN",{"v":1,"d":"1.0000000"},30.89,30.89]
["Composição Auxiliar"," 88316 ","SINAPI","SERVENTE COM ENCARGOS COMPLEMENTARES","SEDI - SERVIÇOS DIVERSOS",null,"H",{"v":0.17,"d":"0.1700000"},24.94,4.23]
["Insumo"," 2.04.39 ","FDE","RECARGA EXTINTOR AGUA PRESSURIZADA 10L","Material",null,"UN",{"v":1,"d":"1.0000000"},26.66,26.66]
[{"$nulls":4},"MO sem LS =>",2.71,"LS =>",{"v":0,"d":"0.00"},"MO com LS =>",2.71]
[{"$nulls":4},"Valor do BDI =>",8.09,null,"Valor com BDI =>",null,38.98]
[{"$nulls":6},"Quant. =>","2,00","Preço Total =>",77.96]
[]
[" 55 ","Código","Banco","Descrição","Tipo",null,"Und","Quant.","Valor Unit","Total"]
["Composição"," 95696 ","SINAPI","SPRINKLER TIPO PENDENTE, 68 °C, UNIÃO POR ROSCA DN 15 (1/2\") - FORNECIMENTO E INSTALAÇÃO. AF_10/2020","INHI - INSTALAÇÕES HIDROS SANITÁRIAS",null,"UN",{"v":1,"d":"1.0000000"},44.77,44.77]
["Composição Auxiliar"," 88248 ","SINAPI","AUXILIAR DE ENCANADOR OU BOMBEIRO HIDRÁULICO COM ENCARGOS COMPLEMENTARES","SEDI - SERVIÇOS DIVERSOS",null,"H",{"v":0.07,"d":"0.0700000"},25.26,1.76]
["Composição Auxiliar"," 88267 ","SINAPI","ENCANADOR OU BOMBEIRO HIDRÁULICO COM ENCARGOS COMPLEMENTARES","SEDI - SERVIÇOS DIVERSOS",null,"H",{"v":0.07,"d":"0.0700000"},31.96,2.23]
["Insumo"," 00003148 ","SINAPI","FITA VEDA ROSCA, EM PTFE, ROLO DE 18 MM X 50 M (L X C)","Material",null,"UN",{"v":0.004,"d":"0.0040000"},16.59,0.06]
["Insumo"," 00021040 ","SINAPI","SPRINKLER TIPO PENDENTE, BULBO VERMELHO RESPOSTA RAPIDA, 68 GRAUS CELSIUS, ACABAMENTO NATURAL, D = 15 MM (1/2\")","Material",null,"UN",{"v":1,"d":"1.0000000"},{"v":35,"d":"35.00"},{"v":35,"d":"35.00"}]
["Insumo"," 00040607 ","SINAPI","CANOPLA ACABAMENTO CROMADO PARA INSTALACAO DE SPRINKLER, SOB FORRO, 15 MM","Material",null,"UN",{"v":1,"d":"1.0000000"},5.72,5.72]
[{"$nulls":4},"MO sem LS =>",2.82,"LS =>",{"v":0,"d":"0.00"},"MO com LS =>",2.82]
[{"$nulls":4},"Valor do BDI =>",11.72,null,"Valor com BDI =>",null,56.49]
[{"$nulls":6},"Quant. =>","3,00","Preço Total =>",169.47]
[]
[" 56 ","Código","Banco","Descrição","Tipo",null,"Und","Quant.","Valor Unit","Total"]
["Composição"," 89710 ","SINAPI","RALO SECO, PVC, DN 100 X 40 MM, JUNTA SOLDÁVEL, FORNECIDO E INSTALADO EM RAMAL DE DESCARGA OU EM RAMAL DE ESGOTO SANITÁRIO. AF_08/2022","INHI - INSTALAÇÕES HIDROS SANITÁRIAS",null,"UN",{"v":1,"d":"1.0000000"},23.11,23.11]
["Composição Auxiliar"," 88248 ","SINAPI","AUXILIAR DE ENCANADOR OU BOMBEIRO HIDRÁULICO COM ENCARGOS COMPLEMENTARES","SEDI - SERVIÇOS DIVERSOS",null,"H",{"v":0.1652,"d":"0.1652000"},25.26,4.17]
["Composição Auxiliar"," 88267 ","SINAPI","ENCANADOR OU BOMBEIRO HIDRÁULICO COM ENCARGOS COMPLEMENTARES","SEDI - SERVIÇOS DIVERSOS",null,"H",{"v":0.1652,"d":"0.1652000"},31.96,5.27]
["Insumo"," 00000122 ","SINAPI","ADESIVO PLASTICO PARA PVC, FRASCO COM *850* GR","Material",null,"UN",{"v":0.0049,"d":"0.0049000"},73.32,0.35]
["Insumo"," 00038383 ","SINAPI","LIXA D'AGUA EM FOLHA, COR PRETA, GRAO 100","Material",null,"UN",{"v":0.036,"d":"0.0360000"},2.32,0.08]
["Insumo"," 00020083 ","SINAPI","SOLUCAO PREPARADORA / LIMPADORA PARA PVC, FRASCO COM 1000 CM3","Material",null,"UN",{"v":0.0075,"d":"0.0075000"},83.07,0.62]
["Insumo"," 00011739 ","SINAPI","RALO SECO CONICO, PVC, 100 X 40 MM, COM GRELHA REDONDA BRANCA","Material",null,"UN",{"v":1,"d":"1.0000000"},12.62,12.62]
[{"$nulls":4},"MO sem LS =>",6.67,"LS =>",{"v":0,"d":"0.00"},"MO com LS =>",6.67]
[{"$nulls":4},"Valor do BDI =>",6.05,null,"Valor com BDI =>",null,29.16]
[{"$nulls":6},"Quant. =>","2,00","Preço Total =>",58.32]
[]
[" 57 ","Código","Banco","Descrição","Tipo",null,"Und","Quant.","Valor Unit","Total"]
["Composição"," 89707 ","SINAPI","CAIXA SIFONADA, PVC, DN 100 X 100 X 50 MM, JUNTA ELÁSTICA, FORNECIDA E INSTALADA EM RAMAL DE DESCARGA OU EM RAMAL DE ESGOTO SANITÁRIO. AF_08/2022","INHI - INSTALAÇÕES HIDROS SANITÁRIAS",null,"UN",{"v":1,"d":"1.0000000"},60.67,60.67]
["Composição Auxiliar"," 88248 ","SINAPI","AUXILIAR DE ENCANADOR OU BOMBEIRO HIDRÁULICO COM ENCARGOS COMPLEMENTARES","SEDI - SERVIÇOS DIVERSOS",null,"H",{"v":0.3987,"d":"0.3987000"},25.26,10.07]
["Composição Auxiliar"," 88267 ","SINAPI","ENCANADOR OU BOMBEIRO HIDRÁULICO COM ENCARGOS COMPLEMENTARES","SEDI - SERVIÇOS DIVERSOS",null,"H",{"v":0.3987,"d":"0.3987000"},31.96,12.74]
["Insumo"," 00038383 ","SINAPI","LIXA D'AGUA EM FOLHA, COR PRETA, GRAO 100","Material",null,"UN",{"v":0.0154,"d":"0.0154000"},2.32,0.03]
["Insumo"," 00020083 ","SINAPI","SOLUCAO PREPARADORA / LIMPADORA PARA PVC, FRASCO COM 1000 CM3","Material",null,"UN",{"v":0.044,"d":"0.0440000"},83.07,3.65]
["Insumo"," 00000122 ","SINAPI","ADESIVO PLASTICO PARA PVC, FRASCO COM *850* GR","Material",null,"UN",{"v":0.0292,"d":"0.0292000"},73.32,2.14]
["Insumo"," 00005103 ","SINAPI","CAIXA SIFONADA PVC, 100 X 100 X 50 MM, COM GRELHA REDONDA, BRANCA","Material",null,"UN",{"v":1,"d":"1.0000000"},32.04,32.04]
[{"$nulls":4},"MO sem LS =>",16.11,"LS =>",{"v":0,"d":"0.00"},"MO com LS =>",16.11]
[{"$nulls":4},"Valor do BDI =>",15.88,null,"Valor com BDI =>",null,76.55]
[{"$nulls":6},"Quant. =>","2,00","Preço Total =>",{"v":153.1,"d":"153.10"}]
[]
[" 58 ","Código","Banco","Descrição","Tipo",null,"Und","Quant.","Valor Unit","Total"]
["Composição"," PRQ211 ","Próprio","REPARO EM REGISTROS - INCLUSO FORNECIMENTO E INSTALAÇÃO",1423,null,"und",{"v":1,"d":"1.0000000"},150.64,150.64]
["Composição Auxiliar"," 88248 ","SINAPI","AUXILIAR DE ENCANADOR OU BOMBEIRO HIDRÁULICO COM ENCARGOS COMPLEMENTARES","SEDI - SERVIÇOS DIVERSOS",null,"H",{"v":0.5,"d":"0.5000000"},25.26,12.63]
["Composição Auxiliar"," 88267 ","SINAPI","ENCANADOR OU BOMBEIRO HIDRÁULICO COM ENCARGOS COMPLEMENTARES","SEDI - SERVIÇOS DIVERSOS",null,"H",{"v":0.5,"d":"0.5000000"},31.96,15.98]
["Insumo"," M029600110 ","EMBASA","KIT PARA REPARO DE REGISTRO, TIPO 10 EM 1 BLUKIT OU SIMILAR","Material",null,"UN",{"v":1,"d":"1.0000000"},122.03,122.03]
[{"$nulls":4},"MO sem LS =>",20.21,"LS =>",{"v":0,"d":"0.00"},"MO com LS =>",20.21]
[{"$nulls":4},"Valor do BDI =>",39.45,null,"Valor com BDI =>",null,190.09]
[{"$nulls":6},"Quant. =>","2,00","Preço Total =>",380.18]
[]
[" 59 ","Código","Banco","Descrição","Tipo",null,"Und","Quant.","Valor Unit","Total"]
["Composição"," PRQ212 ","Próprio","TOMADA SIMPLES DE EMBUTIR PARA PISO - Ref. SIURB (9082012)","Edificação",null,"UN",{"v":1,"d":"1.0000000"},58.51,58.51]
["Composição Auxiliar"," 88264 ","SINAPI","ELETRICISTA COM ENCARGOS COMPLEMENTARES","SEDI - SERVIÇOS DIVERSOS",null,"H",{"v":0.25,"d":"0.2500000"},33.09,8.27]
["Composição Auxiliar"," 88247 ","SINAPI","AUXILIAR DE ELETRICISTA COM ENCARGOS COMPLEMENTARES","SEDI - SERVIÇOS DIVERSOS",null,"H",{"v":0.25,"d":"0.2500000"},26.26,6.56]
["Insumo"," 55250 ","SIURB","TOMADA PARA PISO COMPLETA, DE 10A OU 20A,CONFORME NBR 14136","Material",null,"Un",{"v":1,"d":"1.0000000"},43.68,43.68]
[{"$nulls":4},"MO sem LS =>",10.29,"LS =>",{"v":0,"d":"0.00"},"MO com LS =>",10.29]
[{"$nulls":4},"Valor do BDI =>",15.32,null,"Valor com BDI =>",null,73.83]
[{"$nulls":6},"Quant. =>","3,00","Preço Total =>",221.49]
[]
[" 60 ","Código","Banco","Descrição","Tipo",null,"Und","Quant.","Valor Unit","Total"]
["Composição"," PRQ213 ","Próprio","DETECTOR ÓPTICO DE FUMAÇA COM BASE ENDEREÇÁVEL - REF. CPOS/CDHU (50.05.430)",50.05,null,"UN",{"v":1,"d":"1.0000000"},160.33,160.33]
["Composição Auxiliar"," 88247 ","SINAPI","AUXILIAR DE ELETRICISTA COM ENCARGOS COMPLEMENTARES","SEDI - SERVIÇOS DIVERSOS",null,"H",{"v":1,"d":"1.0000000"},26.26,26.26]
["Composição Auxiliar"," 88264 ","SINAPI","ELETRICISTA COM ENCARGOS COMPLEMENTARES","SEDI - SERVIÇOS DIVERSOS",null,"H",{"v":1,"d":"1.0000000"},33.09,33.09]
["Insumo"," 12848 ","ORSE","Detector de fumaça óptico convencional, modelo VR-F, marca VERIN ou similar","Material",null,"un",{"v":1,"d":"1.0000000"},100.98,100.98]
[{"$nulls":4},"MO sem LS =>",41.19,"LS =>",{"v":0,"d":"0.00"},"MO com LS =>",41.19]
[{"$nulls":4},"Valor do BDI =>",41.99,null,"Valor com BDI =>",null,202.32]
[{"$nulls":6},"Quant. =>","3,00","Preço Total =>",606.96]
[]
[" 61 ","Código","Banco","Descrição","Tipo",null,"Und","Quant.","Valor Unit","Total"]
["Composição"," PRQ221 ","Próprio","Luminária tipo spot, de embutir, com lâmpada led 15w - Fornecimento e instalação - Ref. SINAPI - 08/2025 - 105546","INEL - INSTALAÇÃO ELÉTRICA/ELETRIFICAÇÃO E ILUMINAÇÃO EXTERNA",null,"UN",{"v":1,"d":"1.0000000"},48.35,48.35]
["Composição Auxiliar"," 88264 ","SINAPI","ELETRICISTA COM ENCARGOS COMPLEMENTARES","SEDI - SERVIÇOS DIVERSOS",null,"H",0.5439504,33.09,17.99]
["Composição Auxiliar"," 88247 ","SINAPI","AUXILIAR DE ELETRICISTA COM ENCARGOS COMPLEMENTARES","SEDI - SERVIÇOS DIVERSOS",null,"H",0.1699845,26.26,4.46]
["Insumo"," 11130 ","ORSE","Luminária tipo spot de embutir com lâmpada led 15w","Material",null,"un",{"v":1,"d":"1.0000000"},{"v":25.9,"d":"25.90"},{"v":25.9,"d":"25.90"}]
[{"$nulls":4},"MO sem LS =>",15.98,"LS =>",{"v":0,"d":"0.00"},"MO com LS =>",15.98]
[{"$nulls":4},"Valor do BDI =>",12.66,null,"Valor com BDI =>",null,61.01]
[{"$nulls":6},"Quant. =>","10,00","Preço Total =>",{"v":610.1,"d":"610.10"}]
[]
[" 62 ","Código","Banco","Descrição","Tipo",null,"Und","Quant.","Valor Unit","Total"]
["Composição"," PRQ222 ","Próprio","ESPELHO CRISTAL, ESPESSURA 4 MM, ADERIDO COM ADESIVO FIXA-ESPELHO, COM MOLDURA DE MADEIRA APARAFUSADA NA PAREDE, COM ÁREA MENOR OU IGUAL A 1,0 M2. AF_01/2021","SERT - SERVIÇOS TÉCNICOS",null,"m²",{"v":1,"d":"1.0000000"},650.91,650.91]
["Composição Auxiliar"," 88316 ","SINAPI","SERVENTE COM ENCARGOS COMPLEMENTARES","SEDI - SERVIÇOS DIVERSOS",null,"H",{"v":1.723,"d":"1.7230000"},24.94,42.97]
["Composição Auxiliar"," 88325 ","SINAPI","VIDRACEIRO COM ENCARGOS COMPLEMENTARES","SEDI - SERVIÇOS DIVERSOS",null,"H",{"v":1.772,"d":"1.7720000"},30.17,53.46]
["Insumo"," 00020017 ","SINAPI","GUARNICAO / ALIZAR / VISTA LISA EM MADEIRA MACICA, PARA PORTA, E = *1* CM, L = *5* CM, CEDRINHO / ANGELIM COMERCIAL / TAURI/ CURUPIXA / PEROBA / CUMARU OU EQUIVALENTE DA REGIAO","Material",null,"M",{"v":6.22753,"d":"6.2275300"},10.87,67.69]
["Insumo"," 00004375 ","SINAPI","BUCHA DE NYLON SEM ABA S6","Material",null,"UN",{"v":19.391,"d":"19.3910000"},0.19,3.68]
["Insumo"," 14762 ","ORSE","Fita adesiva dupla face - rolo com 20m, modelo 3M ou similar","Material",null,"un",{"v":0.25,"d":"0.2500000"},69.89,17.47]
["Insumo"," 00011186 ","SINAPI","ESPELHO CRISTAL E = 4 MM","Material",null,"M²",{"v":1,"d":"1.0000000"},458.66,458.66]
["Insumo"," 00011059 ","SINAPI","PARAFUSO ROSCA SOBERBA ZINCADO CABECA CHATA FENDA SIMPLES 5,5 X 50 MM (2\")","Material",null,"UN",{"v":19.391,"d":"19.3910000"},0.36,6.98]
[{"$nulls":4},"MO sem LS =>",64.95,"LS =>",{"v":0,"d":"0.00"},"MO com LS =>",64.95]
[{"$nulls":4},"Valor do BDI =>",170.47,null,"Valor com BDI =>",null,821.38]
[{"$nulls":6},"Quant. =>","1,00","Preço Total =>",821.38]
[]
[" 63 ","Código","Banco","Descrição","Tipo",null,"Und","Quant.","Valor Unit","Total"]
["Composição"," PRQ223 ","Próprio","Cópia de chave de porta","SEDI - SERVIÇOS DIVERSOS",null,"UN",{"v":1,"d":"1.0000000"},8.54,8.54]
["Insumo"," 00000223 ","Próprio","Cópia de chave de porta","Serviços",null,"UN",{"v":1,"d":"1.0000000"},8.54,8.54]
[{"$nulls":4},"MO sem LS =>",{"v":0,"d":"0.00"},"LS =>",{"v":0,"d":"0.00"},"MO com LS =>",{"v":0,"d":"0.00"}]
[{"$nulls":4},"Valor do BDI =>",2.23,null,"Valor com BDI =>",null,10.77]
[{"$nulls":6},"Quant. =>","10,00","Preço Total =>",{"v":107.7,"d":"107.70"}]
[]
[" 64 ","Código","Banco","Descrição","Tipo",null,"Und","Quant.","Valor Unit","Total"]
["Composição"," PRQ225 ","Próprio","Serviços de Dedetização englobando desinsetização, desratização, descupinização e desinfecção. Método \"Spray, Fog e Gel\". (Área aproximada da edificação 220 M2)","SEDI - SERVIÇOS DIVERSOS",null,"UN",{"v":1,"d":"1.0000000"},{"v":250.8,"d":"250.80"},{"v":250.8,"d":"250.80"}]
["Insumo"," 00000225 ","Próprio","Serviços de Dedetização englobando desinsetização, desratização, descupinização e desinfecção. Método \"Spray, Fog e Gel\". (Área aproximada da edificação 220 M2)","Material",null,"UN",{"v":1,"d":"1.0000000"},{"v":250.8,"d":"250.80"},{"v":250.8,"d":"250.80"}]
[{"$nulls":4},"MO sem LS =>",{"v":0,"d":"0.00"},"LS =>",{"v":0,"d":"0.00"},"MO com LS =>",{"v":0,"d":"0.00"}]
[{"$nulls":4},"Valor do BDI =>",65.68,null,"Valor com BDI =>",null,316.48]
[{"$nulls":6},"Quant. =>","3,00","Preço Total =>",949.44]
[]
[" 65 ","Código","Banco","Descrição","Tipo",null,"Und","Quant.","Valor Unit","Total"]
["Composição"," PRQ226 ","Próprio","LUMINÁRIA TIPO PLAFON QUADRADA, DE EMBUTIR, COM LED DE 24 W - FORNECIMENTO E INSTALAÇÃO - Ref. SINAPI - 08/2025 - 103788","INEL - INSTALAÇÃO ELÉTRICA/ELETRIFICAÇÃO E ILUMINAÇÃO EXTERNA",null,"UN",{"v":1,"d":"1.0000000"},86.94,86.94]
["Composição Auxiliar"," 88247 ","SINAPI","AUXILIAR DE ELETRICISTA COM ENCARGOS COMPLEMENTARES","SEDI - SERVIÇOS DIVERSOS",null,"H",0.2013268,26.26,5.28]
["Composição Auxiliar"," 88264 ","SINAPI","ELETRICISTA COM ENCARGOS COMPLEMENTARES","SEDI - SERVIÇOS DIVERSOS",null,"H",0.6442457,33.09,21.31]
["Insumo"," 14479 ","ORSE","Luminária plafon de embutir em LED 29.5x29.5 cm, 24w 4000K bivolt, Avant ou similar","Material",null,"un",{"v":1,"d":"1.0000000"},60.35,60.35]
[{"$nulls":4},"MO sem LS =>",18.91,"LS =>",{"v":0,"d":"0.00"},"MO com LS =>",18.91]
[{"$nulls":4},"Valor do BDI =>",22.76,null,"Valor com BDI =>",null,{"v":109.7,"d":"109.70"}]
[{"$nulls":6},"Quant. =>","4,00","Preço Total =>",{"v":438.8,"d":"438.80"}]
[]
[]
[{"$nulls":5},"Total sem BDI",{"$nulls":3},{"v":33059.33,"d":"R$ 33,059.33"}]
[{"$nulls":5},"Total do BDI",{"$nulls":3},{"v":8653.11,"d":"R$ 8,653.11"}]
[{"$nulls":5},"Total Geral",{"$nulls":3},{"v":41712.44,"d":"R$ 41,712.44"}]
[]
["_______________________________________________________________\n"]